(ランダム20問)駅名→市区町村 - Statistics

General Stats
  • This quiz has been taken 1,443 times
    1,429 since last reset
  • The average score is 8 of 20
Answer Stats
駅名 市区町村 % Correct
大沼 七飯町
100%
目名 蘭越町
100%
然別 仁木町
100%
星置 札幌市
100%
発寒 札幌市
100%
豊沼 砂川市
100%
近文 旭川市
100%
洞爺 洞爺湖町
100%
北舟岡 伊達市
100%
崎守 室蘭市
100%
母恋 室蘭市
100%
遠浅 安平町
100%
大成 芽室町
100%
利別 池田町
100%
庶路 白糠町
100%
大楽毛 釧路市
100%
姉別 浜中町
100%
厚床 根室市
100%
長都 千歳市
100%
平和 札幌市
100%
トマム 占冠村
100%
鵡川 むかわ町
100%
篠路 札幌市
100%
あいの里教育大 札幌市
100%
太美 当別町
100%
北一已 深川市
100%
千代ケ岡 旭川市
100%
永山 旭川市
100%
塩狩 和寒町
100%
智恵文 名寄市
100%
天塩川温泉 音威子府村
100%
雄信内 幌延町
100%
白滝 遠軽町
100%
女満別 大空町
100%
原生花園 小清水町
100%
川湯温泉 弟子屈町
100%
十文字 横手市
100%
羽後境 大仙市
100%
泉外旭川 秋田市
100%
土崎 秋田市
100%
二ツ井 能代市
100%
下川沿 大館市
100%
津軽湯の沢 平川市
100%
陸奥森田 つがる市
100%
左堰 青森市
100%
三厩 外ヶ浜町
100%
鷹ノ巣 北秋田市
100%
ほっとゆだ 西和賀町
100%
小松川 横手市
100%
鷹巣 北秋田市
100%
区界 宮古市
100%
松草 宮古市
100%
茂市 宮古市
100%
箱石 宮古市
100%
新津 新潟市
100%
大船渡市
100%
中条 胎内市
100%
小岩川 鶴岡市
100%
藤島 鶴岡市
100%
余目 庄内町
100%
羽後本荘 由利本荘市
100%
天王 潟上市
100%
笹木野 福島市
100%
庭坂 福島市
100%
赤湯 南陽市
100%
高擶 天童市
100%
越後片貝 関川村
100%
羽前前波 新庄市
100%
川渡温泉 大崎市
100%
宮城野原 仙台市
100%
苦竹 仙台市
100%
陸前富山 松島町
100%
矢本 東松島市
100%
佳景山 石巻市
100%
喜久田 郡山市
100%
磐梯熱海 郡山市
100%
中山宿 郡山市
100%
川桁 猪苗代町
100%
翁島 猪苗代町
100%
塔寺 会津坂下町
100%
大越 田村市
100%
油島 一関市
100%
有壁 栗原市
100%
陸中折居 奥州市
100%
岩手飯岡 盛岡市
100%
新橋 港区
100%
品川 港区
100%
茅ケ崎 茅ヶ崎市
100%
五反田 品川区
100%
巣鴨 豊島区
100%
鶯谷 台東区
100%
佐貫 龍ケ崎市
100%
高輪ゲートウェイ 港区
100%
登戸 川崎市
100%
稲田堤 川崎市
100%
南多摩 稲城市
100%
上北町 東北町
100%
西府 府中市
100%
分倍河原 府中市
100%
国道 横浜市
100%
浅野 横浜市
100%
昭和 川崎市
100%
西浦和 さいたま市
100%
東浦和 さいたま市
100%
鴨居 横浜市
100%
西大井 品川区
100%
北茅ケ崎 茅ヶ崎市
100%
門沢橋 海老名市
100%
下溝 相模原市
100%
上溝 相模原市
100%
吉祥寺 武蔵野市
100%
藤野 相模原市
100%
長町 仙台市
100%
猿橋 大月市
100%
笹子 大月市
100%
勝沼ぶどう郷 甲州市
100%
塩崎 甲斐市
100%
川岸 岡谷市
100%
千駄ケ谷 渋谷区
100%
水道橋 千代田区
100%
浅草橋 台東区
100%
新小岩 葛飾区
100%
小岩 江戸川区
100%
下総中山 船橋市
100%
稲毛 千葉市
100%
飯岡 旭市
100%
河辺 青梅市
100%
二俣尾 青梅市
100%
武蔵増戸 あきる野市
100%
倉賀野 高崎市
100%
浦和 さいたま市
100%
大宮 さいたま市
100%
東京 千代田区
100%
京急鶴見 横浜市
100%
宝積寺 高根沢町
100%
大船 鎌倉市
100%
西那須野 那須塩原市
100%
北小金 松戸市
100%
藤代 取手市
100%
ひたち野うしく 牛久市
100%
十王 日立市
100%
南与野 さいたま市
100%
北与野 さいたま市
100%
西大宮 さいたま市
100%
岡部 深谷市
100%
大網 大網白里市
100%
原ノ町 南相馬市
100%
行川アイランド 勝浦市
100%
八幡宿 市原市
100%
巌根 木更津市
100%
潮見 江東区
100%
幕張豊砂 千葉市
100%
稲毛海岸 千葉市
100%
佐原 香取市
100%
水郷 香取市
100%
鹿島サッカースタジアム(臨) 鹿嶋市
100%
上総亀山 君津市
100%
福俵 東金市
100%
求名 東金市
100%
与野 さいたま市
100%
北浦和 さいたま市
100%
烏山 那須烏山市
100%
万座・鹿沢口 嬬恋村
100%
福原 笠間市
100%
文挟 日光市
100%
岩宿 みどり市
100%
大平下 栃木市
100%
敷島 渋川市
100%
後閑 みなかみ町
100%
湯檜曽 みなかみ町
100%
石打 南魚沼市
100%
上越国際スキー場前 南魚沼市
100%
八色 南魚沼市
100%
海尻 南牧村
100%
相模湖 相模原市
100%
稲子 富士宮市
100%
内船 南部町
100%
甲斐住吉 甲府市
100%
犀潟 上越市
100%
青海川 柏崎市
100%
越後岩塚 長岡市
100%
南古谷 川越市
100%
上桑名川 飯山市
100%
二俣新町 市川市
100%
森宮野原 栄村
100%
越後鹿渡 津南町
100%
内ケ巻 小千谷市
100%
新潟市
100%
島高松 松本市
100%
一日市場 安曇野市
100%
姫川 糸魚川市
100%
野尻 大桑村
100%
姨捨 千曲市
100%
京急東神奈川 横浜市
100%
久里浜 横須賀市
100%
三河大野 新城市
100%
佐久間 浜松市
100%
城西 浜松市
100%
大嵐 浜松市
100%
沢渡 伊那市
100%
木ノ本 長浜市
100%
御茶ノ水 千代田区
100%
上麻生 七宗町
100%
飛騨萩原 下呂市
100%
上呂 下呂市
100%
飛騨小坂 下呂市
100%
福光 南砺市
100%
越中中川 高岡市
100%
神保町 千代田区
100%
越前田野 大野市
100%
上中 若狭町
100%
吉原 富士市
100%
内幸町 千代田区
100%
弁天島 浜松市
100%
岩本町 千代田区
100%
三河大塚 蒲郡市
100%
永田町 千代田区
100%
尾頭橋 名古屋市
100%
清洲 稲沢市
100%
美濃赤坂 大垣市
100%
来宮 熱海市
100%
網代 熱海市
100%
大岡 沼津市
100%
富田浜 四日市市
100%
河曲 鈴鹿市
100%
加佐登 鈴鹿市
100%
月ケ瀬口 南山城村
100%
相賀 紀北町
100%
新鹿 熊野市
100%
波田須 熊野市
100%
甲西 湖南市
100%
五十鈴ケ丘 伊勢市
100%
伊勢八太 津市
100%
伊勢川口 津市
100%
稲枝 彦根市
100%
安土 近江八幡市
100%
馬喰町 中央区
100%
東淀川 大阪市
100%
さくら夙川 西宮市
100%
摂津本山 神戸市
100%
六甲道 神戸市
100%
新日本橋 中央区
100%
堅田 大津市
100%
和邇 大津市
100%
東日本橋 中央区
100%
今宮 大阪市
100%
三ノ宮 神戸市
100%
兵庫 神戸市
100%
三石 備前市
100%
王子 北区
100%
庭瀬 岡山市
100%
中庄 倉敷市
100%
王子駅前 北区
100%
西阿知 倉敷市
100%
新子安 横浜市
100%
京急新子安 横浜市
100%
大野浦 廿日市市
100%
藤生 岩国市
100%
由宇 岩国市
100%
柳瀬川 志木市
100%
徳山 周南市
100%
大道 防府市
100%
厚狭 山陽小野田市
100%
小月 下関市
100%
幡生 下関市
100%
門司 北九州市
100%
馬堀 亀岡市
100%
網干 姫路市
100%
福部 鳥取市
100%
河口湖 富士河口湖町
100%
金谷 島田市
100%
下北条 北栄町
100%
JR藤森 京都市
100%
西九条 大阪市
100%
鶴橋 大阪市
100%
浜松町 港区
100%
安治川口 大阪市
100%
ユニバーサルシティ 大阪市
100%
浅香 堺市
100%
堺市
100%
和泉橋本 貝塚市
100%
紀伊 和歌山市
100%
紀伊中ノ島 和歌山市
100%
りんくうタウン 泉佐野市
100%
香住 香美町
100%
香美町
100%
久谷 新温泉町
100%
下山口 所沢市
100%
生瀬 西宮市
100%
武田尾 宝塚市
100%
道場 神戸市
100%
西大寺 岡山市
100%
日岡 加古川市
100%
久世 真庭市
100%
北宇智 五條市
100%
妙寺 かつらぎ町
100%
紀伊小倉 和歌山市
100%
櫟本 天理市
100%
三輪崎 新宮市
100%
紀三井寺 和歌山市
100%
城北公園通 大阪市
100%
玉造温泉 松江市
100%
宍道 松江市
100%
那加 各務原市
100%
東觜崎 たつの市
100%
温泉津 大田市
100%
御徒町 台東区
100%
須佐 萩市
100%
木与 阿武町
100%
方谷 高梁市
100%
井倉 新見市
100%
備中神代 新見市
100%
生山 日南町
100%
郡家 八頭町
100%
国英 鳥取市
100%
仲御徒町 台東区
100%
弓ケ浜 米子市
100%
南宍道 松江市
100%
出雲横田 奥出雲町
100%
八川 奥出雲町
100%
周防下郷 山口市
100%
仁保津 山口市
100%
湯田温泉 山口市
100%
日原 津和野町
100%
錦糸町 墨田区
100%
吉備津 岡山市
100%
備中高松 岡山市
100%
服部 総社市
100%
東城 庄原市
100%
道後山 庄原市
100%
播磨新宮 たつの市
100%
狩留家 広島市
100%
矢賀 広島市
100%
備前原 岡山市
100%
大乗 竹原市
100%
呉市
100%
かるが浜 呉市
100%
小屋浦 坂町
100%
河戸帆待川 広島市
100%
あき亀山 広島市
100%
厚保 美祢市
100%
南小野田 山陽小野田市
100%
小歩危 三好市
100%
土佐北川 大豊町
100%
繁藤 香美市
100%
東陽町 江東区
100%
後免 南国市
100%
薊野 高知市
100%
新鵜沼 各務原市
100%
窪川 四万十町
100%
三日月 佐用町
100%
讃岐相生 東かがわ市
100%
池谷 鳴門市
100%
立道 鳴門市
100%
讃岐塩屋 丸亀市
100%
伊予土居 四国中央市
100%
壬生川 西条市
100%
伊予富田 今治市
100%
市坪 松山市
100%
伊予市
100%
伊予平野 大洲市
100%
大井町 品川区
100%
伊予吉田 宇和島市
100%
九州工大前 北九州市
100%
戸畑 北九州市
100%
折尾 北九州市
100%
九産大前 福岡市
100%
都府楼南 太宰府市
100%
二日市 筑紫野市
100%
弥生が丘 鳥栖市
100%
羽犬塚 筑後市
100%
瀬高 みやま市
100%
南瀬高 みやま市
100%
田原坂 熊本市
100%
八田 名古屋市
100%
富合 熊本市
100%
東市来 日置市
100%
伊賀屋 佐賀市
100%
バルーンさが 佐賀市
100%
肥前大浦 太良町
100%
小波瀬西工大前 苅田町
100%
重岡 佐伯市
100%
宗太郎 佐伯市
100%
錦江 姶良市
100%
帖佐 姶良市
100%
門松 粕屋町
100%
筑前前原 糸島市
100%
虹ノ松原 唐津市
100%
鯰田 飯塚市
100%
豊後三芳 日田市
100%
香呂 姫路市
100%
海ノ中道 福岡市
100%
早岐 佐世保市
100%
大塔 佐世保市
100%
水前寺 熊本市
100%
波野 阿蘇市
100%
大畑 人吉市
100%
真幸 えびの市
100%
折生迫 宮崎市
100%
南郷 日南市
100%
桜新町 世田谷区
100%
鶴丸 湧水町
100%
一志 津市
100%
石山 大津市
100%
山川 指宿市
100%
薩摩川尻 指宿市
100%
東開聞 指宿市
100%
北池袋 豊島区
100%
東武練馬 板橋区
100%
志木 新座市
100%
とうきょうスカイツリー 墨田区
100%
堀切 足立区
100%
京阪山科 京都市
100%
五反野 足立区
100%
西新井 足立区
100%
竹ノ塚 足立区
100%
谷塚 草加市
100%
蒲生 越谷市
100%
山科 京都市
100%
東武和泉 足利市
100%
下今市 日光市
100%
岩槻 さいたま市
100%
藤の牛島 春日部市
100%
豊四季 柏市
100%
鎌ヶ谷 鎌ケ谷市
100%
武州唐沢 越生町
100%
大谷向 日光市
100%
東武ワールドスクウェア 日光市
100%
方南町 杉並区
100%
石神井公園 練馬区
100%
大泉学園 練馬区
100%
ひばりヶ丘 西東京市
100%
秋津 東村山市
100%
小手指 所沢市
100%
吾野 飯能市
100%
みどり湖 塩尻市
100%
中井 新宿区
100%
都立家政 中野区
100%
上井草 杉並区
100%
恋ヶ窪 国分寺市
100%
白糸台 府中市
100%
京成上野 台東区
100%
千住大橋 足立区
100%
京成高砂 葛飾区
100%
京成中山 船橋市
100%
京成西船 船橋市
100%
梅田 大阪市
100%
谷津 習志野市
100%
京成津田沼 習志野市
100%
東梅田 大阪市
100%
ユーカリが丘 佐倉市
100%
宗吾参道 酒々井町
100%
京成曳舟 墨田区
100%
八広 墨田区
100%
四ツ木 葛飾区
100%
京成立石 葛飾区
100%
検見川 千葉市
100%
京成稲毛 千葉市
100%
西登戸 千葉市
100%
ちはら台 市原市
100%
笹塚 渋谷区
100%
代田橋 世田谷区
100%
桜上水 世田谷区
100%
つつじヶ丘 調布市
100%
飛田給 調布市
100%
京王稲田堤 川崎市
100%
多摩境 町田市
100%
駒場東大前 目黒区
100%
西永福 杉並区
100%
高井戸 杉並区
100%
南新宿 渋谷区
100%
代々木上原 渋谷区
100%
東北沢 世田谷区
100%
喜多見 世田谷区
100%
向ヶ丘遊園 川崎市
100%
読売ランド前 川崎市
100%
百合ヶ丘 川崎市
100%
栢山 小田原市
100%
螢田 小田原市
100%
中央林間 大和市
100%
桜ヶ丘 大和市
100%
片瀬江ノ島 藤沢市
100%
田園調布 大田区
100%
元住吉 川崎市
100%
東白楽 横浜市
100%
駒沢大学 世田谷区
100%
新加美 大阪市
100%
宮前平 川崎市
100%
あざみ野 横浜市
100%
天王寺 大阪市
100%
すずかけ台 町田市
100%
等々力 世田谷区
100%
上野毛 世田谷区
100%
大崎広小路 品川区
100%
雪が谷大塚 大田区
100%
久が原 大田区
100%
京成金町 葛飾区
100%
大森海岸 品川区
100%
六郷土手 大田区
100%
新今宮 大阪市
100%
鶴見市場 横浜市
100%
桜木町 横浜市
100%
神奈川 横浜市
100%
反町 横浜市
100%
南太田 横浜市
100%
井土ヶ谷 横浜市
100%
京急富岡 横浜市
100%
能見台 横浜市
100%
金沢文庫 横浜市
100%
追浜 横須賀市
100%
京急田浦 横須賀市
100%
堀ノ内 横須賀市
100%
馬堀海岸 横須賀市
100%
神奈川新町 横浜市
100%
小島新田 川崎市
100%
新大津 横須賀市
100%
北久里浜 横須賀市
100%
夙川 西宮市
100%
三崎口 三浦市
100%
六甲 神戸市
100%
溜池山王 千代田区
100%
表参道 港区
100%
国会議事堂前 千代田区
100%
新高円寺 杉並区
100%
南阿佐ケ谷 杉並区
100%
天王町 横浜市
100%
南行徳 市川市
100%
原木中山 船橋市
100%
横川駅 広島市
100%
赤羽岩淵 北区
100%
志茂 北区
100%
六本木一丁目 港区
100%
白金台 港区
100%
西早稲田 新宿区
100%
平沼橋 横浜市
100%
二俣川 横浜市
100%
希望ヶ丘 横浜市
100%
三ツ境 横浜市
100%
弥生台 横浜市
100%
鳴海 名古屋市
100%
国府宮 稲沢市
100%
今伊勢 一宮市
100%
新木曽川 一宮市
100%
碧海古井 安城市
100%
竹村 豊田市
100%
玉川上水 立川市
100%
緑町 小田原市
100%
小幡 名古屋市
100%
佐屋 愛西市
100%
坂町 村上市
100%
八瀬比叡山口 京都市
100%
三柿野 各務原市
100%
手力 岐阜市
100%
味岡 小牧市
100%
南宿 羽島市
100%
広電阿品 廿日市市
100%
大和八木 橿原市
100%
畝傍御陵前 橿原市
100%
針中野 大阪市
100%
道明寺 藤井寺市
100%
二上神社口 葛城市
100%
嵯峨嵐山 京都市
100%
恩智 八尾市
100%
朝菜町 富山市
100%
飛鳥 明日香村
100%
大和上市 吉野町
100%
犬島新町 富山市
100%
五十鈴川 伊勢市
100%
賢島 志摩市
100%
東花園 東大阪市
100%
新大宮 奈良市
100%
新石切 東大阪市
100%
東寺 京都市
100%
新福島 大阪市
100%
海老江 大阪市
100%
近鉄富田 四日市市
100%
白子 鈴鹿市
100%
難波 大阪市
100%
天下茶屋 大阪市
100%
二色浜 貝塚市
100%
孝子 岬町
100%
今宮戎 大阪市
100%
新能町 高岡市
100%
我孫子前 大阪市
100%
浅香山 堺市
100%
紀見峠 橋本市
100%
紀伊清水 橋本市
100%
紀伊細川 高野町
100%
JR俊徳道 東大阪市
100%
樟葉 枚方市
100%
光善寺 枚方市
100%
河内森 交野市
100%
石山寺 大津市
100%
一条橋 高知市
100%
松原湖 小海町
100%
松ノ馬場 大津市
100%
雲雀丘花屋敷 宝塚市
100%
門戸厄神 西宮市
100%
洛西口 京都市
100%
総持寺 茨木市
100%
正雀 摂津市
100%
崇禅寺 大阪市
100%
仁川 宝塚市
100%
甲陽園 西宮市
100%
大物 尼崎市
100%
淀川 大阪市
100%
姫島 大阪市
100%
千鳥橋 大阪市
100%
井尻 福岡市
100%
味坂 小郡市
100%
津福 久留米市
100%
三潴 久留米市
100%
西鉄五条 太宰府市
100%
香椎宮前 福岡市
100%
西28丁目 札幌市
100%
大通 札幌市
100%
北18条 札幌市
100%
北12条 札幌市
100%
郡中港 伊予市
100%
新道東 札幌市
100%
西8丁目 札幌市
100%
門司港 北九州市
100%
西線11条 札幌市
100%
東屯田通 札幌市
100%
依那古 伊賀市
100%
春日居町 笛吹市
100%
五稜郭公園前 函館市
100%
九州鉄道記念館 北九州市
100%
十字街 函館市
100%
金木 五所川原市
100%
柏農高校前 平川市
100%
黒崎駅前 北九州市
100%
弘高下 弘前市
100%
渋民 盛岡市
100%
いわて沼宮内 岩手町
100%
斗米 二戸市
100%
目時 三戸町
100%
田老 宮古市
100%
陸中宇部 久慈市
100%
桂瀬 北秋田市
100%
笑内 北秋田市
100%
岩代清水 福島市
100%
南若松 会津若松市
100%
芦ノ牧温泉 会津若松市
100%
会津長野 南会津町
100%
会津荒海 南会津町
100%
会津山村道場 南会津町
100%
杜せきのした 名取市
100%
六丁の目 仙台市
100%
蔵前 台東区
100%
築地市場 中央区
100%
天満橋 大阪市
100%
西浦上 長崎市
100%
音羽町 静岡市
100%
千石 文京区
100%
志村三丁目 板橋区
100%
新高島平 板橋区
100%
西高島平 板橋区
100%
曙橋 新宿区
100%
新水前寺 熊本市
100%
新水前寺駅前 熊本市
100%
西大島 江東区
100%
東大島 江東区
100%
三ノ輪橋 荒川区
100%
町屋二丁目 荒川区
100%
飛鳥山 北区
100%
滝野川一丁目 北区
100%
巣鴨新田 豊島区
100%
都電雑司ヶ谷 豊島区
100%
面影橋 新宿区
100%
ソシオ流通センター 熊谷市
100%
ふかや花園 深谷市
100%
南鳩ヶ谷 川口市
100%
みなとみらい 横浜市
100%
東京ビッグサイト 江東区
100%
有明テニスの森 江東区
100%
上神梅 みどり市
100%
間藤 日光市
100%
大雄山 南足柄市
100%
磯崎 ひたちなか市
100%
工機前 ひたちなか市
100%
四条大宮 京都市
100%
大同町 名古屋市
100%
地下鉄赤塚 練馬区
100%
港南中央 横浜市
100%
海の公園柴口 横浜市
100%
地下鉄成増 板橋区
100%
鵠沼 藤沢市
100%
湘南海岸公園 藤沢市
100%
押上〈スカイツリー前〉 墨田区
100%
由比ヶ浜 鎌倉市
100%
志久 伊奈町
100%
内宿 伊奈町
100%
涸沼 鉾田市
100%
浜名湖佐久米 浜松市
100%
大洋 鉾田市
100%
鹿島灘 鹿嶋市
100%
上総鶴舞 市原市
100%
湘南町屋 鎌倉市
100%
神農原 富岡市
100%
新津田沼 習志野市
100%
鎌ヶ谷大仏 鎌ケ谷市
100%
作草部 千葉市
100%
鰭ヶ崎 流山市
100%
松が谷 八王子市
100%
甲州街道 日野市
100%
柴崎体育館 立川市
100%
熱田神宮伝馬町 名古屋市
100%
桜街道 東大和市
100%
君ヶ浜 銚子市
100%
箱根板橋 小田原市
100%
彫刻の森 箱根町
100%
湯西川温泉 日光市
100%
上三依塩原温泉口 日光市
100%
赤土小学校前 荒川区
100%
舎人公園 足立区
100%
船町 豊橋市
100%
中強羅 箱根町
100%
飛山城跡 宇都宮市
100%
ゆいの杜中央 宇都宮市
100%
下吉田 富士吉田市
100%
富士急ハイランド 富士河口湖町
100%
奥浜名湖 浜松市
100%
美佐島 十日町市
100%
別所温泉 上田市
100%
朝陽 長野市
100%
越中荏原 富山市
100%
西加積 滑川市
100%
綱島 横浜市
100%
浜加積 滑川市
100%
電鉄石田 黒部市
100%
新綱島 横浜市
100%
戸越銀座 品川区
100%
会津高原尾瀬口 南会津町
100%
黒薙 黒部市
100%
欅平 黒部市
100%
虎ノ門 港区
100%
虎ノ門ヒルズ 港区
100%
膳所本町 大津市
100%
志貴野中学校前 高岡市
100%
赤坂見附 港区
100%
陽羽里 白山市
100%
道法寺 白山市
100%
熊野前 荒川区
100%
上諸江 金沢市
100%
越前新保 福井市
100%
志比堺 永平寺町
100%
越前野中 永平寺町
100%
発坂 勝山市
100%
新田塚 福井市
100%
西春江ハートピア 坂井市
100%
三国港 坂井市
100%
北府 越前市
100%
赤十字前 福井市
100%
えちご押上ひすい海岸 糸魚川市
100%
呉羽 富山市
100%
生地 黒部市
100%
大聖寺 加賀市
100%
丸岡 坂井市
100%
我孫子町 大阪市
100%
修善寺 伊豆市
100%
岳南江尾 富士市
100%
沢ノ町 大阪市
100%
戸綿 森町
100%
天竜二俣 浜松市
100%
岩水寺 浜松市
100%
常葉大学前 浜松市
100%
三ヶ日 浜松市
100%
第一通り 浜松市
100%
遠州西ヶ崎 浜松市
100%
川根両国 川根本町
100%
湖山 鳥取市
100%
稲永 名古屋市
100%
野跡 名古屋市
100%
三河上郷 豊田市
100%
岩塚 名古屋市
100%
池下 名古屋市
100%
覚王山 名古屋市
100%
名城公園 名古屋市
100%
東別院 名古屋市
100%
松屋町 大阪市
100%
八事日赤 名古屋市
100%
印旛日本医大 印西市
100%
庄内緑地公園 名古屋市
100%
いりなか 名古屋市
100%
瑞穂運動場西 名古屋市
100%
神沢 名古屋市
100%
なんば 大阪市
100%
梅山 美濃市
100%
美濃白鳥 郡上市
100%
桃山御陵前 京都市
100%
住吉鳥居前 大阪市
100%
中百舌鳥 堺市
100%
ひこね芹川 彦根市
100%
新八日市 東近江市
100%
トロッコ嵐山 京都市
100%
修学院 京都市
100%
荒河かしの木台 福知山市
100%
天橋立 宮津市
100%
網野 京丹後市
100%
久美浜 京丹後市
100%
新開地 神戸市
100%
三条京阪 京都市
100%
今出川 京都市
100%
烏丸御池 京都市
100%
祇園四条 京都市
100%
椥辻 京都市
100%
太秦広隆寺 京都市
100%
撮影所前 京都市
100%
江坂 吹田市
100%
石才 貝塚市
100%
清児 貝塚市
100%
東三国 大阪市
100%
心斎橋 大阪市
100%
新金岡 堺市
100%
阿倍野 大阪市
100%
出戸 大阪市
100%
岸里 大阪市
100%
北加賀屋 大阪市
100%
阿波座 大阪市
100%
深江橋 大阪市
100%
長堀橋 大阪市
100%
蒲生四丁目 大阪市
100%
トレードセンター前 大阪市
100%
フェリーターミナル 大阪市
100%
南港東 大阪市
100%
柴原阪大前 豊中市
100%
少路 豊中市
100%
石津北 堺市
100%
箕谷 神戸市
100%
有馬口 神戸市
100%
志染 三木市
100%
須磨寺 神戸市
100%
舞子公園 神戸市
100%
野江 大阪市
100%
猿猴橋町 広島市
100%
JR野江 大阪市
100%
なにわ橋 大阪市
100%
山陽網干 姫路市
100%
粟生 小野市
100%
あわくら温泉 西粟倉村
100%
加西市
100%
肥後橋 大阪市
100%
四条 京都市
100%
瑞光四丁目 大阪市
100%
西中島南方 大阪市
100%
中央市場前 神戸市
100%
みなと元町 神戸市
100%
水島 倉敷市
100%
三宮・花時計前 神戸市
100%
東山・おかでんミュージアム駅 岡山市
100%
本通 広島市
100%
中公園 神戸市
100%
中筋 広島市
100%
伴中央 広島市
100%
舟入町 広島市
100%
魚崎 神戸市
100%
広電本社前 広島市
100%
宇品五丁目 広島市
100%
原爆ドーム前 広島市
100%
楽々園 広島市
100%
JA広島病院前 廿日市市
100%
江波 広島市
100%
湘南江の島 藤沢市
100%
空港通り 高松市
100%
宇奈月温泉 黒部市
100%
琴電屋島 高松市
100%
牛渕団地前 東温市
100%
アイランドセンター 神戸市
100%
上一万 松山市
100%
曙町東町 高知市
100%
後免東町 南国市
100%
知寄町二丁目 高知市
100%
旭町一丁目 高知市
100%
旭駅前通 高知市
100%
朝倉神社前 高知市
100%
蓮池町通 高知市
100%
桟橋通五丁目 高知市
100%
油須原 赤村
100%
千代県庁口 福岡市
100%
七隈 福岡市
100%
香春口三萩野 北九州市
100%
いのつき 佐世保市
100%
平和公園 長崎市
100%
大浦天主堂 長崎市
100%
藤崎宮前 熊本市
100%
阿蘇白川 南阿蘇村
100%
段山町 熊本市
100%
水前寺公園 熊本市
100%
朝日通 鹿児島市
100%
鴨池 鹿児島市
100%
加治屋町 鹿児島市
100%
首里 那覇市
100%
出光美術館 北九州市
100%
関門海峡めかり 北九州市
100%
鴫野 大阪市
75%
吉備真備 倉敷市
75%
鱒浦 網走市
67%
片倉 八王子市
67%
湯本 いわき市
67%
群馬総社 前橋市
67%
水窪 浜松市
67%
薩摩今和泉 指宿市
67%
小竹向原 練馬区
67%
おゆみ野 千葉市
67%
氷川台 練馬区
67%
前後 豊明市
67%
中の島 札幌市
67%
小前田 深谷市
67%
永平寺町
67%
嵐電嵯峨 京都市
67%
江迎鹿町 佐世保市
67%
桔梗 函館市
50%
豊幌 江別市
50%
沼ノ端 苫小牧市
50%
蘭留 比布町
50%
摩周 弟子屈町
50%
鹿渡 三種町
50%
浪岡 青森市
50%
鳥形 能代市
50%
蟹田 外ヶ浜町
50%
春木場 雫石町
50%
田沢湖 仙北市
50%
北大曲 大仙市
50%
湯瀬温泉 鹿角市
50%
平木田 胎内市
50%
杉並町 函館市
50%
東北福祉大前 仙台市
50%
愛子 仙台市
50%
陸前谷地 美里町
50%
池月 大崎市
50%
小鶴新田 仙台市
50%
下馬 多賀城市
50%
会津川口 金山町
50%
新白河 西郷村
50%
瀬峰 栗原市
50%
辻堂 藤沢市
50%
大塚駅前 豊島区
50%
小机 横浜市
50%
成瀬 町田市
50%
西荻窪 杉並区
50%
武蔵境 武蔵野市
50%
尾久 北区
50%
栗橋 久喜市
50%
亀有 葛飾区
50%
七日町 会津若松市
50%
誉田 千葉市
50%
北堀之内 魚沼市
50%
滑津 佐久市
50%
北中込 佐久市
50%
源道寺 富士宮市
50%
金手 甲府市
50%
亀田 新潟市
50%
信濃浅野 長野市
50%
本長篠 新城市
50%
高月 長浜市
50%
近江塩津 長浜市
50%
新疋田 敦賀市
50%
三方 若狭町
50%
粟野 敦賀市
50%
阿曽 大紀町
50%
三雲 湖南市
50%
宮川 伊勢市
50%
幕張本郷 千葉市
50%
近江舞子 大津市
50%
安曇川 高島市
50%
鶴舞 名古屋市
50%
河内 東広島市
50%
安栖里 京丹波町
50%
城崎温泉 豊岡市
50%
芦原橋 大阪市
50%
桃谷 大阪市
50%
駅前 豊橋市
50%
美章園 大阪市
50%
新家 泉南市
50%
和泉鳥取 阪南市
50%
社町 加東市
50%
隅田 橋本市
50%
畝傍 橿原市
50%
下津 海南市
50%
清音 総社市
50%
上野御徒町 台東区
50%
大歳 山口市
50%
長門峡 山口市
50%
宇野 玉野市
50%
矢神 新見市
50%
小奴可 庄原市
50%
上深川 広島市
50%
天応 呉市
50%
吉舎 三次市
50%
三良坂 三次市
50%
琴芝 宇部市
50%
新那加 各務原市
50%
土佐山田 香美市
50%
屋島 高松市
50%
津島ノ宮 三豊市
50%
伊予小松 西条市
50%
スペースワールド 北九州市
50%
海老津 岡垣町
50%
肥前飯田 鹿島市
50%
佐志生 臼杵市
50%
上月 佐用町
50%
竜ケ水 鹿児島市
50%
瀬々串 鹿児島市
50%
上町 世田谷区
50%
新河岸 川越市
50%
鉢形 寄居町
50%
せんげん台 越谷市
50%
梅郷 野田市
50%
篠塚 邑楽町
50%
東長崎 豊島区
50%
豊島園 練馬区
50%
田無 西東京市
50%
航空公園 所沢市
50%
萩山 東村山市
50%
西武園 東村山市
50%
お花茶屋 葛飾区
50%
富水 小田原市
50%
栗平 川崎市
50%
新丸子 川崎市
50%
白楽 横浜市
50%
つくし野 町田市
50%
池上 大田区
50%
下丸子 大田区
50%
県立大学 横須賀市
50%
新大塚 文京区
50%
千駄木 文京区
50%
猿投 豊田市
50%
幡ヶ谷 渋谷区
50%
苅安賀 一宮市
50%
大山寺 岩倉市
50%
二十軒 各務原市
50%
長瀬 東大阪市
50%
岡寺 橿原市
50%
西日野 四日市市
50%
近鉄新庄 葛城市
50%
枚岡 東大阪市
50%
和泉大宮 岸和田市
50%
羽倉崎 泉佐野市
50%
百舌鳥八幡 堺市
50%
西三荘 門真市
50%
琴電志度 さぬき市
50%
東鳴尾 西宮市
50%
西鉄平尾 福岡市
50%
白木原 大野城市
50%
南郷7丁目 札幌市
50%
千代台 函館市
50%
五農校前 五所川原市
50%
愛宕橋 仙台市
50%
御成門 港区
50%
浦上駅前 長崎市
50%
西巣鴨 豊島区
50%
並木北 横浜市
50%
根小屋 高崎市
50%
上州一ノ宮 富岡市
50%
七井 益子町
50%
動物公園 千葉市
50%
流通センター 大田区
50%
都筑ふれあいの丘 横浜市
50%
寿 富士吉田市
50%
信濃竹原 中野市
50%
越中三郷 富山市
50%
内山 黒部市
50%
能登鹿島 穴水町
50%
谷浜 上越市
50%
福岡 高岡市
50%
越中宮崎 朝日町
50%
県総合運動場 静岡市
50%
塩郷 川根本町
50%
荒子川公園 名古屋市
50%
中村公園 名古屋市
50%
妙音通 名古屋市
50%
東海通 名古屋市
50%
浜寺公園 堺市
50%
スクリーン 彦根市
50%
北大路 京都市
50%
大篠津町 米子市
50%
伊保 高砂市
50%
丹後神崎 舞鶴市
50%
西川緑道公園 岡山市
50%
萱町六丁目 松山市
50%
葛島橋東詰 高知市
50%
上町一丁目 高知市
50%
宮の奥 高知市
50%
西新 福岡市
50%
野芥 福岡市
50%
九品寺交差点 熊本市
50%
三重町 豊後大野市
50%
江部乙 滝川市
33%
大釈迦 青森市
33%
倉橋 旭市
33%
牛浜 福生市
33%
荻川 新潟市
33%
温田 泰阜村
33%
油日 甲賀市
33%
布施屋 和歌山市
33%
朝来 上富田町
33%
岸本 伯耆町
33%
川合高岡 津市
33%
多々良 館林市
33%
鷹の台 小平市
33%
奥沢 世田谷区
33%
糀谷 大田区
33%
善師野 犬山市
33%
滝井 守口市
33%
津軽中里 中泊町
33%
一之江 江戸川区
33%
仁愛女子高校 福井市
33%
西神中央 神戸市
33%
三会 島原市
33%
日奈久温泉 八代市
33%
北永山 旭川市
25%
熊本高専前 合志市
25%
五稜郭 函館市
0%
大中山 七飯町
0%
仁山 七飯町
0%
大沼公園 七飯町
0%
赤井川 森町
0%
駒ケ岳 森町
0%
渡島沼尻 森町
0%
渡島砂原 森町
0%
掛澗 森町
0%
尾白内 森町
0%
石倉 森町
0%
落部 八雲町
0%
野田生 八雲町
0%
山越 八雲町
0%
黒岩 八雲町
0%
国縫 長万部町
0%
二股 長万部町
0%
熱郛 黒松内町
0%
昆布 蘭越町
0%
比羅夫 倶知安町
0%
小沢 共和町
0%
銀山 仁木町
0%
蘭島 小樽市
0%
塩谷 小樽市
0%
朝里 小樽市
0%
銭函 小樽市
0%
ほしみ 札幌市
0%
稲穂 札幌市
0%
手稲 札幌市
0%
稲積公園 札幌市
0%
発寒中央 札幌市
0%
桑園 札幌市
0%
苗穂 札幌市
0%
厚別 札幌市
0%
大麻 江別市
0%
野幌 江別市
0%
幌向 岩見沢市
0%
上幌向 岩見沢市
0%
峰延 美唄市
0%
光珠内 美唄市
0%
茶志内 美唄市
0%
納内 深川市
0%
静狩 長万部町
0%
小幌 豊浦町
0%
礼文 豊浦町
0%
大岸 豊浦町
0%
有珠 伊達市
0%
長和 伊達市
0%
稀府 伊達市
0%
本輪西 室蘭市
0%
御崎 室蘭市
0%
輪西 室蘭市
0%
鷲別 登別市
0%
幌別 登別市
0%
虎杖浜 白老町
0%
竹浦 白老町
0%
北吉原 白老町
0%
萩野 白老町
0%
社台 白老町
0%
錦岡 苫小牧市
0%
糸井 苫小牧市
0%
青葉 苫小牧市
0%
早来 安平町
0%
古山 由仁町
0%
栗丘 岩見沢市
0%
栗沢 岩見沢市
0%
志文 岩見沢市
0%
茂尻 赤平市
0%
野花南 芦別市
0%
柏林台 帯広市
0%
札内 幕別町
0%
十弗 豊頃町
0%
新吉野 浦幌町
0%
厚内 浦幌町
0%
音別 釧路市
0%
西庶路 白糠町
0%
新大楽毛 釧路市
0%
別保 釧路町
0%
上尾幌 厚岸町
0%
尾幌 厚岸町
0%
門静 厚岸町
0%
茶内 浜中町
0%
別当賀 根室市
0%
落石 根室市
0%
昆布盛 根室市
0%
西和田 根室市
0%
植苗 苫小牧市
0%
サッポロビール庭園 恵庭市
0%
恵み野 恵庭市
0%
島松 恵庭市
0%
上野幌 札幌市
0%
川端 由仁町
0%
勇払 苫小牧市
0%
八軒 札幌市
0%
新琴似 札幌市
0%
太平 札幌市
0%
百合が原 札幌市
0%
拓北 札幌市
0%
あいの里公園 札幌市
0%
ロイズタウン 当別町
0%
北海道医療大学 当別町
0%
神楽岡 旭川市
0%
西御料 旭川市
0%
西瑞穂 旭川市
0%
西神楽 旭川市
0%
西聖和 旭川市
0%
美馬牛 美瑛町
0%
西中 中富良野町
0%
ラベンダー畑 中富良野町
0%
鹿討 中富良野町
0%
学田 富良野市
0%
多寄 士別市
0%
瑞穂 士別市
0%
風連 名寄市
0%
智北 名寄市
0%
咲来 音威子府村
0%
筬島 音威子府村
0%
佐久 中川町
0%
問寒別 幌延町
0%
糠南 幌延町
0%
下沼 幌延町
0%
兜沼 豊富町
0%
勇知 稚内市
0%
抜海 稚内市
0%
南永山 旭川市
0%
桜岡 旭川市
0%
伊香牛 当麻町
0%
安足間 愛別町
0%
丸瀬布 遠軽町
0%
瀬戸瀬 遠軽町
0%
安国 遠軽町
0%
生田原 遠軽町
0%
西留辺蘂 北見市
0%
留辺蘂 北見市
0%
相内 北見市
0%
東相内 北見市
0%
柏陽 北見市
0%
愛し野 北見市
0%
端野 北見市
0%
緋牛内 北見市
0%
西女満別 大空町
0%
呼人 網走市
0%
桂台 網走市
0%
藻琴 網走市
0%
止別 小清水町
0%
札弦 清里町
0%
清里町
0%
美留和 弟子屈町
0%
磯分内 標茶町
0%
茅沼 標茶町
0%
塘路 標茶町
0%
細岡 釧路町
0%
遠矢 釧路町
0%
中小国 外ヶ浜町
0%
さっぽろ 札幌市
0%
札苅 木古内町
0%
泉沢 木古内町
0%
釜谷 木古内町
0%
渡島当別 北斗市
0%
茂辺地 北斗市
0%
上磯 北斗市
0%
清川口 北斗市
0%
久根別 北斗市
0%
東久根別 北斗市
0%
七重浜 北斗市
0%
泉田 新庄市
0%
羽前豊里 鮭川村
0%
釜淵 真室川町
0%
大滝 真室川町
0%
及位 真室川町
0%
院内 湯沢市
0%
横堀 湯沢市
0%
三関 湯沢市
0%
青柳町 函館市
0%
後三年 美郷町
0%
飯詰 美郷町
0%
大曲 大仙市
0%
神宮寺 大仙市
0%
刈和野 大仙市
0%
峰吉川 大仙市
0%
大張野 秋田市
0%
和田 秋田市
0%
四ツ小屋 秋田市
0%
上飯島 秋田市
0%
羽後飯塚 潟上市
0%
鯉川 三種町
0%
森岳 三種町
0%
北金岡 三種町
0%
鶴形 能代市
0%
富根 能代市
0%
前山 北秋田市
0%
糠沢 北秋田市
0%
早口 大館市
0%
陣場 大館市
0%
碇ケ関 平川市
0%
長峰 大鰐町
0%
新さっぽろ 札幌市
0%
撫牛子 弘前市
0%
川部 田舎館村
0%
北常盤 藤崎町
0%
鶴ケ坂 青森市
0%
津軽新城 青森市
0%
有戸 野辺地町
0%
吹越 横浜町
0%
有畑 横浜町
0%
近川 むつ市
0%
金谷沢 むつ市
0%
赤川 むつ市
0%
下北 むつ市
0%
大湊 むつ市
0%
沢目 八峰町
0%
東八森 八峰町
0%
八森 八峰町
0%
滝ノ間 八峰町
0%
あきた白神 八峰町
0%
岩館 八峰町
0%
大間越 深浦町
0%
白神岳登山口 深浦町
0%
松神 深浦町
0%
十二湖 深浦町
0%
陸奥岩崎 深浦町
0%
陸奥沢辺 深浦町
0%
ウェスパ椿山 深浦町
0%
艫作 深浦町
0%
横磯 深浦町
0%
広戸 深浦町
0%
追良瀬 深浦町
0%
驫木 深浦町
0%
風合瀬 深浦町
0%
大戸瀬 深浦町
0%
千畳敷 深浦町
0%
北金ケ沢 深浦町
0%
陸奥柳田 深浦町
0%
陸奥赤石 鰺ヶ沢町
0%
鰺ケ沢 鰺ヶ沢町
0%
鳴沢 鰺ヶ沢町
0%
越水 つがる市
0%
木造 つがる市
0%
奥津軽いまべつ 今別町
0%
鶴泊 鶴田町
0%
林崎 藤崎町
0%
油川 青森市
0%
津軽宮田 青森市
0%
奥内 青森市
0%
後潟 青森市
0%
中沢 青森市
0%
郷沢 蓬田村
0%
瀬辺地 蓬田村
0%
大平 外ヶ浜町
0%
大川平 今別町
0%
津軽浜名 今別町
0%
長苗代 八戸市
0%
小中野 八戸市
0%
陸奥湊 八戸市
0%
白銀 八戸市
0%
八戸市
0%
陸奥白浜 八戸市
0%
種差海岸 八戸市
0%
大久喜 八戸市
0%
金浜 八戸市
0%
大蛇 階上町
0%
角の浜 洋野町
0%
平内 洋野町
0%
種市 洋野町
0%
宿戸 洋野町
0%
陸中八木 洋野町
0%
有家 洋野町
0%
陸中中野 洋野町
0%
侍浜 久慈市
0%
陸中夏井 久慈市
0%
津軽二股 今別町
0%
真滝 一関市
0%
陸中門崎 一関市
0%
岩ノ下 一関市
0%
陸中松川 一関市
0%
猊鼻渓 一関市
0%
柴宿 一関市
0%
摺沢 一関市
0%
千厩 一関市
0%
小梨 一関市
0%
矢越 一関市
0%
折壁 一関市
0%
新月 一関市
0%
似内 花巻市
0%
小山田 花巻市
0%
土沢 花巻市
0%
晴山 花巻市
0%
岩根橋 遠野市
0%
宮守 遠野市
0%
柏木平 遠野市
0%
鱒沢 遠野市
0%
荒谷前 遠野市
0%
綾織 遠野市
0%
青笹 遠野市
0%
岩手上郷 遠野市
0%
平倉 遠野市
0%
足ケ瀬 遠野市
0%
上有住 住田町
0%
陸中大橋 釜石市
0%
洞泉 釜石市
0%
松倉 釜石市
0%
小佐野 釜石市
0%
江釣子 北上市
0%
藤根 北上市
0%
立川目 北上市
0%
横川目 北上市
0%
岩沢 北上市
0%
和賀仙人 北上市
0%
ゆだ錦秋湖 西和賀町
0%
ゆだ高原 西和賀町
0%
相野々 横手市
0%
前潟 盛岡市
0%
大釜 滝沢市
0%
小岩井 滝沢市
0%
赤渕 雫石町
0%
刺巻 仙北市
0%
角館 仙北市
0%
鶯野 大仙市
0%
羽後長野 大仙市
0%
鑓見内 大仙市
0%
羽後四ツ屋 大仙市
0%
好摩 盛岡市
0%
東大更 八幡平市
0%
大更 八幡平市
0%
平館 八幡平市
0%
北森 八幡平市
0%
安比高原 八幡平市
0%
赤坂田 八幡平市
0%
小屋の畑 八幡平市
0%
深堀町 函館市
0%
横間 八幡平市
0%
田山 八幡平市
0%
兄畑 八幡平市
0%
八幡平 鹿角市
0%
陸中大里 鹿角市
0%
柴平 鹿角市
0%
十和田南 鹿角市
0%
末広 鹿角市
0%
土深井 鹿角市
0%
沢尻 大館市
0%
十二所 大館市
0%
大滝温泉 大館市
0%
扇田 大館市
0%
山岸 盛岡市
0%
上米内 盛岡市
0%
陸中川井 宮古市
0%
腹帯 宮古市
0%
蟇目 宮古市
0%
花原市 宮古市
0%
千徳 宮古市
0%
京ケ瀬 阿賀野市
0%
水原 阿賀野市
0%
神山 阿賀野市
0%
中浦 新発田市
0%
加治 新発田市
0%
金塚 新発田市
0%
柏木町 函館市
0%
間島 村上市
0%
越後早川 村上市
0%
桑川 村上市
0%
越後寒川 村上市
0%
勝木 村上市
0%
府屋 村上市
0%
鼠ケ関 鶴岡市
0%
あつみ温泉 鶴岡市
0%
五十川 鶴岡市
0%
小波渡 鶴岡市
0%
三瀬 鶴岡市
0%
羽前水沢 鶴岡市
0%
羽前大山 鶴岡市
0%
西袋 庄内町
0%
北余目 庄内町
0%
砂越 酒田市
0%
本楯 酒田市
0%
南鳥海 酒田市
0%
吹浦 遊佐町
0%
女鹿 遊佐町
0%
小砂川 にかほ市
0%
上浜 にかほ市
0%
象潟 にかほ市
0%
金浦 にかほ市
0%
仁賀保 にかほ市
0%
西目 由利本荘市
0%
羽後岩谷 由利本荘市
0%
折渡 由利本荘市
0%
羽後亀田 由利本荘市
0%
岩城みなと 由利本荘市
0%
道川 由利本荘市
0%
下浜 秋田市
0%
桂根 秋田市
0%
羽後牛島 秋田市
0%
出戸浜 潟上市
0%
上二田 潟上市
0%
二田 潟上市
0%
船越 男鹿市
0%
脇本 男鹿市
0%
羽立 男鹿市
0%
板谷 米沢市
0%
米沢市
0%
関根 米沢市
0%
置賜 米沢市
0%
羽前中山 上山市
0%
かみのやま温泉 上山市
0%
茂吉記念館前 上山市
0%
蔵王 山形市
0%
羽前千歳 山形市
0%
南出羽 山形市
0%
漆山 山形市
0%
乱川 天童市
0%
堀川町 函館市
0%
袖崎 村山市
0%
芦沢 尾花沢市
0%
東照宮 仙台市
0%
葛岡 仙台市
0%
陸前落合 仙台市
0%
陸前白沢 仙台市
0%
熊ケ根 仙台市
0%
作並 仙台市
0%
奥新川 仙台市
0%
面白山高原 山形市
0%
山寺 山形市
0%
楯山 山形市
0%
東金井 山形市
0%
羽前金沢 中山町
0%
羽前長崎 中山町
0%
羽前高松 寒河江市
0%
柴橋 寒河江市
0%
左沢 大江町
0%
羽前小松 川西町
0%
犬川 川西町
0%
今泉 長井市
0%
萩生 飯豊町
0%
羽前椿 飯豊町
0%
手ノ子 飯豊町
0%
羽前沼沢 小国町
0%
伊佐領 小国町
0%
羽前松岡 小国町
0%
越後金丸 関川村
0%
越後下関 関川村
0%
越後大島 関川村
0%
升形 新庄市
0%
津谷 戸沢村
0%
古口 戸沢村
0%
高屋 戸沢村
0%
清川 庄内町
0%
狩川 庄内町
0%
南野 庄内町
0%
古川 大崎市
0%
塚目 大崎市
0%
西古川 大崎市
0%
岩出山 大崎市
0%
有備館 大崎市
0%
上野目 大崎市
0%
鳴子御殿湯 大崎市
0%
鳴子温泉 大崎市
0%
中山平温泉 大崎市
0%
堺田 最上町
0%
赤倉温泉 最上町
0%
立小路 最上町
0%
大堀 最上町
0%
鵜杉 最上町
0%
瀬見温泉 最上町
0%
東長沢 舟形町
0%
長沢 舟形町
0%
榴ケ岡 仙台市
0%
松風町 函館市
0%
宝来町 函館市
0%
陸前高砂 仙台市
0%
中野栄 仙台市
0%
西塩釜 塩竈市
0%
本塩釜 塩竈市
0%
東塩釜 塩竈市
0%
陸前浜田 利府町
0%
手樽 松島町
0%
陸前大塚 東松島市
0%
東名 東松島市
0%
野蒜 東松島市
0%
陸前小野 東松島市
0%
鹿妻 東松島市
0%
東矢本 東松島市
0%
陸前赤井 東松島市
0%
蛇田 石巻市
0%
陸前山下 石巻市
0%
前谷地 石巻市
0%
鹿又 石巻市
0%
曽波神 石巻市
0%
陸前稲井 石巻市
0%
渡波 石巻市
0%
万石浦 石巻市
0%
沢田 石巻市
0%
浦宿 女川町
0%
和渕 石巻市
0%
のの岳 涌谷町
0%
陸前豊里 登米市
0%
御岳堂 登米市
0%
安子ケ島 郡山市
0%
上戸 猪苗代町
0%
関都 猪苗代町
0%
東長原 会津若松市
0%
広田 会津若松市
0%
堂島 会津若松市
0%
笈川 湯川村
0%
塩川 喜多方市
0%
姥堂 喜多方市
0%
会津豊川 喜多方市
0%
山都 喜多方市
0%
荻野 喜多方市
0%
尾登 西会津町
0%
野沢 西会津町
0%
上野尻 西会津町
0%
徳沢 西会津町
0%
豊実 阿賀町
0%
日出谷 阿賀町
0%
鹿瀬 阿賀町
0%
津川 阿賀町
0%
五十島 阿賀町
0%
東下条 阿賀町
0%
咲花 五泉市
0%
馬下 五泉市
0%
猿和田 五泉市
0%
新関 新潟市
0%
東新津 新潟市
0%
西若松 会津若松市
0%
会津本郷 会津若松市
0%
会津高田 会津美里町
0%
新鶴 会津美里町
0%
若宮 会津坂下町
0%
会津坂本 会津坂下町
0%
柳田 横手市
0%
郷戸 柳津町
0%
会津桧原 三島町
0%
会津西方 三島町
0%
会津宮下 三島町
0%
早戸 三島町
0%
会津水沼 金山町
0%
会津中川 金山町
0%
本名 金山町
0%
会津越川 金山町
0%
会津横田 金山町
0%
会津大塩 金山町
0%
会津塩沢 只見町
0%
会津蒲生 只見町
0%
大白川 魚沼市
0%
入広瀬 魚沼市
0%
越後須原 魚沼市
0%
越後広瀬 魚沼市
0%
藪神 魚沼市
0%
小出 魚沼市
0%
赤井 いわき市
0%
小川郷 いわき市
0%
川前 いわき市
0%
夏井 小野町
0%
神俣 田村市
0%
菅谷 田村市
0%
磐城常葉 田村市
0%
船引 田村市
0%
要田 田村市
0%
舞木 郡山市
0%
黒磯 那須塩原市
0%
高久 那須町
0%
黒田原 那須町
0%
豊原 那須町
0%
白坂 白河市
0%
久田野 白河市
0%
安積永盛 郡山市
0%
日和田 郡山市
0%
五百川 本宮市
0%
安達 二本松市
0%
松川 福島市
0%
金谷川 福島市
0%
藤田 国見町
0%
貝田 国見町
0%
越河 白石市
0%
北白川 白石市
0%
槻木 柴田町
0%
館腰 名取市
0%
太子堂 仙台市
0%
岩切 仙台市
0%
陸前山王 多賀城市
0%
塩釜 塩竈市
0%
品井沼 松島町
0%
鹿島台 大崎市
0%
田尻 大崎市
0%
梅ケ沢 登米市
0%
石越 登米市
0%
花泉 一関市
0%
清水原 一関市
0%
山ノ目 一関市
0%
前沢 奥州市
0%
水沢 奥州市
0%
六原 金ケ崎町
0%
村崎野 北上市
0%
石鳥谷 花巻市
0%
日詰 紫波町
0%
古館 紫波町
0%
矢幅 矢巾町
0%
地蔵町 松前町
0%
戸塚 横浜市
0%
国府津 小田原市
0%
鴨宮 小田原市
0%
早川 小田原市
0%
根府川 小田原市
0%
大崎 品川区
0%
目黒 品川区
0%
あおば通 仙台市
0%
代々木 渋谷区
0%
新大久保 新宿区
0%
高田馬場 新宿区
0%
目白 豊島区
0%
池袋 豊島区
0%
田端 北区
0%
西日暮里 荒川区
0%
日暮里 荒川区
0%
秋葉原 千代田区
0%
原宿 渋谷区
0%
尻手 川崎市
0%
矢向 横浜市
0%
鹿島田 川崎市
0%
平間 川崎市
0%
向河原 川崎市
0%
武蔵小杉 川崎市
0%
武蔵中原 川崎市
0%
武蔵新城 川崎市
0%
明治神宮前〈原宿〉 渋谷区
0%
津田山 川崎市
0%
久地 川崎市
0%
宿河原 川崎市
0%
中野島 川崎市
0%
矢野口 稲城市
0%
谷保 国立市
0%
矢川 国立市
0%
西国立 立川市
0%
小田栄 川崎市
0%
仙北町 盛岡市
0%
鶴見小野 横浜市
0%
弁天橋 横浜市
0%
新芝浦 横浜市
0%
海芝浦 横浜市
0%
安善 横浜市
0%
大川 川崎市
0%
武蔵白石 川崎市
0%
新秋津 東村山市
0%
南浦和 さいたま市
0%
岩手二日町 遠野市
0%
上野広小路 台東区
0%
大口 横浜市
0%
古淵 相模原市
0%
淵野辺 相模原市
0%
矢部 相模原市
0%
相原 町田市
0%
荒屋新町 八幡平市
0%
陸前原ノ町 仙台市
0%
山手 横浜市
0%
磯子 横浜市
0%
新杉田 横浜市
0%
洋光台 横浜市
0%
港南台 横浜市
0%
本郷台 横浜市
0%
保土ケ谷 横浜市
0%
東戸塚 横浜市
0%
田浦 横須賀市
0%
衣笠 横須賀市
0%
福田町 仙台市
0%
香川 茅ヶ崎市
0%
宮山 寒川町
0%
倉見 寒川町
0%
社家 海老名市
0%
厚木 海老名市
0%
相武台下 相模原市
0%
原当麻 相模原市
0%
南橋本 相模原市
0%
四ツ谷 新宿区
0%
豊田 日野市
0%
北浦湖畔 鉾田市
0%
四方津 上野原市
0%
鳥沢 大月市
0%
初狩 大月市
0%
甲斐大和 甲州市
0%
塩山 甲州市
0%
青葉通一番町 仙台市
0%
石和温泉 笛吹市
0%
酒折 甲府市
0%
竜王 甲斐市
0%
新府 韮崎市
0%
穴山 韮崎市
0%
日野春 北杜市
0%
長坂 北杜市
0%
小淵沢 北杜市
0%
信濃境 富士見町
0%
すずらんの里 富士見町
0%
常陸青柳 ひたちなか市
0%
湖北 我孫子市
0%
信濃川島 辰野町
0%
高円寺 杉並区
0%
阿佐ケ谷 杉並区
0%
荻窪 杉並区
0%
小牛田 美里町
0%
飯田橋 千代田区
0%
両国 墨田区
0%
亀戸 江東区
0%
松山町 大崎市
0%
津田沼 習志野市
0%
日比谷 千代田区
0%
武蔵溝ノ口 川崎市
0%
新検見川 千葉市
0%
溝の口 川崎市
0%
鶴見 横浜市
0%
物井 四街道市
0%
一ノ関 一関市
0%
日向 山武市
0%
成東 山武市
0%
横芝 横芝光町
0%
飯倉 匝瑳市
0%
八日市場 匝瑳市
0%
干潟 旭市
0%
猿田 銚子市
0%
松岸 銚子市
0%
東中神 昭島市
0%
中神 昭島市
0%
拝島 昭島市
0%
小作 羽村市
0%
宮ノ平 青梅市
0%
日向和田 青梅市
0%
石神前 青梅市
0%
軍畑 青梅市
0%
沢井 青梅市
0%
御嶽 青梅市
0%
川井 奥多摩町
0%
古里 奥多摩町
0%
鳩ノ巣 奥多摩町
0%
白丸 奥多摩町
0%
熊川 福生市
0%
東秋留 あきる野市
0%
秋川 あきる野市
0%
武蔵引田 あきる野市
0%
武蔵五日市 あきる野市
0%
小宮 八王子市
0%
箱根ケ崎 瑞穂町
0%
金子 入間市
0%
高麗川 日高市
0%
毛呂 毛呂山町
0%
明覚 ときがわ町
0%
竹沢 小川町
0%
折原 寄居町
0%
用土 寄居町
0%
松久 美里町
0%
児玉 本庄市
0%
丹荘 神川町
0%
赤羽 北区
0%
土呂 さいたま市
0%
東大宮 さいたま市
0%
東鷲宮 久喜市
0%
間々田 小山市
0%
小金井 下野市
0%
自治医大 下野市
0%
雀宮 宇都宮市
0%
氏家 さくら市
0%
蒲須坂 さくら市
0%
片岡 矢板市
0%
三河島 荒川区
0%
北千住 足立区
0%
綾瀬 足立区
0%
馬橋 松戸市
0%
天王台 我孫子市
0%
荒川沖 土浦市
0%
神立 土浦市
0%
恵比寿 渋谷区
0%
羽鳥 小美玉市
0%
岩間 笠間市
0%
友部 笠間市
0%
内原 水戸市
0%
赤塚 水戸市
0%
偕楽園 水戸市
0%
勝田 ひたちなか市
0%
佐和 ひたちなか市
0%
大甕 日立市
0%
常陸多賀 日立市
0%
小木津 日立市
0%
南中郷 北茨城市
0%
磯原 北茨城市
0%
大津港 北茨城市
0%
勿来 いわき市
0%
駒込 豊島区
0%
上野 台東区
0%
内郷 いわき市
0%
四ツ倉 いわき市
0%
久ノ浜 いわき市
0%
末続 いわき市
0%
Jヴィレッジ 楢葉町
0%
高城町 松島町
0%
木戸 楢葉町
0%
竜田 楢葉町
0%
夜ノ森 富岡町
0%
大野 大熊町
0%
桃内 南相馬市
0%
小高 南相馬市
0%
磐城太田 南相馬市
0%
神町 東根市
0%
鹿島 南相馬市
0%
日立木 相馬市
0%
駒ケ嶺 新地町
0%
坂元 山元町
0%
八丁畷 川崎市
0%
浜吉田 亘理町
0%
逢隈 亘理町
0%
浮間舟渡 北区
0%
武蔵浦和 さいたま市
0%
中浦和 さいたま市
0%
菊名 横浜市
0%
的場 川越市
0%
笠幡 川越市
0%
武蔵高萩 日高市
0%
宮原 さいたま市
0%
籠原 熊谷市
0%
神保原 上里町
0%
長津田 横浜市
0%
蘇我 千葉市
0%
鎌取 千葉市
0%
土気 千葉市
0%
本納 茂原市
0%
八積 長生村
0%
上総一ノ宮 一宮町
0%
東浪見 一宮町
0%
太東 いすみ市
0%
三門 いすみ市
0%
関内 横浜市
0%
浪花 いすみ市
0%
鵜原 勝浦市
0%
上総興津 勝浦市
0%
安房小湊 鴨川市
0%
安房天津 鴨川市
0%
浜野 千葉市
0%
五井 市原市
0%
姉ケ崎 市原市
0%
青堀 富津市
0%
大貫 富津市
0%
上総湊 富津市
0%
竹岡 富津市
0%
浜金谷 富津市
0%
安房勝山 鋸南町
0%
岩井 南房総市
0%
那古船形 館山市
0%
九重 館山市
0%
千倉 南房総市
0%
南三原 南房総市
0%
和田浦 南房総市
0%
江見 鴨川市
0%
太海 鴨川市
0%
越中島 江東区
0%
新木場 江東区
0%
葛西臨海公園 江戸川区
0%
舞浜 浦安市
0%
海浜幕張 千葉市
0%
検見川浜 千葉市
0%
久住 成田市
0%
滑河 成田市
0%
大戸 香取市
0%
小見川 香取市
0%
笹川 東庄町
0%
下総橘 東庄町
0%
下総豊里 銚子市
0%
椎柴 銚子市
0%
多摩湖 東村山市
0%
布佐 我孫子市
0%
木下 印西市
0%
安食 栄町
0%
下総松崎 成田市
0%
空港第2ビル(第2旅客ターミナル) 成田市
0%
十二橋 香取市
0%
延方 潮来市
0%
上総清川 木更津市
0%
東清川 木更津市
0%
横田 袖ケ浦市
0%
東横田 袖ケ浦市
0%
馬来田 木更津市
0%
下郡 君津市
0%
小櫃 君津市
0%
俵田 君津市
0%
久留里 君津市
0%
平山 君津市
0%
上総松丘 君津市
0%
東十条 北区
0%
幸谷 松戸市
0%
上中里 北区
0%
蒲田 大田区
0%
新八柱 松戸市
0%
下野花岡 高根沢町
0%
鴻野山 那須烏山市
0%
大金 那須烏山市
0%
小塙 那須烏山市
0%
祖母島 渋川市
0%
小野上 渋川市
0%
小野上温泉 渋川市
0%
市城 中之条町
0%
郷原 東吾妻町
0%
矢倉 東吾妻町
0%
岩島 東吾妻町
0%
川原湯温泉 長野原町
0%
群馬大津 長野原町
0%
羽根尾 長野原町
0%
袋倉 嬬恋村
0%
大前 嬬恋村
0%
群馬八幡 高崎市
0%
松井田 安中市
0%
西松井田 安中市
0%
柳生 加須市
0%
常陸津田 ひたちなか市
0%
後台 那珂市
0%
下菅谷 那珂市
0%
中菅谷 那珂市
0%
上菅谷 那珂市
0%
南酒出 那珂市
0%
境町 伊勢崎市
0%
河合 常陸太田市
0%
谷河原 常陸太田市
0%
常陸鴻巣 那珂市
0%
瓜連 那珂市
0%
那珂市
0%
玉川村 常陸大宮市
0%
野上原 常陸大宮市
0%
山方宿 常陸大宮市
0%
中舟生 常陸大宮市
0%
下小川 常陸大宮市
0%
西金 大子町
0%
上小川 大子町
0%
袋田 大子町
0%
下野宮 大子町
0%
東館 矢祭町
0%
南石井 矢祭町
0%
磐城石井 矢祭町
0%
近津 棚倉町
0%
中豊 棚倉町
0%
里白石 浅川町
0%
野木沢 石川町
0%
川辺沖 玉川村
0%
泉郷 玉川村
0%
小塩江 須賀川市
0%
谷田川 郡山市
0%
磐城守山 郡山市
0%
小田林 結城市
0%
川島 筑西市
0%
玉戸 筑西市
0%
新治 筑西市
0%
都賀 千葉市
0%
岩瀬 桜川市
0%
稲田 笠間市
0%
宍戸 笠間市
0%
鶴田 宇都宮市
0%
下野大沢 日光市
0%
今市 日光市
0%
八柱 松戸市
0%
群馬原町 東吾妻町
0%
駒形 前橋市
0%
国定 伊勢崎市
0%
山前 足利市
0%
あしかがフラワーパーク 足利市
0%
岩舟 栃木市
0%
思川 小山市
0%
八木原 渋川市
0%
津久田 渋川市
0%
岩本 沼田市
0%
水上 みなかみ町
0%
土合 みなかみ町
0%
土樽 湯沢町
0%
越後中里 湯沢町
0%
岩原スキー場前 湯沢町
0%
塩沢 南魚沼市
0%
与野本町 さいたま市
0%
浦佐 南魚沼市
0%
越後堀之内 魚沼市
0%
越後川口 長岡市
0%
越後滝谷 長岡市
0%
甲斐小泉 北杜市
0%
甲斐大泉 北杜市
0%
清里 北杜市
0%
野辺山 南牧村
0%
佐久広瀬 南牧村
0%
佐久海ノ口 南牧村
0%
馬流 小海町
0%
八千穂 佐久穂町
0%
海瀬 佐久穂町
0%
羽黒下 佐久穂町
0%
青沼 佐久市
0%
臼田 佐久市
0%
龍岡城 佐久市
0%
太田部 佐久市
0%
中込 佐久市
0%
岩村田 佐久市
0%
中佐都 佐久市
0%
美里 小諸市
0%
三岡 小諸市
0%
乙女 小諸市
0%
南千住 荒川区
0%
竪堀 富士市
0%
入山瀬 富士市
0%
沼久保 富士宮市
0%
芝川 富士宮市
0%
十島 南部町
0%
井出 南部町
0%
寄畑 南部町
0%
甲斐大島 身延町
0%
塩之沢 身延町
0%
波高島 身延町
0%
下部温泉 身延町
0%
甲斐常葉 身延町
0%
市ノ瀬 身延町
0%
久那土 身延町
0%
甲斐岩間 市川三郷町
0%
落居 市川三郷町
0%
鰍沢口 市川三郷町
0%
市川大門 市川三郷町
0%
芦川 市川三郷町
0%
甲斐上野 市川三郷町
0%
東花輪 中央市
0%
小井川 中央市
0%
常永 昭和町
0%
国母 昭和町
0%
善光寺 甲府市
0%
篠ノ井 長野市
0%
今井 長野市
0%
川中島 長野市
0%
安茂里 長野市
0%
東神奈川 横浜市
0%
土底浜 上越市
0%
仲ノ町 銚子市
0%
上下浜 上越市
0%
柿崎 上越市
0%
米山 柏崎市
0%
笠島 柏崎市
0%
鯨波 柏崎市
0%
茨目 柏崎市
0%
北条 柏崎市
0%
越後広田 柏崎市
0%
長鳥 柏崎市
0%
塚山 長岡市
0%
来迎寺 長岡市
0%
前川 長岡市
0%
押切 長岡市
0%
帯織 三条市
0%
東光寺 三条市
0%
保内 三条市
0%
指扇 さいたま市
0%
羽生田 田上町
0%
矢代田 新潟市
0%
古津 新潟市
0%
さつき野 新潟市
0%
越後石山 新潟市
0%
大形 新潟市
0%
新崎 新潟市
0%
早通 新潟市
0%
豊栄 新潟市
0%
黒山 新潟市
0%
佐々木 新発田市
0%
立ケ花 長野市
0%
上今井 中野市
0%
替佐 中野市
0%
飯山市
0%
信濃平 飯山市
0%
戸狩野沢温泉 飯山市
0%
上境 飯山市
0%
桑名川 飯山市
0%
西大滝 飯山市
0%
信濃白鳥 栄村
0%
平滝 栄村
0%
足滝 津南町
0%
越後田中 津南町
0%
越後田沢 十日町市
0%
越後水沢 十日町市
0%
土市 十日町市
0%
魚沼中条 十日町市
0%
下条 十日町市
0%
越後岩沢 小千谷市
0%
西中通 柏崎市
0%
荒浜 刈羽村
0%
礼拝 柏崎市
0%
石地 柏崎市
0%
小木ノ城 出雲崎町
0%
小島谷 長岡市
0%
寺泊 長岡市
0%
分水 燕市
0%
粟生津 燕市
0%
南吉田 燕市
0%
北吉田 燕市
0%
岩室 新潟市
0%
越後曽根 新潟市
0%
越後赤塚 新潟市
0%
内野西が丘 新潟市
0%
内野 新潟市
0%
寺尾 新潟市
0%
小針 新潟市
0%
島内 松本市
0%
梓橋 安曇野市
0%
中萱 安曇野市
0%
南豊科 安曇野市
0%
豊科 安曇野市
0%
佐貫町 富津市
0%
穂高 安曇野市
0%
安曇追分 安曇野市
0%
細野 松川村
0%
北細野 松川村
0%
安曇沓掛 大町市
0%
信濃常盤 大町市
0%
長者町 いすみ市
0%
有楽町 千代田区
0%
淡路町 千代田区
0%
信濃木崎 大町市
0%
稲尾 大町市
0%
海ノ口 大町市
0%
簗場 大町市
0%
南神城 白馬村
0%
神城 白馬村
0%
飯森 白馬村
0%
信濃森上 白馬村
0%
白馬大池 小谷村
0%
千国 小谷村
0%
中土 小谷村
0%
平岩 糸魚川市
0%
小滝 糸魚川市
0%
根知 糸魚川市
0%
頸城大野 糸魚川市
0%
矢作 弥彦村
0%
千種 名古屋市
0%
大曽根 名古屋市
0%
新守山 名古屋市
0%
勝川 春日井市
0%
鹿島神宮 鹿嶋市
0%
神領 春日井市
0%
高蔵寺 春日井市
0%
定光寺 春日井市
0%
古虎渓 多治見市
0%
釜戸 瑞浪市
0%
武並 恵那市
0%
美乃坂本 中津川市
0%
落合川 中津川市
0%
坂下 中津川市
0%
田立 南木曽町
0%
十二兼 南木曽町
0%
須原 大桑村
0%
倉本 上松町
0%
原野 木曽町
0%
宮ノ越 木曽町
0%
藪原 木祖村
0%
奈良井 塩尻市
0%
木曽平沢 塩尻市
0%
贄川 塩尻市
0%
日出塩 塩尻市
0%
洗馬 塩尻市
0%
広丘 塩尻市
0%
村井 松本市
0%
田沢 安曇野市
0%
明科 安曇野市
0%
坂北 筑北村
0%
聖高原 麻績村
0%
冠着 筑北村
0%
稲荷山 長野市
0%
麹町 千代田区
0%
下地 豊橋市
0%
小坂井 豊川市
0%
牛久保 豊川市
0%
三河一宮 豊川市
0%
長山 豊川市
0%
江島 豊川市
0%
東上 豊川市
0%
野田城 新城市
0%
茶臼山 新城市
0%
三河東郷 新城市
0%
大海 新城市
0%
鳥居 新城市
0%
長篠城 新城市
0%
湯谷温泉 新城市
0%
三河槙原 新城市
0%
柿平 新城市
0%
三河川合 新城市
0%
池場 新城市
0%
出馬 浜松市
0%
上市場 浜松市
0%
浦川 浜松市
0%
早瀬 浜松市
0%
下川合 浜松市
0%
中部天竜 浜松市
0%
相月 浜松市
0%
向市場 浜松市
0%
小和田 浜松市
0%
中井侍 天龍村
0%
伊那小沢 天龍村
0%
鶯巣 天龍村
0%
平岡 天龍村
0%
為栗 天龍村
0%
田本 泰阜村
0%
門島 泰阜村
0%
唐笠 泰阜村
0%
金野 飯田市
0%
千代 飯田市
0%
天竜峡 飯田市
0%
川路 飯田市
0%
時又 飯田市
0%
駄科 飯田市
0%
毛賀 飯田市
0%
伊那八幡 飯田市
0%
下山村 飯田市
0%
飯田市
0%
切石 飯田市
0%
伊那上郷 飯田市
0%
元善光寺 飯田市
0%
下市田 高森町
0%
市田 高森町
0%
下平 高森町
0%
山吹 高森町
0%
伊那大島 松川町
0%
上片桐 松川町
0%
伊那田島 中川村
0%
高遠原 飯島町
0%
七久保 飯島町
0%
伊那本郷 飯島町
0%
田切 飯島町
0%
伊那福岡 駒ヶ根市
0%
小町屋 駒ヶ根市
0%
駒ケ根 駒ヶ根市
0%
大田切 駒ヶ根市
0%
赤木 伊那市
0%
田畑 南箕輪村
0%
北殿 南箕輪村
0%
木ノ下 箕輪町
0%
伊那松島 箕輪町
0%
箕輪町
0%
宮木 辰野町
0%
坂田 米原市
0%
田村 長浜市
0%
虎姫 長浜市
0%
河毛 長浜市
0%
余呉 長浜市
0%
長森 岐阜市
0%
京急久里浜 横須賀市
0%
蘇原 各務原市
0%
美濃太田 美濃加茂市
0%
古井 美濃加茂市
0%
下麻生 川辺町
0%
下油井 白川町
0%
飛騨金山 下呂市
0%
焼石 下呂市
0%
禅昌寺 下呂市
0%
飛騨宮田 下呂市
0%
久々野 高山市
0%
飛騨一ノ宮 高山市
0%
上枝 高山市
0%
飛騨国府 高山市
0%
杉崎 飛騨市
0%
角川 飛騨市
0%
坂上 飛騨市
0%
打保 飛騨市
0%
杉原 飛騨市
0%
猪谷 富山市
0%
楡原 富山市
0%
笹津 富山市
0%
東八尾 富山市
0%
越中八尾 富山市
0%
速星 富山市
0%
婦中鵜坂 富山市
0%
下館 筑西市
0%
二塚 高岡市
0%
高岡市
0%
戸出 高岡市
0%
油田 砺波市
0%
東野尻 砺波市
0%
高儀 南砺市
0%
東石黒 南砺市
0%
越中山田 南砺市
0%
城端 南砺市
0%
伏木 高岡市
0%
越中国分 高岡市
0%
雨晴 高岡市
0%
島尾 氷見市
0%
能瀬 津幡町
0%
宇野気 かほく市
0%
免田 宝達志水町
0%
宝達 宝達志水町
0%
敷浪 宝達志水町
0%
千路 羽咋市
0%
金丸 中能登町
0%
能登部 中能登町
0%
良川 中能登町
0%
能登二宮 中能登町
0%
和倉温泉 七尾市
0%
六条 福井市
0%
足羽 福井市
0%
越前東郷 福井市
0%
一乗谷 福井市
0%
越前高田 福井市
0%
市波 福井市
0%
小和清水 福井市
0%
美山 福井市
0%
越前薬師 福井市
0%
越前大宮 福井市
0%
計石 福井市
0%
牛ケ原 大野市
0%
越前富田 大野市
0%
下唯野 大野市
0%
柿ケ島 大野市
0%
勝原 大野市
0%
越前下山 大野市
0%
九頭竜湖 大野市
0%
松尾寺 舞鶴市
0%
青郷 高浜町
0%
三松 高浜町
0%
若狭和田 高浜町
0%
若狭本郷 おおい町
0%
加斗 小浜市
0%
勢浜 小浜市
0%
新平野 小浜市
0%
大鳥羽 若狭町
0%
十村 若狭町
0%
藤井 若狭町
0%
気山 若狭町
0%
片浜 沼津市
0%
東田子の浦 富士市
0%
新蒲原 静岡市
0%
蒲原 静岡市
0%
由比 静岡市
0%
興津 静岡市
0%
草薙 静岡市
0%
安倍川 静岡市
0%
用宗 静岡市
0%
六合 島田市
0%
天竜川 浜松市
0%
三才 長野市
0%
高塚 浜松市
0%
舞阪 浜松市
0%
鷲津 湖西市
0%
新所原 湖西市
0%
二川 豊橋市
0%
西小坂井 豊川市
0%
愛知御津 豊川市
0%
三河三谷 蒲郡市
0%
新御茶ノ水 千代田区
0%
三ケ根 幸田町
0%
相見 幸田町
0%
逢妻 刈谷市
0%
共和 大府市
0%
南大高 名古屋市
0%
大高 名古屋市
0%
笠寺 名古屋市
0%
熱田 名古屋市
0%
枇杷島 清須市
0%
木曽川 一宮市
0%
穂積 瑞穂市
0%
豊野 長野市
0%
近江長岡 米原市
0%
醒ケ井 米原市
0%
伊豆多賀 熱海市
0%
宇佐美 伊東市
0%
下曽我 小田原市
0%
相模金子 大井町
0%
谷峨 山北町
0%
富士岡 御殿場市
0%
岩波 裾野市
0%
下土狩 長泉町
0%
尾張森岡 東浦町
0%
緒川 東浦町
0%
石浜 東浦町
0%
亀崎 半田市
0%
乙川 半田市
0%
東成岩 半田市
0%
小泉 多治見市
0%
根本 多治見市
0%
多治見市
0%
下切 可児市
0%
美濃川合 美濃加茂市
0%
京成八幡 市川市
0%
春田 名古屋市
0%
永和 愛西市
0%
本八幡 市川市
0%
直江津 上越市
0%
河原田 四日市市
0%
井田川 亀山市
0%
柘植 伊賀市
0%
新堂 伊賀市
0%
佐那具 伊賀市
0%
島ケ原 伊賀市
0%
下庄 亀山市
0%
一身田 津市
0%
阿漕 津市
0%
高茶屋 津市
0%
徳和 松阪市
0%
相可 多気町
0%
佐奈 多気町
0%
栃原 大台町
0%
川添 大台町
0%
三瀬谷 大台町
0%
滝原 大台町
0%
伊勢柏崎 大紀町
0%
大内山 大紀町
0%
梅ケ谷 大紀町
0%
紀伊長島 紀北町
0%
三野瀬 紀北町
0%
市振 糸魚川市
0%
大曽根浦 尾鷲市
0%
九鬼 尾鷲市
0%
三木里 尾鷲市
0%
賀田 尾鷲市
0%
二木島 熊野市
0%
大泊 熊野市
0%
有井 熊野市
0%
神志山 御浜町
0%
紀伊市木 御浜町
0%
阿田和 御浜町
0%
紀伊井田 紀宝町
0%
鵜殿 紀宝町
0%
寺庄 甲賀市
0%
甲南 甲賀市
0%
貴生川 甲賀市
0%
石部 湖南市
0%
手原 栗東市
0%
外城田 多気町
0%
田丸 玉城町
0%
山田上口 伊勢市
0%
二見浦 伊勢市
0%
松下 伊勢市
0%
上ノ庄 松阪市
0%
権現前 松阪市
0%
井関 津市
0%
伊勢大井 津市
0%
関ノ宮 津市
0%
家城 津市
0%
伊勢竹原 津市
0%
伊勢鎌倉 津市
0%
伊勢八知 津市
0%
河瀬 彦根市
0%
能登川 東近江市
0%
京成幕張本郷 千葉市
0%
西大路 京都市
0%
幕張 千葉市
0%
JR総持寺 茨木市
0%
摂津富田 高槻市
0%
千里丘 摂津市
0%
岸辺 吹田市
0%
京成幕張 千葉市
0%
塚本 大阪市
0%
立花 尼崎市
0%
甲子園口 西宮市
0%
甲南山手 神戸市
0%
摩耶 神戸市
0%
唐崎 大津市
0%
比叡山坂本 大津市
0%
おごと温泉 大津市
0%
蓬莱 大津市
0%
志賀 大津市
0%
北小松 大津市
0%
新旭 高島市
0%
近江今津 高島市
0%
近江中庄 高島市
0%
マキノ 高島市
0%
永原 長浜市
0%
平城山 奈良市
0%
大和小泉 大和郡山市
0%
法隆寺 斑鳩町
0%
三越前 中央区
0%
河内堅上 柏原市
0%
志紀 八尾市
0%
久宝寺 八尾市
0%
小伝馬町 中央区
0%
東部市場前 大阪市
0%
馬喰横山 中央区
0%
JR難波 大阪市
0%
神戸市
0%
茅場町 中央区
0%
浜町 中央区
0%
須磨海浜公園 神戸市
0%
鷹取 神戸市
0%
須磨 神戸市
0%
垂水 神戸市
0%
舞子 神戸市
0%
朝霧 明石市
0%
魚住 明石市
0%
土山 播磨町
0%
宝殿 高砂市
0%
吉永 備前市
0%
熊山 赤磐市
0%
万富 岡山市
0%
瀬戸 岡山市
0%
高島 岡山市
0%
西川原 岡山市
0%
北長瀬 岡山市
0%
金光 浅口市
0%
鴨方 浅口市
0%
備後赤坂 福山市
0%
松永 福山市
0%
糸崎 三原市
0%
越前花堂 福井市
0%
白市 東広島市
0%
西高屋 東広島市
0%
寺家 東広島市
0%
八本松 東広島市
0%
瀬野 広島市
0%
中野東 広島市
0%
安芸中野 広島市
0%
向洋 府中町
0%
天神川 広島市
0%
新白島 広島市
0%
前空 廿日市市
0%
玖波 大竹市
0%
通津 岩国市
0%
大畠 柳井市
0%
高柳 柏市
0%
岩田 光市
0%
倶利伽羅 津幡町
0%
櫛ケ浜 周南市
0%
新南陽 周南市
0%
福川 周南市
0%
富海 防府市
0%
四辻 山口市
0%
山口団地 宮古市
0%
嘉川 山口市
0%
本由良 山口市
0%
厚東 宇部市
0%
小野田 山陽小野田市
0%
埴生 山陽小野田市
0%
長府 下関市
0%
丹波口 京都市
0%
二条 京都市
0%
人形町 中央区
0%
太秦 京都市
0%
保津峡 亀岡市
0%
並河 亀岡市
0%
千代川 亀岡市
0%
八木 南丹市
0%
園部 南丹市
0%
鍼灸大学前 南丹市
0%
胡麻 南丹市
0%
和知 京丹波町
0%
立木 京丹波町
0%
山家 綾部市
0%
上川口 福知山市
0%
下夜久野 福知山市
0%
上夜久野 福知山市
0%
ひめじ別所 姫路市
0%
御着 姫路市
0%
はりま勝原 姫路市
0%
英賀保 姫路市
0%
竜野 たつの市
0%
有年 赤穂市
0%
梁瀬 朝来市
0%
和田山 朝来市
0%
八鹿 養父市
0%
江原 豊岡市
0%
玄武洞 豊岡市
0%
竹野 豊岡市
0%
東浜 岩美町
0%
大岩 岩美町
0%
末恒 鳥取市
0%
宝木 鳥取市
0%
浜村 鳥取市
0%
青谷 鳥取市
0%
由良 北栄町
0%
八橋 琴浦町
0%
赤碕 琴浦町
0%
七ヶ岳登山口 南会津町
0%
下市 大山町
0%
御来屋 大山町
0%
浦山口 秩父市
0%
淀江 米子市
0%
伯耆大山 米子市
0%
西木津 木津川市
0%
同志社前 京田辺市
0%
大住 京田辺市
0%
松井山手 京田辺市
0%
藤阪 枚方市
0%
津田 枚方市
0%
河内磐船 交野市
0%
星田 交野市
0%
忍ケ丘 四條畷市
0%
四条畷 大東市
0%
住道 大東市
0%
鴻池新田 東大阪市
0%
徳庵 東大阪市
0%
放出 大阪市
0%
稲荷 京都市
0%
桃山 京都市
0%
黄檗 宇治市
0%
JR小倉 宇治市
0%
長池 城陽市
0%
山城青谷 城陽市
0%
山城多賀 井手町
0%
玉水 井手町
0%
棚倉 木津川市
0%
上狛 木津川市
0%
淵垣 綾部市
0%
梅迫 綾部市
0%
真倉 舞鶴市
0%
桜ノ宮 大阪市
0%
桜島 大阪市
0%
御幣島 大阪市
0%
加島 大阪市
0%
南田辺 大阪市
0%
鶴ケ丘 大阪市
0%
長居 大阪市
0%
神谷町 港区
0%
百舌鳥 堺市
0%
上野芝 堺市
0%
津久野 堺市
0%
富木 高石市
0%
北信太 和泉市
0%
信太山 和泉市
0%
久米田 岸和田市
0%
東佐野 泉佐野市
0%
日根野 泉佐野市
0%
長滝 泉佐野市
0%
和泉砂川 泉南市
0%
山中渓 阪南市
0%
六十谷 和歌山市
0%
佐津 香美町
0%
柴山 香美町
0%
餘部 香美町
0%
浜坂 新温泉町
0%
諸寄 新温泉町
0%
居組 新温泉町
0%
猪名寺 尼崎市
0%
中山寺 宝塚市
0%
寒河 備前市
0%
日生 備前市
0%
伊里 備前市
0%
西片上 備前市
0%
伊部 備前市
0%
香登 備前市
0%
長船 瀬戸内市
0%
邑久 瀬戸内市
0%
大富 瀬戸内市
0%
大多羅 岡山市
0%
相野 三田市
0%
藍本 三田市
0%
信濃町 新宿区
0%
南矢代 丹波篠山市
0%
牛込柳町 新宿区
0%
篠山口 丹波篠山市
0%
丹波大山 丹波篠山市
0%
下滝 丹波市
0%
谷川 丹波市
0%
石生 丹波市
0%
市島 丹波市
0%
坂越 赤穂市
0%
天和 赤穂市
0%
備前福河 赤穂市
0%
神野 加古川市
0%
厄神 加古川市
0%
河合西 小野市
0%
青野ケ原 小野市
0%
楢原 美作市
0%
林野 美作市
0%
勝間田 勝央町
0%
西勝間田 勝央町
0%
美作大崎 津山市
0%
院庄 津山市
0%
美作千代 津山市
0%
坪井 津山市
0%
美作追分 真庭市
0%
美作落合 真庭市
0%
中国勝山 真庭市
0%
月田 真庭市
0%
富原 真庭市
0%
刑部 新見市
0%
丹治部 新見市
0%
岩山 新見市
0%
滝野 加東市
0%
比延 西脇市
0%
日本へそ公園 西脇市
0%
黒田庄 西脇市
0%
本黒田 西脇市
0%
船町口 西脇市
0%
久下村 丹波市
0%
播磨高岡 姫路市
0%
余部 姫路市
0%
太市 姫路市
0%
畠田 王寺町
0%
志都美 香芝市
0%
JR五位堂 香芝市
0%
大和新庄 葛城市
0%
玉手 御所市
0%
掖上 御所市
0%
吉野口 御所市
0%
大和二見 五條市
0%
下兵庫 橋本市
0%
紀伊山田 橋本市
0%
高野口 橋本市
0%
中飯降 かつらぎ町
0%
笠田 かつらぎ町
0%
西笠田 かつらぎ町
0%
名手 紀の川市
0%
粉河 紀の川市
0%
紀伊長田 紀の川市
0%
打田 紀の川市
0%
下井阪 紀の川市
0%
船戸 岩出市
0%
千旦 和歌山市
0%
田井ノ瀬 和歌山市
0%
京終 奈良市
0%
帯解 奈良市
0%
長柄 天理市
0%
西武柳沢 西東京市
0%
巻向 桜井市
0%
三輪 桜井市
0%
香久山 橿原市
0%
金橋 橿原市
0%
紀伊佐野 新宮市
0%
宇久井 那智勝浦町
0%
那智 那智勝浦町
0%
紀伊天満 那智勝浦町
0%
紀伊勝浦 那智勝浦町
0%
湯川 那智勝浦町
0%
下里 那智勝浦町
0%
紀伊浦神 那智勝浦町
0%
紀伊田原 串本町
0%
古座 串本町
0%
紀伊姫 串本町
0%
紀伊有田 串本町
0%
田並 串本町
0%
田子 串本町
0%
和深 串本町
0%
江住 すさみ町
0%
見老津 すさみ町
0%
周参見 すさみ町
0%
紀伊日置 白浜町
0%
椿 白浜町
0%
紀伊富田 白浜町
0%
紀伊新庄 田辺市
0%
芳養 田辺市
0%
南部 みなべ町
0%
岩代 みなべ町
0%
切目 印南町
0%
稲原 印南町
0%
和佐 日高川町
0%
道成寺 御坊市
0%
紀伊内原 日高町
0%
藤並 有田川町
0%
紀伊宮原 有田市
0%
箕島 有田市
0%
初島 有田市
0%
加茂郷 海南市
0%
冷水浦 海南市
0%
黒江 海南市
0%
宮前 和歌山市
0%
紀和 和歌山市
0%
JR長瀬 東大阪市
0%
衣摺加美北 東大阪市
0%
荒島 安来市
0%
揖屋 松江市
0%
本竜野 たつの市
0%
乃木 松江市
0%
来待 松江市
0%
荘原 出雲市
0%
直江 出雲市
0%
田儀 出雲市
0%
波根 大田市
0%
久手 大田市
0%
静間 大田市
0%
五十猛 大田市
0%
仁万 大田市
0%
馬路 大田市
0%
湯里 大田市
0%
石見福光 大田市
0%
浅利 江津市
0%
都野津 江津市
0%
敬川 江津市
0%
波子 江津市
0%
久代 浜田市
0%
下府 浜田市
0%
周布 浜田市
0%
折居 浜田市
0%
三保三隅 浜田市
0%
岡見 浜田市
0%
鎌手 益田市
0%
石見津田 益田市
0%
戸田小浜 益田市
0%
飯浦 益田市
0%
江崎 萩市
0%
宇田郷 阿武町
0%
奈古 阿武町
0%
長門大井 萩市
0%
越ケ浜 萩市
0%
玉江 萩市
0%
三見 萩市
0%
飯井 萩市
0%
黄波戸 長門市
0%
人丸 長門市
0%
伊上 長門市
0%
長門粟野 下関市
0%
阿川 下関市
0%
特牛 下関市
0%
滝部 下関市
0%
長門二見 下関市
0%
宇賀本郷 下関市
0%
湯玉 下関市
0%
小串 下関市
0%
川棚温泉 下関市
0%
黒井村 下関市
0%
梅ケ峠 下関市
0%
吉見 下関市
0%
福江 下関市
0%
安岡 下関市
0%
梶栗郷台地 下関市
0%
綾羅木 下関市
0%
豪渓 総社市
0%
日羽 総社市
0%
美袋 総社市
0%
備中広瀬 高梁市
0%
木野山 高梁市
0%
備中川面 高梁市
0%
石蟹 新見市
0%
足立 新見市
0%
上石見 日南町
0%
上菅 日野町
0%
黒坂 日野町
0%
根雨 日野町
0%
武庫 江府町
0%
江尾 江府町
0%
津ノ井 鳥取市
0%
東郡家 八頭町
0%
河原 八頭町
0%
鷹狩 鳥取市
0%
用瀬 鳥取市
0%
因幡社 鳥取市
0%
土師 智頭町
0%
那岐 智頭町
0%
美作河井 津山市
0%
知和 津山市
0%
美作加茂 津山市
0%
三浦 津山市
0%
美作滝尾 津山市
0%
後藤 米子市
0%
三本松口 米子市
0%
河崎口 米子市
0%
和田浜 米子市
0%
米子空港 境港市
0%
中浜 境港市
0%
余子 境港市
0%
加茂中 雲南市
0%
幡屋 雲南市
0%
出雲大東 雲南市
0%
南大東 雲南市
0%
木次 雲南市
0%
日登 雲南市
0%
下久野 雲南市
0%
出雲八代 奥出雲町
0%
出雲三成 奥出雲町
0%
亀嵩 奥出雲町
0%
出雲坂根 奥出雲町
0%
三井野原 奥出雲町
0%
油木 庄原市
0%
備後落合 庄原市
0%
上郷 山口市
0%
矢原 山口市
0%
高尾山口 八王子市
0%
宮野 山口市
0%
仁保 山口市
0%
篠目 山口市
0%
渡川 山口市
0%
名草 山口市
0%
地福 山口市
0%
鍋倉 山口市
0%
徳佐 山口市
0%
船平山 山口市
0%
青野山 津和野町
0%
青原 津和野町
0%
東青原 津和野町
0%
石見横田 益田市
0%
本俣賀 益田市
0%
大元 岡山市
0%
備前西市 岡山市
0%
妹尾 岡山市
0%
備中箕島 岡山市
0%
久々原 早島町
0%
新御徒町 台東区
0%
彦崎 岡山市
0%
備前片岡 岡山市
0%
迫川 岡山市
0%
常山 玉野市
0%
八浜 玉野市
0%
備前田井 玉野市
0%
植松 岡山市
0%
木見 倉敷市
0%
児島 倉敷市
0%
備前三門 岡山市
0%
大安寺 岡山市
0%
備前一宮 岡山市
0%
足守 岡山市
0%
布原 新見市
0%
坂根 新見市
0%
市岡 新見市
0%
野馳 新見市
0%
備後八幡 庄原市
0%
内名 庄原市
0%
比婆山 庄原市
0%
備後西城 庄原市
0%
平子 庄原市
0%
庄原市
0%
備後三日市 庄原市
0%
七塚 庄原市
0%
下和知 三次市
0%
門前仲町 江東区
0%
神杉 三次市
0%
八次 三次市
0%
志和地 三次市
0%
上川立 三次市
0%
甲立 安芸高田市
0%
吉田口 安芸高田市
0%
井原市 広島市
0%
志和口 広島市
0%
上三田 広島市
0%
中三田 広島市
0%
白木山 広島市
0%
中深川 広島市
0%
下深川 広島市
0%
玖村 広島市
0%
安芸矢口 広島市
0%
戸坂 広島市
0%
佐良山 津山市
0%
亀甲 美咲町
0%
小原 美咲町
0%
誕生寺 久米南町
0%
弓削 久米南町
0%
神目 久米南町
0%
福渡 岡山市
0%
建部 岡山市
0%
金川 岡山市
0%
野々口 岡山市
0%
牧山 岡山市
0%
玉柏 岡山市
0%
法界院 岡山市
0%
須波 三原市
0%
安芸幸崎 三原市
0%
忠海 竹原市
0%
安芸長浜 竹原市
0%
吉名 竹原市
0%
安芸津 東広島市
0%
風早 東広島市
0%
安浦 呉市
0%
安登 呉市
0%
安芸川尻 呉市
0%
仁方 呉市
0%
新広 呉市
0%
安芸阿賀 呉市
0%
川原石 呉市
0%
吉浦 呉市
0%
水尻 坂町
0%
矢野 広島市
0%
三滝 広島市
0%
安芸長束 広島市
0%
下祇園 広島市
0%
古市橋 広島市
0%
緑井 広島市
0%
七軒茶屋 広島市
0%
千本 たつの市
0%
上八木 広島市
0%
西栗栖 たつの市
0%
可部 広島市
0%
備後本庄 福山市
0%
横尾 福山市
0%
神辺 福山市
0%
湯田村 福山市
0%
道上 福山市
0%
万能倉 福山市
0%
駅家 福山市
0%
近田 福山市
0%
戸手 福山市
0%
上戸手 福山市
0%
新市 福山市
0%
高木 府中市
0%
鵜飼 府中市
0%
下川辺 府中市
0%
中畑 府中市
0%
河佐 府中市
0%
備後三川 世羅町
0%
備後矢野 府中市
0%
上下 府中市
0%
甲奴 三次市
0%
梶田 三次市
0%
備後安田 三次市
0%
上嘉川 山口市
0%
深溝 山口市
0%
周防佐山 山口市
0%
阿知須 山口市
0%
岐波 宇部市
0%
丸尾 宇部市
0%
床波 宇部市
0%
草江 宇部市
0%
居能 宇部市
0%
岩鼻 宇部市
0%
湯ノ峠 山陽小野田市
0%
四郎ケ原 美祢市
0%
南大嶺 美祢市
0%
重安 美祢市
0%
於福 美祢市
0%
渋木 長門市
0%
板持 長門市
0%
仙崎 長門市
0%
妻崎 宇部市
0%
長門長沢 宇部市
0%
雀田 山陽小野田市
0%
小野田港 山陽小野田市
0%
南中川 山陽小野田市
0%
目出 山陽小野田市
0%
浜河内 山陽小野田市
0%
長門本山 山陽小野田市
0%
柱野 岩国市
0%
欽明路 岩国市
0%
玖珂 岩国市
0%
周防高森 岩国市
0%
米川 岩国市
0%
高水 周南市
0%
勝間 周南市
0%
大河内 周南市
0%
周防久保 下松市
0%
生野屋 下松市
0%
周防花岡 下松市
0%
金蔵寺 善通寺市
0%
塩入 まんのう町
0%
讃岐財田 三豊市
0%
坪尻 三好市
0%
箸蔵 三好市
0%
三好市
0%
阿波池田 三好市
0%
三縄 三好市
0%
祖谷口 三好市
0%
阿波川口 三好市
0%
大歩危 三好市
0%
土佐岩原 大豊町
0%
豊永 大豊町
0%
大田口 大豊町
0%
土佐穴内 大豊町
0%
大杉 大豊町
0%
角茂谷 大豊町
0%
新改 香美市
0%
土佐長岡 南国市
0%
各務ケ原 各務原市
0%
布師田 高知市
0%
土佐一宮 高知市
0%
入明 高知市
0%
円行寺口 高知市
0%
鵜沼 各務原市
0%
枝川 いの町
0%
小村神社前 日高村
0%
波川 いの町
0%
日下 日高村
0%
岡花 日高村
0%
土佐加茂 佐川町
0%
襟野々 佐川町
0%
斗賀野 佐川町
0%
吾桑 須崎市
0%
多ノ郷 須崎市
0%
大間 須崎市
0%
土佐新荘 須崎市
0%
安和 須崎市
0%
土佐久礼 中土佐町
0%
影野 四万十町
0%
六反地 四万十町
0%
栗林公園北口 高松市
0%
栗林 高松市
0%
南砂町 江東区
0%
八栗口 高松市
0%
三河塩津 蒲郡市
0%
オレンジタウン さぬき市
0%
造田 さぬき市
0%
讃岐津田 さぬき市
0%
鶴羽 さぬき市
0%
丹生 東かがわ市
0%
讃岐白鳥 東かがわ市
0%
引田 東かがわ市
0%
阿波大宮 板野町
0%
阿波川端 板野町
0%
板東 鳴門市
0%
勝瑞 藍住町
0%
吉成 徳島市
0%
佐古 徳島市
0%
蔵本 徳島市
0%
鮎喰 徳島市
0%
下浦 石井町
0%
牛島 吉野川市
0%
麻植塚 吉野川市
0%
鴨島 吉野川市
0%
西麻植 吉野川市
0%
阿波川島 吉野川市
0%
吉野川市
0%
山瀬 吉野川市
0%
阿波山川 吉野川市
0%
川田 吉野川市
0%
穴吹 美馬市
0%
小島 美馬市
0%
貞光 つるぎ町
0%
阿波半田 つるぎ町
0%
江口 東みよし町
0%
三加茂 東みよし町
0%
阿波加茂 東みよし町
0%
三好市
0%
阿波富田 徳島市
0%
二軒屋 徳島市
0%
文化の森 徳島市
0%
地蔵橋 徳島市
0%
阿波赤石 小松島市
0%
立江 小松島市
0%
羽ノ浦 阿南市
0%
阿波中島 阿南市
0%
見能林 阿南市
0%
阿波橘 阿南市
0%
桑野 阿南市
0%
阿波福井 阿南市
0%
由岐 美波町
0%
田井ノ浜 美波町
0%
木岐 美波町
0%
日和佐 美波町
0%
山河内 美波町
0%
辺川 牟岐町
0%
鯖瀬 海陽町
0%
浅川 海陽町
0%
阿波海南 海陽町
0%
撫養 鳴門市
0%
金比羅前 鳴門市
0%
教会前 鳴門市
0%
阿波大谷 鳴門市
0%
香西 高松市
0%
鬼無 高松市
0%
端岡 高松市
0%
讃岐府中 坂出市
0%
鴨川 坂出市
0%
八十場 坂出市
0%
海岸寺 多度津町
0%
詫間 三豊市
0%
みの 三豊市
0%
比地大 三豊市
0%
播磨徳久 佐用町
0%
豊浜 観音寺市
0%
箕浦 観音寺市
0%
川之江 四国中央市
0%
伊予三島 四国中央市
0%
伊予寒川 四国中央市
0%
赤星 四国中央市
0%
関川 四国中央市
0%
多喜浜 新居浜市
0%
中萩 新居浜市
0%
石鎚山 西条市
0%
伊予氷見 西条市
0%
玉之江 西条市
0%
伊予三芳 西条市
0%
伊予桜井 今治市
0%
波止浜 今治市
0%
波方 今治市
0%
大西 今治市
0%
伊予亀岡 今治市
0%
菊間 今治市
0%
浅海 松山市
0%
大浦 松山市
0%
伊予北条 松山市
0%
粟井 松山市
0%
光洋台 松山市
0%
堀江 松山市
0%
伊予和気 松山市
0%
三津浜 松山市
0%
北伊予 松前町
0%
伊予横田 松前町
0%
鳥ノ木 伊予市
0%
向井原 伊予市
0%
伊予立川 内子町
0%
五十崎 内子町
0%
新谷 大洲市
0%
高野川 伊予市
0%
下灘 伊予市
0%
喜多灘 大洲市
0%
伊予長浜 大洲市
0%
伊予出石 大洲市
0%
伊予白滝 大洲市
0%
八多喜 大洲市
0%
春賀 大洲市
0%
五郎 大洲市
0%
千丈 八幡浜市
0%
双岩 八幡浜市
0%
伊予石城 西予市
0%
上宇和 西予市
0%
下宇和 西予市
0%
立間 宇和島市
0%
高光 宇和島市
0%
若井 四万十町
0%
家地川 四万十町
0%
打井川 四万十町
0%
土佐大正 四万十町
0%
土佐昭和 四万十町
0%
半家 四万十市
0%
江川崎 四万十市
0%
西ケ方 四万十市
0%
真土 松野町
0%
吉野生 松野町
0%
松丸 松野町
0%
出目 鬼北町
0%
近永 鬼北町
0%
深田 鬼北町
0%
大内 宇和島市
0%
二名 宇和島市
0%
伊予宮野下 宇和島市
0%
務田 宇和島市
0%
博多南 春日市
0%
小森江 北九州市
0%
西小倉 北九州市
0%
枝光 北九州市
0%
陣原 北九州市
0%
教育大前 宗像市
0%
赤間 宗像市
0%
東郷 宗像市
0%
東福間 福津市
0%
福間 福津市
0%
千鳥 古賀市
0%
ししぶ 古賀市
0%
福工大前 福岡市
0%
香椎 福岡市
0%
箱崎 福岡市
0%
吉塚 福岡市
0%
竹下 福岡市
0%
笹原 福岡市
0%
水城 大野城市
0%
天拝山 筑紫野市
0%
けやき台 基山町
0%
田代 鳥栖市
0%
肥前旭 鳥栖市
0%
荒木 久留米市
0%
西牟田 筑後市
0%
東福寺 京都市
0%
銀水 大牟田市
0%
大野下 玉名市
0%
肥後伊倉 玉名市
0%
木葉 玉東町
0%
植木 熊本市
0%
西里 熊本市
0%
崇城大学前 熊本市
0%
川尻 熊本市
0%
松橋 宇城市
0%
有佐 八代市
0%
千丁 八代市
0%
隈之城 薩摩川内市
0%
木場茶屋 薩摩川内市
0%
串木野 いちき串木野市
0%
神村学園前 いちき串木野市
0%
市来 いちき串木野市
0%
湯之元 日置市
0%
伊集院 日置市
0%
薩摩松元 鹿児島市
0%
広木 鹿児島市
0%
上伊集院 鹿児島市
0%
近鉄八田 名古屋市
0%
肥前麓 鳥栖市
0%
中原 みやき町
0%
吉野ケ里公園 吉野ヶ里町
0%
鍋島 佐賀市
0%
牛津 小城市
0%
肥前竜王 白石町
0%
肥前浜 鹿島市
0%
肥前七浦 鹿島市
0%
多良 太良町
0%
小長井 諫早市
0%
長里 諫早市
0%
湯江 諫早市
0%
小江 諫早市
0%
肥前長田 諫早市
0%
喜々津 諫早市
0%
市布 諫早市
0%
肥前古賀 長崎市
0%
現川 長崎市
0%
東園 諫早市
0%
大草 諫早市
0%
本川内 長与町
0%
道ノ尾 長崎市
0%
長島 桑名市
0%
近鉄長島 桑名市
0%
南小倉 北九州市
0%
安部山公園 北九州市
0%
下曽根 北九州市
0%
朽網 北九州市
0%
新田原 行橋市
0%
築城 築上町
0%
椎田 築上町
0%
宇島 豊前市
0%
三毛門 豊前市
0%
森ノ宮 大阪市
0%
玉造 大阪市
0%
天津 宇佐市
0%
豊前善光寺 宇佐市
0%
柳小路 藤沢市
0%
豊前長洲 宇佐市
0%
立石 杵築市
0%
中山香 杵築市
0%
大神 日出町
0%
暘谷 日出町
0%
豊後豊岡 日出町
0%
亀川 別府市
0%
関西空港 田尻町
0%
高城 大分市
0%
鶴崎 大分市
0%
大在 大分市
0%
坂ノ市 大分市
0%
幸崎 大分市
0%
下ノ江 臼杵市
0%
熊崎 臼杵市
0%
日代 津久見市
0%
浅海井 佐伯市
0%
狩生 佐伯市
0%
海崎 佐伯市
0%
上岡 佐伯市
0%
直見 佐伯市
0%
直川 佐伯市
0%
市棚 延岡市
0%
北川 延岡市
0%
日向長井 延岡市
0%
土々呂 延岡市
0%
財光寺 日向市
0%
美々津 日向市
0%
佐土原 宮崎市
0%
日向住吉 宮崎市
0%
蓮ケ池 宮崎市
0%
清武 宮崎市
0%
日向沓掛 宮崎市
0%
青井岳 都城市
0%
山之口 都城市
0%
餅原 三股町
0%
五十市 都城市
0%
財部 曽於市
0%
北俣 曽於市
0%
大隅大川原 曽於市
0%
北永野田 霧島市
0%
京口 姫路市
0%
隼人 霧島市
0%
加治木 姶良市
0%
重富 姶良市
0%
野里 姫路市
0%
筑前大分 飯塚市
0%
九郎原 飯塚市
0%
城戸南蔵院前 篠栗町
0%
筑前山手 篠栗町
0%
長者原 粕屋町
0%
荏原町 品川区
0%
柚須 粕屋町
0%
姪浜 福岡市
0%
下山門 福岡市
0%
今宿 福岡市
0%
九大学研都市 福岡市
0%
周船寺 福岡市
0%
波多江 糸島市
0%
美咲が丘 糸島市
0%
加布里 糸島市
0%
一貴山 糸島市
0%
筑前深江 糸島市
0%
大入 糸島市
0%
福吉 糸島市
0%
鹿家 糸島市
0%
浜崎 唐津市
0%
和多田 唐津市
0%
若松 北九州市
0%
藤ノ木 北九州市
0%
奥洞海 北九州市
0%
二島 北九州市
0%
本城 北九州市
0%
筑前垣生 中間市
0%
筑前植木 直方市
0%
新入 直方市
0%
勝野 小竹町
0%
砥堀 姫路市
0%
天道 飯塚市
0%
上穂波 飯塚市
0%
筑前内野 飯塚市
0%
筑前山家 筑紫野市
0%
御井 久留米市
0%
善導寺 久留米市
0%
筑後草野 久留米市
0%
田主丸 久留米市
0%
筑後吉井 うきは市
0%
筑後大石 うきは市
0%
夜明 日田市
0%
光岡 日田市
0%
豊後中川 日田市
0%
天ケ瀬 日田市
0%
杉河内 日田市
0%
仁豊野 姫路市
0%
豊後森 玖珠町
0%
恵良 九重町
0%
引治 九重町
0%
豊後中村 九重町
0%
野矢 九重町
0%
湯平 由布市
0%
天神山 由布市
0%
小野屋 由布市
0%
鬼瀬 由布市
0%
向之原 由布市
0%
豊後国分 大分市
0%
賀来 大分市
0%
古国府 大分市
0%
溝口 姫路市
0%
志井公園 北九州市
0%
甘地 市川町
0%
千鳥町 大田区
0%
呼野 北九州市
0%
採銅所 香春町
0%
鶴居 市川町
0%
池尻 川崎町
0%
上三緒 飯塚市
0%
下鴨生 嘉麻市
0%
筑前庄内 飯塚市
0%
西戸崎 福岡市
0%
雁ノ巣 福岡市
0%
奈多 福岡市
0%
和白 福岡市
0%
香椎神宮 福岡市
0%
舞松原 福岡市
0%
土井 福岡市
0%
伊賀 粕屋町
0%
酒殿 粕屋町
0%
新原 須恵町
0%
寺前 神河町
0%
高橋 武雄市
0%
永尾 武雄市
0%
三間坂 武雄市
0%
三河内 佐世保市
0%
日宇 佐世保市
0%
鬼塚 唐津市
0%
肥前久保 唐津市
0%
西相知 唐津市
0%
佐里 唐津市
0%
駒鳴 伊万里市
0%
大川野 伊万里市
0%
肥前長野 伊万里市
0%
桃川 伊万里市
0%
金石原 伊万里市
0%
厳木 唐津市
0%
生野 朝来市
0%
相知 唐津市
0%
本牟田部 唐津市
0%
ハウステンボス 佐世保市
0%
南風崎 佐世保市
0%
小串郷 川棚町
0%
彼杵 東彼杵町
0%
千綿 東彼杵町
0%
竹松 大村市
0%
諏訪 大村市
0%
岩松 大村市
0%
平成 熊本市
0%
東海学園前 熊本市
0%
竜田口 熊本市
0%
武蔵塚 熊本市
0%
光の森 熊本市
0%
三里木 菊陽町
0%
原水 菊陽町
0%
赤水 阿蘇市
0%
市ノ川 阿蘇市
0%
内牧 阿蘇市
0%
いこいの村 阿蘇市
0%
宮地 阿蘇市
0%
滝水 阿蘇市
0%
豊後荻 竹田市
0%
玉来 竹田市
0%
朝地 豊後大野市
0%
緒方 豊後大野市
0%
豊後清川 豊後大野市
0%
大森町 大田区
0%
菅尾 豊後大野市
0%
犬飼 豊後大野市
0%
竹中 大分市
0%
中判田 大分市
0%
敷戸 大分市
0%
滝尾 大分市
0%
緑川 宇土市
0%
肥後長浜 宇土市
0%
網田 宇土市
0%
赤瀬 宇土市
0%
石打ダム 宇城市
0%
波多浦 宇城市
0%
三角 宇城市
0%
八代市
0%
坂本 八代市
0%
葉木 八代市
0%
鎌瀬 八代市
0%
瀬戸石 八代市
0%
海路 芦北町
0%
吉尾 芦北町
0%
球泉洞 球磨村
0%
一勝地 球磨村
0%
那良口 球磨村
0%
球磨村
0%
矢岳 人吉市
0%
吉松 湧水町
0%
栗野 湧水町
0%
大隅横川 霧島市
0%
植村 霧島市
0%
嘉例川 霧島市
0%
中福良 霧島市
0%
表木山 霧島市
0%
日当山 霧島市
0%
田吉 宮崎市
0%
中松江 和歌山市
0%
木花 宮崎市
0%
曽山寺 宮崎市
0%
子供の国 宮崎市
0%
青島 宮崎市
0%
小内海 宮崎市
0%
伊比井 日南市
0%
北郷 日南市
0%
内之田 日南市
0%
飫肥 日南市
0%
油津 日南市
0%
大堂津 日南市
0%
谷之口 日南市
0%
榎原 日南市
0%
日向大束 串間市
0%
日向北方 串間市
0%
福島高松 串間市
0%
大隅夏井 志布志市
0%
日向庄内 都城市
0%
谷頭 都城市
0%
万ケ塚 都城市
0%
東高崎 都城市
0%
高崎新田 都城市
0%
日向前田 都城市
0%
広原 高原町
0%
京町温泉 えびの市
0%
慈眼寺 鹿児島市
0%
坂之上 鹿児島市
0%
五位野 鹿児島市
0%
平川 鹿児島市
0%
中名 鹿児島市
0%
喜入 鹿児島市
0%
前之浜 鹿児島市
0%
生見 鹿児島市
0%
宮ケ浜 指宿市
0%
二月田 指宿市
0%
西大山 指宿市
0%
開聞 指宿市
0%
頴娃 南九州市
0%
西頴娃 南九州市
0%
石垣 南九州市
0%
水成川 南九州市
0%
頴娃大川 南九州市
0%
松ケ浦 南九州市
0%
薩摩塩屋 南九州市
0%
薩摩板敷 枕崎市
0%
下板橋 豊島区
0%
京阪石山 大津市
0%
膳所 大津市
0%
みずほ台 富士見市
0%
鶴瀬 富士見市
0%
ふじみ野 富士見市
0%
上福岡 ふじみ野市
0%
若葉 坂戸市
0%
高坂 東松山市
0%
つきのわ 滑川町
0%
東武竹沢 小川町
0%
男衾 寄居町
0%
玉淀 寄居町
0%
京阪膳所 大津市
0%
曳舟 墨田区
0%
東向島 墨田区
0%
鐘ヶ淵 墨田区
0%
小菅 足立区
0%
梅島 足立区
0%
大袋 越谷市
0%
武里 春日部市
0%
一ノ割 春日部市
0%
姫宮 宮代町
0%
東武動物公園 宮代町
0%
和戸 宮代町
0%
鷲宮 久喜市
0%
花崎 加須市
0%
川俣 明和町
0%
茂林寺前 館林市
0%
足利市
0%
福居 足利市
0%
野州山辺 足利市
0%
韮川 太田市
0%
木崎 太田市
0%
世良田 太田市
0%
永福町 杉並区
0%
剛志 伊勢崎市
0%
南栗橋 久喜市
0%
新古河 加須市
0%
藤岡 栃木市
0%
静和 栃木市
0%
新大平下 栃木市
0%
合戦場 栃木市
0%
家中 栃木市
0%
東武金崎 栃木市
0%
楡木 鹿沼市
0%
樅山 鹿沼市
0%
板荷 鹿沼市
0%
下小代 日光市
0%
明神 日光市
0%
上今市 日光市
0%
北大宮 さいたま市
0%
大宮公園 さいたま市
0%
七里 さいたま市
0%
東岩槻 さいたま市
0%
豊春 春日部市
0%
八木崎 春日部市
0%
川間 野田市
0%
七光台 野田市
0%
清水公園 野田市
0%
運河 流山市
0%
江戸川台 流山市
0%
初石 流山市
0%
増尾 柏市
0%
逆井 柏市
0%
青柳 茅野市
0%
六実 松戸市
0%
馬込沢 船橋市
0%
塚田 船橋市
0%
小村井 墨田区
0%
東あずま 墨田区
0%
亀戸水神 江東区
0%
大師前 足立区
0%
西大家 坂戸市
0%
川角 毛呂山町
0%
武州長瀬 毛呂山町
0%
東毛呂 毛呂山町
0%
野州平川 栃木市
0%
野州大塚 栃木市
0%
国谷 壬生町
0%
おもちゃのまち 壬生町
0%
安塚 壬生町
0%
西川田 宇都宮市
0%
江曽島 宇都宮市
0%
新高徳 日光市
0%
小佐越 日光市
0%
鬼怒川温泉 日光市
0%
鬼怒川公園 日光市
0%
新藤原 日光市
0%
田島 佐野市
0%
堀米 佐野市
0%
吉水 佐野市
0%
田沼 佐野市
0%
葛生 佐野市
0%
三枚橋 太田市
0%
治良門橋 太田市
0%
藪塚 太田市
0%
阿左美 みどり市
0%
赤城 みどり市
0%
本中野 邑楽町
0%
東小泉 大泉町
0%
西小泉 大泉町
0%
竜舞 太田市
0%
椎名町 豊島区
0%
江古田 練馬区
0%
中村橋 練馬区
0%
富士見台 練馬区
0%
保谷 西東京市
0%
狭山ヶ丘 所沢市
0%
武蔵藤沢 入間市
0%
稲荷山公園 狭山市
0%
仏子 入間市
0%
元加治 入間市
0%
高麗 日高市
0%
武蔵横手 日高市
0%
東吾野 飯能市
0%
西吾野 飯能市
0%
正丸 飯能市
0%
芦ヶ久保 横瀬町
0%
新桜台 練馬区
0%
西武球場前 所沢市
0%
西武園ゆうえんち 所沢市
0%
下落合 新宿区
0%
新井薬師前 中野区
0%
沼袋 中野区
0%
野方 中野区
0%
鷺ノ宮 中野区
0%
下井草 杉並区
0%
井荻 杉並区
0%
上石神井 練馬区
0%
武蔵関 練馬区
0%
東伏見 西東京市
0%
花小金井 小平市
0%
久米川 東村山市
0%
入曽 狭山市
0%
南大塚 川越市
0%
武蔵砂川 立川市
0%
北新地 大阪市
0%
一橋学園 小平市
0%
青梅街道 小平市
0%
武蔵大和 東村山市
0%
多磨 府中市
0%
競艇場前 府中市
0%
是政 府中市
0%
新三河島 荒川区
0%
堀切菖蒲園 葛飾区
0%
青砥 葛飾区
0%
京成小岩 江戸川区
0%
国府台 市川市
0%
菅野 市川市
0%
鬼越 市川市
0%
東中山 船橋市
0%
海神 船橋市
0%
大神宮下 船橋市
0%
京成大久保 習志野市
0%
実籾 習志野市
0%
京成大和田 八千代市
0%
志津 佐倉市
0%
京成臼井 佐倉市
0%
公津の杜 成田市
0%
西梅田 大阪市
0%
柴又 葛飾区
0%
青倉 朝来市
0%
みどり台 千葉市
0%
大森台 千葉市
0%
海部 海陽町
0%
明大前 世田谷区
0%
下高井戸 世田谷区
0%
上北沢 世田谷区
0%
八幡山 杉並区
0%
芦花公園 世田谷区
0%
千歳烏山 世田谷区
0%
仙川 調布市
0%
柴崎 調布市
0%
国領 調布市
0%
布田 調布市
0%
武蔵野台 府中市
0%
多磨霊園 府中市
0%
中河原 府中市
0%
聖蹟桜ヶ丘 多摩市
0%
百草園 日野市
0%
南平 日野市
0%
平山城址公園 日野市
0%
美濃青柳 大垣市
0%
京王多摩川 調布市
0%
京王よみうりランド 稲城市
0%
若葉台 川崎市
0%
京王堀之内 八王子市
0%
南大沢 八王子市
0%
京王片倉 八王子市
0%
めじろ台 八王子市
0%
狭間 八王子市
0%
坂本比叡山口 大津市
0%
神泉 渋谷区
0%
池ノ上 世田谷区
0%
新代田 世田谷区
0%
東松原 世田谷区
0%
要町 豊島区
0%
浜田山 杉並区
0%
富士見ヶ丘 杉並区
0%
久我山 杉並区
0%
井の頭公園 三鷹市
0%
博多 福岡市
0%
園田 尼崎市
0%
参宮橋 渋谷区
0%
梅ヶ丘 世田谷区
0%
経堂 世田谷区
0%
千歳船橋 世田谷区
0%
祖師ヶ谷大蔵 世田谷区
0%
成城学園前 世田谷区
0%
和泉多摩川 狛江市
0%
新百合ヶ丘 川崎市
0%
柿生 川崎市
0%
鶴川 町田市
0%
玉川学園前 町田市
0%
相模大野 相模原市
0%
相武台前 座間市
0%
愛甲石田 厚木市
0%
鶴巻温泉 秦野市
0%
東海大学前 秦野市
0%
渋沢 秦野市
0%
東林間 相模原市
0%
南林間 大和市
0%
鶴間 大和市
0%
高座渋谷 大和市
0%
長後 藤沢市
0%
湘南台 藤沢市
0%
六会日大前 藤沢市
0%
善行 藤沢市
0%
本鵠沼 藤沢市
0%
鵠沼海岸 藤沢市
0%
五月台 川崎市
0%
はるひ野 川崎市
0%
唐木田 多摩市
0%
代官山 渋谷区
0%
祐天寺 目黒区
0%
学芸大学 目黒区
0%
都立大学 目黒区
0%
自由が丘 目黒区
0%
多摩川 大田区
0%
加美 大阪市
0%
妙蓮寺 横浜市
0%
不動前 品川区
0%
武蔵小山 品川区
0%
西小山 品川区
0%
洗足 目黒区
0%
大岡山 大田区
0%
池尻大橋 世田谷区
0%
三軒茶屋 世田谷区
0%
用賀 世田谷区
0%
二子玉川 世田谷区
0%
二子新地 川崎市
0%
梶が谷 川崎市
0%
宮崎台 川崎市
0%
鷺沼 川崎市
0%
たまプラーザ 横浜市
0%
市が尾 横浜市
0%
青葉台 横浜市
0%
田奈 横浜市
0%
つきみ野 大和市
0%
下神明 品川区
0%
戸越公園 品川区
0%
六町 足立区
0%
旗の台 品川区
0%
北千束 大田区
0%
九品仏 世田谷区
0%
尾山台 世田谷区
0%
荏原中延 品川区
0%
洗足池 大田区
0%
石川台 大田区
0%
御嶽山 大田区
0%
金町 葛飾区
0%
蓮沼 大田区
0%
沼部 大田区
0%
鵜の木 大田区
0%
武蔵新田 大田区
0%
矢口渡 大田区
0%
西太子堂 世田谷区
0%
松陰神社前 世田谷区
0%
宮の坂 世田谷区
0%
恩田 横浜市
0%
天王寺駅前 大阪市
0%
泉岳寺 港区
0%
新馬場 品川区
0%
青物横丁 品川区
0%
鮫洲 品川区
0%
立会川 品川区
0%
平和島 大田区
0%
京急蒲田 大田区
0%
雑色 大田区
0%
動物園前 大阪市
0%
花月総持寺 横浜市
0%
生麦 横浜市
0%
新今宮駅前 大阪市
0%
子安 横浜市
0%
戸部 横浜市
0%
石川町 横浜市
0%
屏風浦 横浜市
0%
金沢八景 横浜市
0%
安針塚 横須賀市
0%
逸見 横須賀市
0%
汐入 横須賀市
0%
京急大津 横須賀市
0%
浦賀 横須賀市
0%
大鳥居 大田区
0%
穴守稲荷 大田区
0%
天空橋 大田区
0%
武庫之荘 尼崎市
0%
日ノ出町 横浜市
0%
東門前 川崎市
0%
大師橋 川崎市
0%
六浦 横浜市
0%
神武寺 逗子市
0%
YRP野比 横須賀市
0%
京急長沢 横須賀市
0%
津久井浜 横須賀市
0%
王子公園 神戸市
0%
青山一丁目 港区
0%
外苑前 港区
0%
茗荷谷 文京区
0%
後楽園 文京区
0%
本郷三丁目 文京区
0%
四谷三丁目 新宿区
0%
東高円寺 杉並区
0%
黄金町 横浜市
0%
三ノ輪 台東区
0%
和田町 横浜市
0%
片倉町 横浜市
0%
東銀座 中央区
0%
三ツ沢上町 横浜市
0%
六本木 港区
0%
広尾 港区
0%
落合 新宿区
0%
神楽坂 新宿区
0%
九段下 千代田区
0%
竹橋 千代田区
0%
三ツ沢下町 横浜市
0%
木場 江東区
0%
高島町 横浜市
0%
伊勢佐木長者町 横浜市
0%
西葛西 江戸川区
0%
葛西 江戸川区
0%
行徳 市川市
0%
妙典 市川市
0%
北綾瀬 足立区
0%
根津 文京区
0%
湯島 文京区
0%
吉野町 横浜市
0%
二重橋前 千代田区
0%
乃木坂 港区
0%
千川 豊島区
0%
川和町 横浜市
0%
護国寺 文京区
0%
江戸川橋 文京区
0%
日吉本町 横浜市
0%
桜田門 千代田区
0%
月島 中央区
0%
辰巳 江東区
0%
半蔵門 千代田区
0%
清澄白河 江東区
0%
王子神谷 北区
0%
西ケ原 北区
0%
本駒込 文京区
0%
東大前 文京区
0%
麻布十番 港区
0%
白金高輪 港区
0%
北参道 渋谷区
0%
上星川 横浜市
0%
西谷 横浜市
0%
鶴ヶ峰 横浜市
0%
瀬谷 横浜市
0%
相模大塚 大和市
0%
さがみ野 海老名市
0%
かしわ台 海老名市
0%
南万騎が原 横浜市
0%
緑園都市 横浜市
0%
いずみ野 横浜市
0%
いずみ中央 横浜市
0%
ゆめが丘 横浜市
0%
伊奈 豊川市
0%
小田渕 豊川市
0%
御油 豊川市
0%
名電赤坂 豊川市
0%
名電長沢 豊川市
0%
名電山中 岡崎市
0%
藤川 岡崎市
0%
美合 岡崎市
0%
男川 岡崎市
0%
矢作橋 岡崎市
0%
宇頭 岡崎市
0%
一ツ木 刈谷市
0%
富士松 刈谷市
0%
中京競馬場前 名古屋市
0%
有松 名古屋市
0%
左京山 名古屋市
0%
本星崎 名古屋市
0%
本笠寺 名古屋市
0%
呼続 名古屋市
0%
神宮前 名古屋市
0%
栄生 名古屋市
0%
東枇杷島 名古屋市
0%
西枇杷島 清須市
0%
二ツ杁 清須市
0%
新川橋 清須市
0%
須ヶ口 清須市
0%
新清洲 清須市
0%
大里 稲沢市
0%
奥田 稲沢市
0%
島氏永 稲沢市
0%
妙興寺 一宮市
0%
石刀 一宮市
0%
木曽川堤 一宮市
0%
茶所 岐阜市
0%
港町 川崎市
0%
稲荷口 豊川市
0%
堀内公園 安城市
0%
米津 西尾市
0%
桜町前 西尾市
0%
福地 西尾市
0%
上横須賀 西尾市
0%
吉良吉田 西尾市
0%
三河鳥羽 西尾市
0%
西幡豆 西尾市
0%
東幡豆 西尾市
0%
西浦 蒲郡市
0%
形原 蒲郡市
0%
三河鹿島 蒲郡市
0%
新井口 広島市
0%
新鎌ヶ谷 鎌ケ谷市
0%
北新川 碧南市
0%
小垣江 刈谷市
0%
商工センター入口 広島市
0%
重原 知立市
0%
三河八橋 豊田市
0%
上挙母 豊田市
0%
梅坪 豊田市
0%
越戸 豊田市
0%
平戸橋 豊田市
0%
浄水 豊田市
0%
三好ヶ丘 みよし市
0%
黒笹 みよし市
0%
米野木 日進市
0%
相老 桐生市
0%
中部国際空港 常滑市
0%
五日市 広島市
0%
鈴木町 川崎市
0%
道徳 名古屋市
0%
柴田 名古屋市
0%
聚楽園 東海市
0%
新日鉄前 東海市
0%
太田川 東海市
0%
尾張横須賀 東海市
0%
寺本 知多市
0%
日長 知多市
0%
新舞子 知多市
0%
西ノ口 常滑市
0%
多屋 常滑市
0%
高横須賀 東海市
0%
加木屋中ノ池 東海市
0%
南加木屋 東海市
0%
八幡新田 東海市
0%
巽ヶ丘 知多市
0%
初台 渋谷区
0%
坂部 阿久比町
0%
植大 阿久比町
0%
成岩 半田市
0%
上ゲ 武豊町
0%
富貴 武豊町
0%
河和口 美浜町
0%
河和 美浜町
0%
上野間 美浜町
0%
知多奥田 美浜町
0%
野間 美浜町
0%
広電五日市 広島市
0%
東大手 名古屋市
0%
高幡不動 日野市
0%
尼ヶ坂 名古屋市
0%
多摩動物公園 日野市
0%
大森・金城学院前 名古屋市
0%
印場 尾張旭市
0%
旭前 尾張旭市
0%
下北沢 世田谷区
0%
水野 瀬戸市
0%
甚目寺 あま市
0%
七宝 あま市
0%
木田 あま市
0%
青塚 津島市
0%
勝幡 愛西市
0%
藤浪 愛西市
0%
五ノ三 弥富市
0%
町方 愛西市
0%
六輪 稲沢市
0%
渕高 愛西市
0%
丸渕 稲沢市
0%
上丸渕 稲沢市
0%
森上 稲沢市
0%
玉野 一宮市
0%
二子 一宮市
0%
開明 一宮市
0%
玉ノ井 一宮市
0%
下小田井 清須市
0%
中小田井 名古屋市
0%
上小田井 名古屋市
0%
西春 北名古屋市
0%
徳重・名古屋芸大 北名古屋市
0%
石仏 岩倉市
0%
布袋 江南市
0%
柏森 扶桑町
0%
木津用水 扶桑町
0%
宮内串戸 廿日市市
0%
鵜沼宿 各務原市
0%
苧ヶ瀬 各務原市
0%
市民公園前 各務原市
0%
新加納 各務原市
0%
高田橋 岐阜市
0%
切通 岐阜市
0%
細畑 岐阜市
0%
田神 岐阜市
0%
富岡前 犬山市
0%
日本ライン今渡 可児市
0%
中延 品川区
0%
顔戸 御嵩町
0%
上飯田 名古屋市
0%
味鋺 名古屋市
0%
牛山 春日井市
0%
間内 春日井市
0%
田県神社前 小牧市
0%
楽田 犬山市
0%
須賀 羽島市
0%
不破一色 羽島市
0%
竹鼻 羽島市
0%
江吉良 羽島市
0%
阿品 廿日市市
0%
岩船町 村上市
0%
大和西大寺 奈良市
0%
尼ヶ辻 奈良市
0%
西ノ京 奈良市
0%
梶屋敷 糸魚川市
0%
近鉄郡山 大和郡山市
0%
平端 大和郡山市
0%
ファミリー公園前 大和郡山市
0%
結崎 川西町
0%
石見 三宅町
0%
宮島口 廿日市市
0%
笠縫 田原本町
0%
新ノ口 橿原市
0%
八木西口 橿原市
0%
上大岡 横浜市
0%
河堀口 大阪市
0%
北田辺 大阪市
0%
羽田空港第1・第2ターミナル 大田区
0%
河内天美 松原市
0%
布忍 松原市
0%
高見ノ里 松原市
0%
恵我ノ荘 羽曳野市
0%
高鷲 羽曳野市
0%
土師ノ里 藤井寺市
0%
潟町 上越市
0%
駒ヶ谷 羽曳野市
0%
上ノ太子 羽曳野市
0%
二上山 香芝市
0%
当麻寺 葛城市
0%
磐城 葛城市
0%
尺土 葛城市
0%
高田市 大和高田市
0%
浮孔 大和高田市
0%
坊城 橿原市
0%
六日町 南魚沼市
0%
広電宮島口 廿日市市
0%
弥刀 東大阪市
0%
久宝寺口 八尾市
0%
河内山本 八尾市
0%
高安 八尾市
0%
法善寺 柏原市
0%
堅下 柏原市
0%
安堂 柏原市
0%
河内国分 柏原市
0%
大阪教育大前 柏原市
0%
五日町 南魚沼市
0%
二上 香芝市
0%
近鉄下田 香芝市
0%
五位堂 香芝市
0%
築山 大和高田市
0%
松塚 大和高田市
0%
真菅 橿原市
0%
耳成 橿原市
0%
大福 桜井市
0%
トロッコ嵯峨 京都市
0%
大和朝倉 桜井市
0%
長谷寺 桜井市
0%
榛原 宇陀市
0%
室生口大野 宇陀市
0%
赤目口 名張市
0%
桔梗が丘 名張市
0%
美旗 名張市
0%
西青山 伊賀市
0%
東青山 津市
0%
榊原温泉口 津市
0%
大三 津市
0%
伊勢石橋 津市
0%
上本町 富山市
0%
伊勢中川 松阪市
0%
壺阪山 高取町
0%
市尾 高取町
0%
御所市
0%
薬水 大淀町
0%
福神 大淀町
0%
大阿太 大淀町
0%
下市口 大淀町
0%
越部 大淀町
0%
六田 大淀町
0%
西町 富山市
0%
祝園 精華町
0%
中川原 四日市市
0%
伊勢松本 四日市市
0%
伊勢川島 四日市市
0%
高角 四日市市
0%
大羽根園 菰野町
0%
湯の山温泉 菰野町
0%
伊勢中原 松阪市
0%
櫛田 松阪市
0%
漕代 松阪市
0%
斎宮 明和町
0%
明星 明和町
0%
明野 伊勢市
0%
宇治山田 伊勢市
0%
朝熊 伊勢市
0%
池の浦 鳥羽市
0%
新祝園 精華町
0%
二階堂 天理市
0%
前栽 天理市
0%
下狛 精華町
0%
赤堀 四日市市
0%
日永 四日市市
0%
南日永 四日市市
0%
小古曽 四日市市
0%
内部 四日市市
0%
中之郷 鳥羽市
0%
志摩赤崎 鳥羽市
0%
豊洲 江東区
0%
白木 鳥羽市
0%
五知 志摩市
0%
沓掛 志摩市
0%
上之郷 志摩市
0%
鵜方 志摩市
0%
狛田 精華町
0%
菜畑 生駒市
0%
一分 生駒市
0%
萩の台 生駒市
0%
元山上口 平群町
0%
竜田川 平群町
0%
勢野北口 三郷町
0%
信貴山下 三郷町
0%
JR三山木 京田辺市
0%
但馬 三宅町
0%
箸尾 広陵町
0%
池部 河合町
0%
佐味田川 河合町
0%
大輪田 河合町
0%
忍海 葛城市
0%
伊勢若松 鈴鹿市
0%
柳生橋 豊橋市
0%
三日市 鈴鹿市
0%
河内小阪 東大阪市
0%
八戸ノ里 東大阪市
0%
若江岩田 東大阪市
0%
河内花園 東大阪市
0%
石切 東大阪市
0%
富雄 奈良市
0%
菖蒲池 奈良市
0%
服部川 八尾市
0%
大江山口内宮 福知山市
0%
喜志 富田林市
0%
滝谷不動 富田林市
0%
汐ノ宮 河内長野市
0%
荒本 東大阪市
0%
白庭台 生駒市
0%
高安山 八尾市
0%
上鳥羽口 京都市
0%
三山木 京田辺市
0%
向島 京都市
0%
伊勢田 宇治市
0%
久津川 城陽市
0%
富野荘 城陽市
0%
新田辺 京田辺市
0%
興戸 京田辺市
0%
近鉄宮津 京田辺市
0%
天満 大阪市
0%
山田川 精華町
0%
高の原 奈良市
0%
平城 奈良市
0%
宝山寺 生駒市
0%
荒町 富山市
0%
烏森 名古屋市
0%
伏屋 名古屋市
0%
富吉 蟹江町
0%
佐古木 弥富市
0%
野田 大阪市
0%
野田阪神 大阪市
0%
益生 桑名市
0%
霞ヶ浦 四日市市
0%
阿倉川 四日市市
0%
新正 四日市市
0%
海山道 四日市市
0%
塩浜 四日市市
0%
北楠 四日市市
0%
四日市市
0%
長太ノ浦 鈴鹿市
0%
箕田 鈴鹿市
0%
千代崎 鈴鹿市
0%
鼓ヶ浦 鈴鹿市
0%
磯山 鈴鹿市
0%
白塚 津市
0%
高田本山 津市
0%
江戸橋 津市
0%
能町 高岡市
0%
南が丘 津市
0%
久居 津市
0%
桃園 津市
0%
東羽衣 高石市
0%
住ノ江 大阪市
0%
七道 堺市
0%
堺市
0%
石津川 堺市
0%
諏訪ノ森 堺市
0%
羽衣 高石市
0%
北助松 泉大津市
0%
松ノ浜 泉大津市
0%
春木 岸和田市
0%
蛸地蔵 岸和田市
0%
鶴原 泉佐野市
0%
井原里 泉佐野市
0%
吉見ノ里 田尻町
0%
岡田浦 泉南市
0%
樽井 泉南市
0%
尾崎 阪南市
0%
鳥取ノ荘 阪南市
0%
箱作 阪南市
0%
淡輪 岬町
0%
みさき公園 岬町
0%
紀ノ川 和歌山市
0%
伽羅橋 高石市
0%
高師浜 高石市
0%
西ノ庄 和歌山市
0%
二里ヶ浜 和歌山市
0%
磯ノ浦 和歌山市
0%
坂下町 高岡市
0%
深日港 岬町
0%
多奈川 岬町
0%
萩ノ茶屋 大阪市
0%
帝塚山 大阪市
0%
住吉東 大阪市
0%
高井田中央 東大阪市
0%
白鷺 堺市
0%
初芝 堺市
0%
萩原天神 堺市
0%
北野田 堺市
0%
狭山 大阪狭山市
0%
金剛 大阪狭山市
0%
千代田 河内長野市
0%
美加の台 河内長野市
0%
千早口 河内長野市
0%
天見 河内長野市
0%
林間田園都市 橋本市
0%
御幸辻 橋本市
0%
学文路 橋本市
0%
高野下 九度山町
0%
下古沢 九度山町
0%
上古沢 九度山町
0%
紀伊神谷 高野町
0%
極楽橋 高野町
0%
JR河内永和 東大阪市
0%
木津川 大阪市
0%
津守 大阪市
0%
西天下茶屋 大阪市
0%
河内永和 東大阪市
0%
清水五条 京都市
0%
七条 京都市
0%
俊徳道 東大阪市
0%
鳥羽街道 京都市
0%
伏見稲荷 京都市
0%
龍谷大前深草 京都市
0%
藤森 京都市
0%
墨染 京都市
0%
中書島 京都市
0%
京都市
0%
牧野 枚方市
0%
御殿山 枚方市
0%
香里園 寝屋川市
0%
萱島 寝屋川市
0%
古川橋 門真市
0%
土居 守口市
0%
千林 大阪市
0%
森小路 大阪市
0%
観月橋 京都市
0%
桃山南口 京都市
0%
三室戸 宇治市
0%
宮之阪 枚方市
0%
村野 枚方市
0%
郡津 交野市
0%
私市 交野市
0%
土佐大津 高知市
0%
唐橋前 大津市
0%
瓦ヶ浜 大津市
0%
中ノ庄 大津市
0%
榎町 立山町
0%
大津市
0%
石場 大津市
0%
島ノ関 大津市
0%
三井寺 大津市
0%
近江神宮前 大津市
0%
南滋賀 大津市
0%
滋賀里 大津市
0%
三ヶ山口 貝塚市
0%
御陵 京都市
0%
四宮 京都市
0%
野町 金沢市
0%
朝倉駅前 高知市
0%
中之島 大阪市
0%
十三 大阪市
0%
神崎川 大阪市
0%
中山観音 宝塚市
0%
売布神社 宝塚市
0%
清荒神 宝塚市
0%
鈴鹿市
0%
伊野駅前 いの町
0%
布施 東大阪市
0%
服部天神 豊中市
0%
蛍池 豊中市
0%
石橋阪大前 池田市
0%
阪神国道 西宮市
0%
甲東園 西宮市
0%
讃岐牟礼 高松市
0%
西京極 京都市
0%
京都市
0%
西山天王山 長岡京市
0%
長岡天神 長岡京市
0%
水無瀬 島本町
0%
播磨 桑名市
0%
相川 大阪市
0%
上新庄 大阪市
0%
八栗新道 高松市
0%
志度 さぬき市
0%
下深谷 桑名市
0%
逆瀬川 宝塚市
0%
苦楽園口 西宮市
0%
下野代 桑名市
0%
稲野 伊丹市
0%
杭瀬 尼崎市
0%
多度 桑名市
0%
美濃松山 海津市
0%
牧落 箕面市
0%
北千里 吹田市
0%
南千里 吹田市
0%
千里山 吹田市
0%
関大前 吹田市
0%
美濃山崎 海津市
0%
下新庄 大阪市
0%
柴島 大阪市
0%
天神橋筋六丁目 大阪市
0%
上桂 京都市
0%
松尾大社 京都市
0%
駒野 海津市
0%
美濃津屋 海津市
0%
千船 大阪市
0%
出屋敷 尼崎市
0%
武庫川 西宮市
0%
鳴尾・武庫川女子大前 西宮市
0%
甲子園 西宮市
0%
久寿川 西宮市
0%
香櫨園 西宮市
0%
打出 芦屋市
0%
美濃高田 養老町
0%
深江 神戸市
0%
青木 神戸市
0%
烏江 養老町
0%
大外羽 大垣市
0%
友江 大垣市
0%
石屋川 神戸市
0%
新在家 神戸市
0%
大石 神戸市
0%
西灘 神戸市
0%
出町柳 京都市
0%
大垣市
0%
伝法 大阪市
0%
大阪市
0%
出来島 大阪市
0%
薬院 福岡市
0%
東赤坂 神戸町
0%
桜並木 福岡市
0%
雑餉隈 福岡市
0%
下大利 大野城市
0%
都府楼前 太宰府市
0%
筑紫野市
0%
西鉄二日市 筑紫野市
0%
朝倉街道 筑紫野市
0%
筑紫 筑紫野市
0%
津古 小郡市
0%
三国が丘 小郡市
0%
池野 池田町
0%
大保 小郡市
0%
端間 小郡市
0%
宮の陣 久留米市
0%
櫛原 久留米市
0%
花畑 久留米市
0%
聖マリア病院前 久留米市
0%
安武 久留米市
0%
大善寺 久留米市
0%
犬塚 久留米市
0%
大溝 大木町
0%
八丁牟田 大木町
0%
北池野 池田町
0%
矢加部 柳川市
0%
柳本 天理市
0%
徳益 柳川市
0%
塩塚 柳川市
0%
西鉄中島 柳川市
0%
江の浦 みやま市
0%
みやま市
0%
西鉄渡瀬 大牟田市
0%
倉永 大牟田市
0%
東甘木 大牟田市
0%
西鉄銀水 大牟田市
0%
美濃本郷 池田町
0%
五郎丸 久留米市
0%
学校前 久留米市
0%
古賀茶屋 久留米市
0%
揖斐 揖斐川町
0%
大城 久留米市
0%
大堰 大刀洗町
0%
上浦 朝倉市
0%
馬田 朝倉市
0%
甘木 朝倉市
0%
新居 伊賀市
0%
名島 福岡市
0%
西鉄香椎 福岡市
0%
香椎花園前 福岡市
0%
唐の原 福岡市
0%
三苫 福岡市
0%
宮の沢 札幌市
0%
発寒南 札幌市
0%
西大手 伊賀市
0%
二十四軒 札幌市
0%
円山公園 札幌市
0%
西18丁目 札幌市
0%
バスセンター前 札幌市
0%
菊水 札幌市
0%
上野市 伊賀市
0%
南郷13丁目 札幌市
0%
南郷18丁目 札幌市
0%
大谷地 札幌市
0%
ひばりが丘 札幌市
0%
麻生 札幌市
0%
北34条 札幌市
0%
北24条 札幌市
0%
すすきの 札幌市
0%
中島公園 札幌市
0%
幌平橋 札幌市
0%
南平岸 札幌市
0%
澄川 札幌市
0%
自衛隊前 札幌市
0%
真駒内 札幌市
0%
猪田道 伊賀市
0%
環状通東 札幌市
0%
東区役所前 札幌市
0%
北13条東 札幌市
0%
豊水すすきの 札幌市
0%
市部 伊賀市
0%
豊平公園 札幌市
0%
美園 札幌市
0%
月寒中央 札幌市
0%
福住 札幌市
0%
西4丁目 札幌市
0%
西15丁目 札幌市
0%
西線6条 札幌市
0%
西線9条旭山公園通 札幌市
0%
西線14条 札幌市
0%
西線16条 札幌市
0%
ロープウェイ入口 札幌市
0%
電車事業所前 札幌市
0%
中央図書館前 札幌市
0%
石山通 札幌市
0%
幌南小学校前 札幌市
0%
山鼻19条 札幌市
0%
静修学園前 札幌市
0%
行啓通 札幌市
0%
中島公園通 札幌市
0%
山鼻9条 札幌市
0%
東本願寺前 札幌市
0%
資生館小学校前 札幌市
0%
狸小路 札幌市
0%
湯の川 函館市
0%
湯の川温泉 函館市
0%
駒場車庫前 函館市
0%
谷村町 都留市
0%
市川本町 市川三郷町
0%
中央病院前 函館市
0%
三好町 上田市
0%
昭和橋 函館市
0%
上林 伊賀市
0%
塩田町 上田市
0%
比土 伊賀市
0%
魚市場通 函館市
0%
谷地頭 函館市
0%
黒崎 北九州市
0%
津軽飯詰 五所川原市
0%
毘沙門 五所川原市
0%
嘉瀬 五所川原市
0%
芦野公園 五所川原市
0%
川倉 五所川原市
0%
大沢内 中泊町
0%
深郷田 中泊町
0%
館田 平川市
0%
平賀 平川市
0%
津軽尾上 平川市
0%
田んぼアート 田舎館村
0%
尾上高校前 平川市
0%
境松 黒石市
0%
宿川原 大鰐町
0%
鯖石 大鰐町
0%
石川プール前 弘前市
0%
義塾高校前 弘前市
0%
津軽大沢 弘前市
0%
松木平 弘前市
0%
小栗山 弘前市
0%
千年 弘前市
0%
聖愛中高前 弘前市
0%
厨川 盛岡市
0%
巣子 滝沢市
0%
御堂 岩手町
0%
奥中山高原 一戸町
0%
小繋 一戸町
0%
小鳥谷 一戸町
0%
金田一温泉 二戸市
0%
三戸 南部町
0%
諏訪ノ平 南部町
0%
剣吉 南部町
0%
苫米地 南部町
0%
北高岩 八戸市
0%
陸奥市川 八戸市
0%
下田 おいらせ町
0%
向山 おいらせ町
0%
小川原 東北町
0%
乙供 東北町
0%
千曳 東北町
0%
狩場沢 平内町
0%
清水川 平内町
0%
小湊 平内町
0%
浅虫温泉 青森市
0%
野内 青森市
0%
矢田前 青森市
0%
千早 福岡市
0%
陸前赤崎 大船渡市
0%
綾里 大船渡市
0%
恋し浜 大船渡市
0%
甫嶺 大船渡市
0%
三陸 大船渡市
0%
唐丹 釜石市
0%
両石 釜石市
0%
鵜住居 釜石市
0%
吉里吉里 大槌町
0%
浪板海岸 大槌町
0%
岩手船越 山田町
0%
織笠 山田町
0%
豊間根 山田町
0%
払川 宮古市
0%
津軽石 宮古市
0%
磯鶏 宮古市
0%
西鉄千早 福岡市
0%
信貴山口 八尾市
0%
一の渡 宮古市
0%
佐羽根 宮古市
0%
新田老 宮古市
0%
摂待 宮古市
0%
島越 田野畑村
0%
白井海岸 普代村
0%
堀内 普代村
0%
十府ヶ浦海岸 野田村
0%
西鷹巣 北秋田市
0%
縄文小ヶ田 北秋田市
0%
大野台 北秋田市
0%
合川 北秋田市
0%
上杉 北秋田市
0%
米内沢 北秋田市
0%
阿仁前田温泉 北秋田市
0%
前田南 北秋田市
0%
小渕 北秋田市
0%
阿仁合 北秋田市
0%
荒瀬 北秋田市
0%
萱草 北秋田市
0%
岩野目 北秋田市
0%
比立内 北秋田市
0%
奥阿仁 北秋田市
0%
阿仁マタギ 北秋田市
0%
戸沢 仙北市
0%
上桧木内 仙北市
0%
左通 仙北市
0%
羽後中里 仙北市
0%
松葉 仙北市
0%
羽後長戸呂 仙北市
0%
八津 仙北市
0%
西明寺 仙北市
0%
羽後太田 仙北市
0%
子吉 由利本荘市
0%
鮎川 由利本荘市
0%
曲沢 由利本荘市
0%
前郷 由利本荘市
0%
西滝沢 由利本荘市
0%
吉沢 由利本荘市
0%
川辺 由利本荘市
0%
矢島 由利本荘市
0%
おりはた 南陽市
0%
梨郷 南陽市
0%
西大塚 川西町
0%
時庭 長井市
0%
あやめ公園 長井市
0%
羽前成田 長井市
0%
白兎 長井市
0%
蚕桑 白鷹町
0%
鮎貝 白鷹町
0%
四季の郷 白鷹町
0%
荒砥 白鷹町
0%
瀬上 福島市
0%
向瀬上 福島市
0%
高子 伊達市
0%
上保原 伊達市
0%
保原 伊達市
0%
二井田 伊達市
0%
やながわ希望の森公園前 伊達市
0%
富野 伊達市
0%
伊達市
0%
あぶくま 丸森町
0%
角田市
0%
東船岡 柴田町
0%
泉中央 仙台市
0%
八乙女 仙台市
0%
台原 仙台市
0%
北四番丁 仙台市
0%
勾当台公園 仙台市
0%
広瀬通 仙台市
0%
五橋 仙台市
0%
長町一丁目 仙台市
0%
長町南 仙台市
0%
富沢 仙台市
0%
曽根田 福島市
0%
美術館図書館前 福島市
0%
上松川 福島市
0%
笹谷 福島市
0%
桜水 福島市
0%
医王寺前 福島市
0%
花水坂 福島市
0%
飯坂温泉 福島市
0%
門田 会津若松市
0%
あまや 会津若松市
0%
大川ダム公園 会津若松市
0%
芦ノ牧温泉南 会津若松市
0%
湯野上温泉 下郷町
0%
塔のへつり 下郷町
0%
弥五島 下郷町
0%
ふるさと公園 下郷町
0%
養鱒公園 下郷町
0%
田島高校前 南会津町
0%
会津田島 南会津町
0%
中荒井 南会津町
0%
洲先 西宮市
0%
美田園 名取市
0%
仙台空港 名取市
0%
八木山動物公園 仙台市
0%
青葉山 仙台市
0%
大町西公園 仙台市
0%
宮城野通 仙台市
0%
連坊 仙台市
0%
都庁前 新宿区
0%
若松河田 新宿区
0%
柏矢町 安曇野市
0%
牛込神楽坂 新宿区
0%
伊那新町 辰野町
0%
勝どき 中央区
0%
汐留 港区
0%
赤羽橋 港区
0%
国立競技場 新宿区
0%
落合南長崎 新宿区
0%
新江古田 中野区
0%
日吉町 静岡市
0%
光が丘 練馬区
0%
西馬込 大田区
0%
馬込 大田区
0%
高輪台 港区
0%
昭和町通 長崎市
0%
本所吾妻橋 墨田区
0%
芝公園 港区
0%
浦上 長崎市
0%
春日町 静岡市
0%
本蓮沼 板橋区
0%
志村坂上 板橋区
0%
蓮根 板橋区
0%
西台 板橋区
0%
高島平 板橋区
0%
二俣本町 浜松市
0%
船堀 江戸川区
0%
瑞江 江戸川区
0%
篠崎 江戸川区
0%
東尾久三丁目 荒川区
0%
宮ノ前 荒川区
0%
小台 荒川区
0%
梶原 北区
0%
柳川 岡山市
0%
西ヶ原四丁目 北区
0%
新庚申塚 豊島区
0%
庚申塚 豊島区
0%
郡元 鹿児島市
0%
純心学園前 鹿児島市
0%
学習院下 豊島区
0%
武州荒木 行田市
0%
持田 行田市
0%
ひろせ野鳥の森 熊谷市
0%
大麻生 熊谷市
0%
明戸 深谷市
0%
武川 深谷市
0%
波久礼 寄居町
0%
樋口 長瀞町
0%
野上 長瀞町
0%
親鼻 皆野町
0%
和銅黒谷 秩父市
0%
大野原 秩父市
0%
御花畑 秩父市
0%
影森 秩父市
0%
西山口 紀の川市
0%
武州中川 秩父市
0%
武州日野 秩父市
0%
白久 秩父市
0%
三峰口 秩父市
0%
鳩ヶ谷 川口市
0%
新井宿 川口市
0%
戸塚安行 川口市
0%
浦和美園 さいたま市
0%
西大原 いすみ市
0%
上総東 いすみ市
0%
新田野 いすみ市
0%
国吉 いすみ市
0%
城見ヶ丘 大多喜町
0%
上総中川 いすみ市
0%
小谷松 大多喜町
0%
東総元 大多喜町
0%
久我原 大多喜町
0%
総元 大多喜町
0%
西畑 大多喜町
0%
上総中野 大多喜町
0%
武庫川団地前 西宮市
0%
青井 足立区
0%
代官町 島田市
0%
みらい平 つくばみらい市
0%
みどりの つくば市
0%
コウノトリの郷 豊岡市
0%
研究学園 つくば市
0%
新高島 横浜市
0%
馬車道 横浜市
0%
日本大通り 横浜市
0%
元町・中華街 横浜市
0%
竹芝 港区
0%
日の出 港区
0%
芝浦ふ頭 港区
0%
お台場海浜公園 港区
0%
台場 港区
0%
東京国際クルーズターミナル 江東区
0%
テレコムセンター 江東区
0%
絹延橋 川西市
0%
滝山 川西市
0%
市場前 江東区
0%
新豊洲 江東区
0%
宇宿 鹿児島市
0%
下新田 桐生市
0%
脇田 鹿児島市
0%
大間々 みどり市
0%
水沼 桐生市
0%
花輪 みどり市
0%
小中 みどり市
0%
沢入 みどり市
0%
原向 日光市
0%
通洞 日光市
0%
足尾 日光市
0%
地区センター 佐倉市
0%
公園 佐倉市
0%
女子大 佐倉市
0%
中学校 佐倉市
0%
鶯の森 川西市
0%
吉原本町 富士市
0%
井細田 小田原市
0%
五百羅漢 小田原市
0%
穴部 小田原市
0%
飯田岡 小田原市
0%
相模沼田 南足柄市
0%
岩原 南足柄市
0%
塚原 南足柄市
0%
和田河原 南足柄市
0%
富士フイルム前 南足柄市
0%
阿字ヶ浦 ひたちなか市
0%
美乃浜学園 ひたちなか市
0%
平磯 ひたちなか市
0%
殿山 ひたちなか市
0%
高田の鉄橋 ひたちなか市
0%
那珂湊 ひたちなか市
0%
中根 ひたちなか市
0%
金上 ひたちなか市
0%
センター南 横浜市
0%
仲町台 横浜市
0%
新羽 横浜市
0%
岸根公園 横浜市
0%
豊田町 磐田市
0%
新居町 湖西市
0%
豊田本町 名古屋市
0%
下赤塚 板橋区
0%
阪東橋 横浜市
0%
矢場町 名古屋市
0%
蒔田 横浜市
0%
成増 板橋区
0%
上永谷 横浜市
0%
下永谷 横浜市
0%
舞岡 横浜市
0%
踊場 横浜市
0%
立場 横浜市
0%
下飯田 横浜市
0%
南部市場 横浜市
0%
鳥浜 横浜市
0%
並木中央 横浜市
0%
幸浦 横浜市
0%
産業振興センター 横浜市
0%
福浦 横浜市
0%
市大医学部 横浜市
0%
八景島 横浜市
0%
海の公園南口 横浜市
0%
野島公園 横浜市
0%
寺原 取手市
0%
ゆめみ野 取手市
0%
稲戸井 取手市
0%
戸頭 取手市
0%
小絹 つくばみらい市
0%
水海道 常総市
0%
北水海道 常総市
0%
中妻 常総市
0%
三妻 常総市
0%
南石下 常総市
0%
石下 常総市
0%
玉村 常総市
0%
宗道 下妻市
0%
大宝 下妻市
0%
騰波ノ江 下妻市
0%
黒子 筑西市
0%
大田郷 筑西市
0%
入地 龍ケ崎市
0%
竜ヶ崎 龍ケ崎市
0%
石上 藤沢市
0%
柳瀬 岩国市
0%
腰越 鎌倉市
0%
七里ヶ浜 鎌倉市
0%
稲村ヶ崎 鎌倉市
0%
極楽寺 鎌倉市
0%
鼓滝 川西市
0%
和田塚 鎌倉市
0%
押上(スカイツリー前) 墨田区
0%
鉄道博物館 さいたま市
0%
加茂宮 さいたま市
0%
東宮原 さいたま市
0%
今羽 さいたま市
0%
吉野原 さいたま市
0%
原市 上尾市
0%
沼南 上尾市
0%
羽貫 伊奈町
0%
常澄 水戸市
0%
鹿島旭 鉾田市
0%
徳宿 鉾田市
0%
鹿島大野 鹿嶋市
0%
長者ヶ浜潮騒はまなす公園前 鹿嶋市
0%
荒野台 鹿嶋市
0%
上総村上 市原市
0%
海士有木 市原市
0%
上総三又 市原市
0%
上総山田 市原市
0%
馬立 市原市
0%
上総牛久 市原市
0%
上総川間 市原市
0%
上総久保 市原市
0%
高滝 市原市
0%
里見 市原市
0%
飯給 市原市
0%
月崎 市原市
0%
上総大久保 市原市
0%
養老渓谷 市原市
0%
京成関屋 足立区
0%
湘南深沢 鎌倉市
0%
片瀬山 鎌倉市
0%
目白山下 藤沢市
0%
町屋 荒川区
0%
町屋駅前 荒川区
0%
佐野のわたし 高崎市
0%
山名 高崎市
0%
西山名 高崎市
0%
馬庭 高崎市
0%
西吉井 高崎市
0%
上州新屋 甘楽町
0%
上州福島 甘楽町
0%
上州七日市 富岡市
0%
南蛇井 富岡市
0%
千平 富岡市
0%
城東 前橋市
0%
三俣 前橋市
0%
片貝 前橋市
0%
上泉 前橋市
0%
心臓血管センター 前橋市
0%
江木 前橋市
0%
大胡 前橋市
0%
樋越 前橋市
0%
北原 前橋市
0%
粕川 前橋市
0%
前橋市
0%
天王宿 桐生市
0%
富士山下 桐生市
0%
丸山下 桐生市
0%
前原 船橋市
0%
薬園台 船橋市
0%
習志野 船橋市
0%
高根木戸 船橋市
0%
高根公団 船橋市
0%
滝不動 船橋市
0%
三咲 船橋市
0%
二和向台 船橋市
0%
初富 鎌ケ谷市
0%
北初富 鎌ケ谷市
0%
くぬぎ山 鎌ケ谷市
0%
五香 松戸市
0%
常盤平 松戸市
0%
みのり台 松戸市
0%
上本郷 松戸市
0%
勝田台 八千代市
0%
下館二高前 筑西市
0%
折本 筑西市
0%
ひぐち 筑西市
0%
久下田 真岡市
0%
寺内 真岡市
0%
西田井 真岡市
0%
一の鳥居 川西市
0%
多田羅 市貝町
0%
市塙 市貝町
0%
笹原田 市貝町
0%
天矢場 茂木町
0%
畦野 川西市
0%
笹部 川西市
0%
葭川公園 千葉市
0%
天台 千葉市
0%
スポーツセンター 千葉市
0%
みつわ台 千葉市
0%
小倉台 千葉市
0%
千城台北 千葉市
0%
千城台 千葉市
0%
東葉勝田台 八千代市
0%
小金城趾 松戸市
0%
京王永山 多摩市
0%
大塚・帝京大学 八王子市
0%
中央大学・明星大学 八王子市
0%
小田急永山 多摩市
0%
程久保 日野市
0%
万願寺 日野市
0%
立飛 立川市
0%
泉体育館 立川市
0%
砂川七番 立川市
0%
上北台 東大和市
0%
六番町 名古屋市
0%
観音 銚子市
0%
笠上黒生 銚子市
0%
西海鹿島 銚子市
0%
海鹿島 銚子市
0%
犬吠 銚子市
0%
外川 銚子市
0%
大井競馬場前 品川区
0%
昭和島 大田区
0%
整備場 大田区
0%
新整備場 大田区
0%
国際展示場 江東区
0%
東京テレポート 江東区
0%
東海神 船橋市
0%
飯山満 船橋市
0%
風祭 小田原市
0%
入生田 小田原市
0%
塔ノ沢 箱根町
0%
大平台 箱根町
0%
宮ノ下 箱根町
0%
小涌谷 箱根町
0%
強羅 箱根町
0%
新柴又 葛飾区
0%
矢切 松戸市
0%
北国分 市川市
0%
秋山 松戸市
0%
松飛台 松戸市
0%
浅間町 名古屋市
0%
桜本町 名古屋市
0%
小室 船橋市
0%
龍王峡 日光市
0%
川治温泉 日光市
0%
川治湯元 日光市
0%
中三依温泉 日光市
0%
男鹿高原 日光市
0%
代々木八幡 渋谷区
0%
扇大橋 足立区
0%
西新井大師西 足立区
0%
谷在家 足立区
0%
舎人 足立区
0%
見沼代親水公園 足立区
0%
代々木公園 渋谷区
0%
東山田 横浜市
0%
東八町 豊橋市
0%
奥町 一宮市
0%
豪徳寺 世田谷区
0%
公園下 箱根町
0%
公園上 箱根町
0%
上強羅 箱根町
0%
早雲山 箱根町
0%
東宿郷 宇都宮市
0%
駅東公園前 宇都宮市
0%
宇都宮市
0%
陽東3丁目 宇都宮市
0%
平石 宇都宮市
0%
平石中央小学校前 宇都宮市
0%
清陵高校前 宇都宮市
0%
清原地区市民センター前 宇都宮市
0%
グリーンスタジアム前 宇都宮市
0%
ゆいの杜西 宇都宮市
0%
ゆいの杜東 宇都宮市
0%
かしの森公園前 芳賀町
0%
田野倉 都留市
0%
禾生 都留市
0%
住吉町 半田市
0%
諏訪町 豊川市
0%
東桂 都留市
0%
三つ峠 西桂町
0%
葭池温泉前 富士吉田市
0%
月江寺 富士吉田市
0%
富士山 富士吉田市
0%
魚沼丘陵 南魚沼市
0%
しんざ 十日町市
0%
まつだい 十日町市
0%
ほくほく大島 上越市
0%
虫川大杉 上越市
0%
うらがわら 上越市
0%
大池いこいの森 上越市
0%
くびき 上越市
0%
信濃追分 軽井沢町
0%
平原 小諸市
0%
滋野 東御市
0%
田中 東御市
0%
大屋 上田市
0%
信濃国分寺 上田市
0%
テクノさかき 坂城町
0%
戸倉 千曲市
0%
屋代 千曲市
0%
屋代高校前 千曲市
0%
野田新町 刈谷市
0%
赤坂上 上田市
0%
寺下 上田市
0%
神畑 上田市
0%
下之郷 上田市
0%
中塩田 上田市
0%
大野町 常滑市
0%
舞田 上田市
0%
八木沢 上田市
0%
権堂 長野市
0%
善光寺下 長野市
0%
信濃吉田 長野市
0%
附属中学前 長野市
0%
都住 小布施町
0%
延徳 中野市
0%
夜間瀬 山ノ内町
0%
湯田中 山ノ内町
0%
東新町 新城市
0%
信濃荒井 松本市
0%
大庭 松本市
0%
下新 松本市
0%
新村 松本市
0%
三溝 松本市
0%
森口 松本市
0%
波田 松本市
0%
渕東 松本市
0%
新島々 松本市
0%
新庄田中 富山市
0%
東新庄 富山市
0%
越中泉 立山町
0%
新相ノ木 上市町
0%
相ノ木 上市町
0%
新宮川 上市町
0%
中加積 滑川市
0%
早月加積 滑川市
0%
越中中村 滑川市
0%
経田 魚津市
0%
東三日市 黒部市
0%
荻生 黒部市
0%
長屋 黒部市
0%
舌山 黒部市
0%
若栗 黒部市
0%
栃屋 黒部市
0%
浦山 黒部市
0%
下立口 黒部市
0%
下立 黒部市
0%
愛本 黒部市
0%
音沢 黒部市
0%
稚子塚 立山町
0%
田添 立山町
0%
五百石 立山町
0%
下段 立山町
0%
釜ヶ淵 立山町
0%
沢中山 立山町
0%
岩峅寺 立山町
0%
横江 立山町
0%
千垣 立山町
0%
有峰口 富山市
0%
川原町 四日市市
0%
不二越 富山市
0%
宮町 伊勢市
0%
上堀 富山市
0%
布市 富山市
0%
開発 富山市
0%
大庄 富山市
0%
上滝 富山市
0%
大川寺 富山市
0%
鐘釣 黒部市
0%
戸越 品川区
0%
羽田空港第3ターミナル 大田区
0%
国際会議場前 富山市
0%
堀川小泉 富山市
0%
大手モール 富山市
0%
グランドプラザ前 富山市
0%
平田町 鈴鹿市
0%
西中野 富山市
0%
広貫堂前 富山市
0%
羽田空港第1ターミナル 大田区
0%
羽田空港第2ターミナル 大田区
0%
青山町 伊賀市
0%
茅町 伊賀市
0%
桑町 伊賀市
0%
銀座 中央区
0%
銀座一丁目 中央区
0%
諏訪川原 富山市
0%
安野屋 富山市
0%
急患医療センター前 高岡市
0%
市民病院前 高岡市
0%
江尻 高岡市
0%
荻布 高岡市
0%
上栄町 大津市
0%
米島口 高岡市
0%
能町口 高岡市
0%
新吉久 高岡市
0%
吉久 高岡市
0%
中伏木 射水市
0%
六渡寺 射水市
0%
庄川口 射水市
0%
第一イン新湊 クロスベイ前 射水市
0%
新町口 射水市
0%
東新湊 射水市
0%
海王丸 射水市
0%
越ノ潟 射水市
0%
インテック本社前 富山市
0%
奥田中学校前 富山市
0%
下奥井 富山市
0%
粟島(大阪屋ショップ前) 富山市
0%
越中中島 富山市
0%
城川原 富山市
0%
円町 京都市
0%
蓮町(馬場記念公園前) 富山市
0%
萩浦小学校前 富山市
0%
東岩瀬 富山市
0%
岩瀬浜 富山市
0%
神宮丸太町 京都市
0%
西泉 金沢市
0%
押野 野々市市
0%
馬替 金沢市
0%
額住宅前 金沢市
0%
乙丸 金沢市
0%
四十万 金沢市
0%
曽谷 白山市
0%
丸太町 京都市
0%
日御子 白山市
0%
鶴来 白山市
0%
七ツ屋 金沢市
0%
割出 金沢市
0%
三口 金沢市
0%
三ツ屋 金沢市
0%
大河端 金沢市
0%
北間 金沢市
0%
蚊爪 金沢市
0%
粟ヶ崎 内灘町
0%
田鶴浜 七尾市
0%
笠師保 七尾市
0%
能登中島 七尾市
0%
西岸 七尾市
0%
越前開発 福井市
0%
追分口 福井市
0%
東藤島 福井市
0%
越前島橋 福井市
0%
松岡 永平寺町
0%
下志比 永平寺町
0%
光明寺 永平寺町
0%
越前竹原 永平寺町
0%
小舟渡 永平寺町
0%
比島 勝山市
0%
まつもと町屋 福井市
0%
西別院 福井市
0%
日華化学前 福井市
0%
八ツ島 福井市
0%
中角 福井市
0%
鷲塚針原 福井市
0%
太郎丸エンゼルランド 坂井市
0%
西長田ゆりの里 坂井市
0%
下兵庫こうふく 坂井市
0%
大関 坂井市
0%
本荘 あわら市
0%
水居 坂井市
0%
三国神社 坂井市
0%
たけふ新 越前市
0%
スポーツ公園 越前市
0%
家久 越前市
0%
サンドーム西 鯖江市
0%
西山公園 鯖江市
0%
水落 鯖江市
0%
神明 鯖江市
0%
鳥羽中 鯖江市
0%
三十八社 福井市
0%
泰澄の里 福井市
0%
浅水 福井市
0%
ハーモニーホール 福井市
0%
清明 福井市
0%
江端 福井市
0%
ベル前 福井市
0%
花堂 福井市
0%
商工会議所前 福井市
0%
足羽山公園口 福井市
0%
北野白梅町 京都市
0%
有間川 上越市
0%
名立 上越市
0%
筒石 糸魚川市
0%
能生 糸魚川市
0%
浦本 糸魚川市
0%
門田屋敷 岡山市
0%
親不知 糸魚川市
0%
春日山 上越市
0%
南高田 上越市
0%
北新井 妙高市
0%
二本木 上越市
0%
関山 妙高市
0%
水天宮前 中央区
0%
石動 小矢部市
0%
越中大門 射水市
0%
中山口 大山町
0%
水橋 富山市
0%
築地 中央区
0%
動橋 加賀市
0%
明峰 小松市
0%
小舞子 白山市
0%
美川 白山市
0%
加賀笠間 白山市
0%
松任 白山市
0%
弁天町 大阪市
0%
東池袋 豊島区
0%
森本 金沢市
0%
牟礼 飯綱町
0%
古間 信濃町
0%
黒姫 信濃町
0%
東池袋四丁目 豊島区
0%
南今庄 南越前町
0%
今庄 南越前町
0%
湯尾 南越前町
0%
南条 南越前町
0%
王子保 越前市
0%
武生 越前市
0%
大土呂 福井市
0%
森田 福井市
0%
春江 坂井市
0%
芦原温泉 あわら市
0%
細呂木 あわら市
0%
牛ノ谷 あわら市
0%
川奈 伊東市
0%
富戸 伊東市
0%
城ヶ崎海岸 伊東市
0%
伊豆高原 伊東市
0%
伊豆大川 東伊豆町
0%
伊豆北川 東伊豆町
0%
伊豆熱川 東伊豆町
0%
片瀬白田 東伊豆町
0%
伊豆稲取 東伊豆町
0%
今井浜海岸 河津町
0%
稲梓 下田市
0%
蓮台寺 下田市
0%
雑司が谷 豊島区
0%
寺田町 大阪市
0%
大場 三島市
0%
伊豆仁田 函南町
0%
原木 伊豆の国市
0%
韮山 伊豆の国市
0%
伊豆長岡 伊豆の国市
0%
田京 伊豆の国市
0%
大仁 伊豆の国市
0%
牧之郷 伊豆市
0%
ジヤトコ前(ジヤトコ1地区前) 富士市
0%
杉本町 大阪市
0%
本吉原 富士市
0%
岳南原田 富士市
0%
比奈 富士市
0%
須津 富士市
0%
神谷 富士市
0%
南森町 大阪市
0%
センター北 横浜市
0%
古庄 静岡市
0%
県立美術館前 静岡市
0%
御門台 静岡市
0%
狐ヶ崎 静岡市
0%
入江岡 静岡市
0%
新清水 静岡市
0%
いこいの広場 掛川市
0%
原谷 掛川市
0%
円田 森町
0%
遠江一宮 森町
0%
敷地 磐田市
0%
上野部 磐田市
0%
芦原町 大阪市
0%
西鹿島 浜松市
0%
宮口 浜松市
0%
フルーツパーク 浜松市
0%
都田 浜松市
0%
金指 浜松市
0%
岡地 浜松市
0%
気賀 浜松市
0%
西気賀 浜松市
0%
寸座 浜松市
0%
奥大井湖上 川根本町
0%
東都筑 浜松市
0%
都筑 浜松市
0%
尾奈 浜松市
0%
知波田 湖西市
0%
アスモ前 湖西市
0%
鬼子母神前 豊島区
0%
遠州病院 浜松市
0%
助信 浜松市
0%
曳馬 浜松市
0%
上島 浜松市
0%
自動車学校前 浜松市
0%
さぎの宮 浜松市
0%
積志 浜松市
0%
遠州小松 浜松市
0%
浜北 浜松市
0%
美薗中央公園 浜松市
0%
遠州小林 浜松市
0%
遠州芝本 浜松市
0%
遠州岩水寺 浜松市
0%
新金谷 島田市
0%
本町 大阪市
0%
日切 島田市
0%
合格 島田市
0%
門出 島田市
0%
神尾 島田市
0%
福用 島田市
0%
家山 島田市
0%
抜里 島田市
0%
川根温泉笹間渡 島田市
0%
地名 川根本町
0%
下泉 川根本町
0%
田野口 川根本町
0%
駿河徳山 川根本町
0%
青部 川根本町
0%
崎平 川根本町
0%
千頭 川根本町
0%
沢間 川根本町
0%
土本 川根本町
0%
川根小山 川根本町
0%
奥泉 川根本町
0%
アプトいちしろ 川根本町
0%
長島ダム 川根本町
0%
ひらんだ 川根本町
0%
接岨峡温泉 川根本町
0%
尾盛 川根本町
0%
閑蔵 静岡市
0%
井川 静岡市
0%
小本 名古屋市
0%
荒子 名古屋市
0%
南荒子 名古屋市
0%
港北 名古屋市
0%
金城ふ頭 名古屋市
0%
尾張星の宮 清須市
0%
小田井 名古屋市
0%
北習志野 船橋市
0%
六名 岡崎市
0%
大国町 大阪市
0%
北野桝塚 岡崎市
0%
永覚 豊田市
0%
末野原 豊田市
0%
新上挙母 豊田市
0%
愛環梅坪 豊田市
0%
四郷 豊田市
0%
貝津 豊田市
0%
保見 豊田市
0%
八草 豊田市
0%
中水野 瀬戸市
0%
中崎町 大阪市
0%
はなみずき通 長久手市
0%
杁ヶ池公園 長久手市
0%
芸大通 長久手市
0%
公園西 長久手市
0%
愛・地球博記念公園 長久手市
0%
陶磁資料館南 豊田市
0%
高畑 名古屋市
0%
中村日赤 名古屋市
0%
本陣 名古屋市
0%
亀島 名古屋市
0%
守山自衛隊前 名古屋市
0%
天王洲アイル 品川区
0%
一社 名古屋市
0%
上社 名古屋市
0%
ナゴヤドーム前矢田 名古屋市
0%
平安通 名古屋市
0%
志賀本通 名古屋市
0%
久屋大通 名古屋市
0%
花園町 大阪市
0%
上前津 名古屋市
0%
堺筋本町 大阪市
0%
西高蔵 名古屋市
0%
熱田神宮西 名古屋市
0%
千葉ニュータウン中央 印西市
0%
新瑞橋 名古屋市
0%
瑞穂運動場東 名古屋市
0%
総合リハビリセンター 名古屋市
0%
八事 名古屋市
0%
自由ヶ丘 名古屋市
0%
茶屋ヶ坂 名古屋市
0%
砂田橋 名古屋市
0%
松田町 大阪市
0%
港区役所 名古屋市
0%
築地口 名古屋市
0%
庄内通 名古屋市
0%
浄心 名古屋市
0%
安立町 大阪市
0%
大須観音 名古屋市
0%
荒畑 名古屋市
0%
御器所 名古屋市
0%
川名 名古屋市
0%
塩釜口 名古屋市
0%
平針 名古屋市
0%
太閤通 名古屋市
0%
高岳 名古屋市
0%
車道 名古屋市
0%
桜山 名古屋市
0%
瑞穂区役所 名古屋市
0%
鶴里 名古屋市
0%
野並 名古屋市
0%
鳴子北 名古屋市
0%
相生山 名古屋市
0%
徳重 名古屋市
0%
小池 豊橋市
0%
愛知大学前 豊橋市
0%
南栄 豊橋市
0%
高師 豊橋市
0%
芦原 豊橋市
0%
向ヶ丘 豊橋市
0%
大清水 豊橋市
0%
老津 豊橋市
0%
杉山 豊橋市
0%
やぐま台 田原市
0%
豊島 田原市
0%
駅前大通 豊橋市
0%
札木 豊橋市
0%
恵美須町 大阪市
0%
前畑 豊橋市
0%
東田坂上 豊橋市
0%
東田 豊橋市
0%
赤岩口 豊橋市
0%
近鉄日本橋 大阪市
0%
金屋 名古屋市
0%
川宮 名古屋市
0%
白沢渓谷 名古屋市
0%
小幡緑地 名古屋市
0%
飯沼 中津川市
0%
阿木 中津川市
0%
極楽 恵那市
0%
飯羽間 恵那市
0%
岩村 恵那市
0%
花白温泉 恵那市
0%
山岡 恵那市
0%
野志 恵那市
0%
前平公園 美濃加茂市
0%
加茂野 美濃加茂市
0%
せきてらす前 関市
0%
松森 美濃市
0%
湯の洞温泉口 美濃市
0%
洲原 美濃市
0%
母野 郡上市
0%
木尾 郡上市
0%
みなみ子宝温泉 郡上市
0%
大矢 郡上市
0%
美並苅安 郡上市
0%
深戸 郡上市
0%
自然園前 郡上市
0%
綾ノ町 堺市
0%
徳永 郡上市
0%
万場 郡上市
0%
上万場 郡上市
0%
大中 郡上市
0%
白鳥高原 郡上市
0%
白山長滝 郡上市
0%
北濃 郡上市
0%
横屋 瑞穂市
0%
十九条 瑞穂市
0%
美江寺 瑞穂市
0%
北方真桑 本巣市
0%
モレラ岐阜 本巣市
0%
糸貫 本巣市
0%
織部 本巣市
0%
木知原 本巣市
0%
谷汲口 揖斐川町
0%
神海 本巣市
0%
高科 揖斐川町
0%
鍋原 本巣市
0%
日当 本巣市
0%
水鳥 本巣市
0%
樽見 本巣市
0%
大矢知 四日市市
0%
平津 四日市市
0%
暁学園前 四日市市
0%
山城 四日市市
0%
保々 四日市市
0%
北勢中央公園口 四日市市
0%
梅戸井 いなべ市
0%
大安 いなべ市
0%
三里 いなべ市
0%
丹生川 いなべ市
0%
伊勢治田 いなべ市
0%
東藤原 いなべ市
0%
西野尻 いなべ市
0%
西藤原 いなべ市
0%
馬道 桑名市
0%
西別所 桑名市
0%
蓮花寺 桑名市
0%
在良 桑名市
0%
七和 桑名市
0%
楚原 いなべ市
0%
麻生田 いなべ市
0%
阿下喜 いなべ市
0%
玉垣 鈴鹿市
0%
神明町 堺市
0%
中瀬古 鈴鹿市
0%
伊勢上野 津市
0%
河芸 津市
0%
東一身田 津市
0%
田原本 川西町
0%
寺地町 堺市
0%
岡町 豊中市
0%
三日市町 河内長野市
0%
四十九 伊賀市
0%
電気ビル前 富山市
0%
地鉄ビル前 富山市
0%
鳥居前 生駒市
0%
近鉄丹波橋 京都市
0%
丹波橋 京都市
0%
深日町 岬町
0%
伏見桃山 京都市
0%
中町(西町北) 富山市
0%
米野 名古屋市
0%
三宮 神戸市
0%
ささしまライブ 名古屋市
0%
岸里玉出 大阪市
0%
東玉出 大阪市
0%
粉浜 大阪市
0%
東粉浜 大阪市
0%
住吉大社 大阪市
0%
花隈 神戸市
0%
浜寺駅前 堺市
0%
なかもず 堺市
0%
フジテック前 彦根市
0%
鳥居本 彦根市
0%
尼子 甲良町
0%
愛知川 愛荘町
0%
五箇荘 東近江市
0%
河辺の森 東近江市
0%
八日市 東近江市
0%
長谷野 東近江市
0%
京セラ前 東近江市
0%
朝日大塚 東近江市
0%
朝日野 東近江市
0%
水口松尾 甲賀市
0%
水口 甲賀市
0%
水口石橋 甲賀市
0%
水口城南 甲賀市
0%
太郎坊宮前 東近江市
0%
市辺 東近江市
0%
西元町 神戸市
0%
汐見橋 大阪市
0%
紫香楽宮跡 甲賀市
0%
雲井 甲賀市
0%
勅旨 甲賀市
0%
玉桂寺前 甲賀市
0%
信楽 甲賀市
0%
トロッコ保津峡 京都市
0%
元田中 京都市
0%
一乗寺 京都市
0%
宝ヶ池 京都市
0%
三宅八幡 京都市
0%
西松任 白山市
0%
木野 京都市
0%
市原 京都市
0%
二ノ瀬 京都市
0%
貴船口 京都市
0%
鞍馬 京都市
0%
下天津 福知山市
0%
公庄 福知山市
0%
大江高校前 福知山市
0%
二俣 福知山市
0%
辛皮 宮津市
0%
喜多 宮津市
0%
宮村 宮津市
0%
岩滝口 宮津市
0%
峰山 京丹後市
0%
夕日ヶ浦木津温泉 京丹後市
0%
小天橋 京丹後市
0%
かぶと山 京丹後市
0%
国際会館 京都市
0%
鞍馬口 京都市
0%
くいな橋 京都市
0%
蹴上 京都市
0%
二条城前 京都市
0%
西大路御池 京都市
0%
太秦天神川 京都市
0%
西大路三条 京都市
0%
嵐電天神川 京都市
0%
蚕ノ社 京都市
0%
帷子ノ辻 京都市
0%
有栖川 京都市
0%
車折神社 京都市
0%
鹿王院 京都市
0%
大開 神戸市
0%
鳴滝 京都市
0%
宇多野 京都市
0%
御室仁和寺 京都市
0%
妙心寺 京都市
0%
龍安寺 京都市
0%
等持院・立命館大学衣笠キャンパス前 京都市
0%
高速長田 神戸市
0%
桃山台 吹田市
0%
緑地公園 豊中市
0%
西代 神戸市
0%
湊川 神戸市
0%
鵯越 神戸市
0%
鈴蘭台 神戸市
0%
北鈴蘭台 神戸市
0%
妙見口 豊能町
0%
深井 堺市
0%
泉ヶ丘 堺市
0%
栂・美木多 堺市
0%
光明池 堺市
0%
近義の里 貝塚市
0%
名越 貝塚市
0%
三ツ松 貝塚市
0%
水間観音 貝塚市
0%
博労町 米子市
0%
西田辺 大阪市
0%
あびこ 大阪市
0%
北花田 堺市
0%
太子橋今市 大阪市
0%
千林大宮 大阪市
0%
関目高殿 大阪市
0%
野江内代 大阪市
0%
都島 大阪市
0%
谷町四丁目 大阪市
0%
谷町六丁目 大阪市
0%
谷町九丁目 大阪市
0%
四天王寺前夕陽ヶ丘 大阪市
0%
文の里 大阪市
0%
田辺 大阪市
0%
駒川中野 大阪市
0%
喜連瓜破 大阪市
0%
四ツ橋 大阪市
0%
玉出 大阪市
0%
住之江公園 大阪市
0%
コスモスクエア 大阪市
0%
朝潮橋 大阪市
0%
高松町 境港市
0%
緑橋 大阪市
0%
西長堀 大阪市
0%
新深江 大阪市
0%
小路 大阪市
0%
北巽 大阪市
0%
南巽 大阪市
0%
西大橋 大阪市
0%
馬場崎町 境港市
0%
今福鶴見 大阪市
0%
横堤 大阪市
0%
鶴見緑地 大阪市
0%
中ふ頭 大阪市
0%
ポートタウン西 大阪市
0%
ポートタウン東 大阪市
0%
南港口 大阪市
0%
大阪空港 豊中市
0%
宇野辺 茨木市
0%
沢良宜 茨木市
0%
公園東口 吹田市
0%
阪大病院前 茨木市
0%
彩都西 茨木市
0%
松虫 大阪市
0%
東天下茶屋 大阪市
0%
北畠 大阪市
0%
姫松 大阪市
0%
帝塚山三丁目 大阪市
0%
帝塚山四丁目 大阪市
0%
神ノ木 大阪市
0%
今船 大阪市
0%
秋鹿町 松江市
0%
北天下茶屋 大阪市
0%
聖天坂 大阪市
0%
天神ノ森 大阪市
0%
塚西 大阪市
0%
細井川 大阪市
0%
大津町 出雲市
0%
我孫子道 大阪市
0%
大和川 堺市
0%
高須神社 堺市
0%
東中央町 岡山市
0%
妙国寺前 堺市
0%
花田口 堺市
0%
大小路 堺市
0%
宿院 堺市
0%
茶屋町 倉敷市
0%
御陵前 堺市
0%
東湊 堺市
0%
山の街 神戸市
0%
上の町 倉敷市
0%
谷上 神戸市
0%
花山 神戸市
0%
大池 神戸市
0%
神鉄六甲 神戸市
0%
唐櫃台 神戸市
0%
有馬温泉 神戸市
0%
五社 神戸市
0%
岡場 神戸市
0%
田尾寺 神戸市
0%
二郎 神戸市
0%
道場南口 神戸市
0%
神鉄道場 神戸市
0%
フラワータウン 三田市
0%
南ウッディタウン 三田市
0%
ウッディタウン中央 三田市
0%
鈴蘭台西口 神戸市
0%
西鈴蘭台 神戸市
0%
藍那 神戸市
0%
押部谷 神戸市
0%
広野ゴルフ場前 三木市
0%
恵比須 三木市
0%
樫山 小野市
0%
葉多 小野市
0%
千里中央 豊中市
0%
東須磨 神戸市
0%
月見山 神戸市
0%
山陽須磨 神戸市
0%
須磨浦公園 神戸市
0%
山陽塩屋 神戸市
0%
滝の茶屋 神戸市
0%
東垂水 神戸市
0%
山陽垂水 神戸市
0%
関目 大阪市
0%
関目成育 大阪市
0%
西舞子 神戸市
0%
大蔵谷 明石市
0%
人丸前 明石市
0%
西新町 明石市
0%
林崎松江海岸 明石市
0%
藤江 明石市
0%
中八木 明石市
0%
江井ヶ島 明石市
0%
西江井ヶ島 明石市
0%
的場町 広島市
0%
山陽魚住 明石市
0%
東二見 明石市
0%
西二見 明石市
0%
浜の宮 加古川市
0%
尾上の松 加古川市
0%
山陽曽根 高砂市
0%
大塩 姫路市
0%
銀山町 広島市
0%
的形 姫路市
0%
八家 姫路市
0%
白浜の宮 姫路市
0%
妻鹿 姫路市
0%
飾磨 姫路市
0%
手柄 姫路市
0%
西飾磨 姫路市
0%
夢前川 姫路市
0%
広畑 姫路市
0%
山陽天満 姫路市
0%
平松 姫路市
0%
日生中央 猪名川町
0%
胡町 広島市
0%
網引 加西市
0%
田原 加西市
0%
法華口 加西市
0%
大日 守口市
0%
宮本武蔵 美作市
0%
山郷 智頭町
0%
恋山形 智頭町
0%
播磨下里 加西市
0%
播磨横田 加西市
0%
北条町 加西市
0%
苔縄 上郡町
0%
河野原円心 上郡町
0%
大江橋 大阪市
0%
立町 広島市
0%
淀屋橋 大阪市
0%
久崎 佐用町
0%
渡辺橋 大阪市
0%
平福 佐用町
0%
板宿 神戸市
0%
烏丸 京都市
0%
袋町 広島市
0%
名谷 神戸市
0%
総合運動公園 神戸市
0%
学園都市 神戸市
0%
伊川谷 神戸市
0%
西神南 神戸市
0%
湊川公園 神戸市
0%
上沢 神戸市
0%
新長田 神戸市
0%
駒ヶ林 神戸市
0%
苅藻 神戸市
0%
学門 御坊市
0%
淡路 大阪市
0%
田中口 和歌山市
0%
日前宮 和歌山市
0%
竈山 和歌山市
0%
交通センター前 和歌山市
0%
岡崎前 和歌山市
0%
吉礼 和歌山市
0%
伊太祈曽 和歌山市
0%
山東 和歌山市
0%
大池遊園 紀の川市
0%
甘露寺前 紀の川市
0%
貴志 紀の川市
0%
井高野 大阪市
0%
だいどう豊里 大阪市
0%
新森古市 大阪市
0%
JR淡路 大阪市
0%
栗田 宮津市
0%
丹後由良 宮津市
0%
四所 舞鶴市
0%
因幡船岡 八頭町
0%
八頭町
0%
安部 八頭町
0%
八東 八頭町
0%
徳丸 八頭町
0%
丹比 八頭町
0%
本川町 広島市
0%
武志 出雲市
0%
川跡 出雲市
0%
大寺 出雲市
0%
美談 出雲市
0%
旅伏 出雲市
0%
雲州平田 出雲市
0%
布崎 出雲市
0%
出雲市
0%
一畑口 出雲市
0%
伊野灘 出雲市
0%
津ノ森 松江市
0%
高ノ宮 松江市
0%
十日市町 広島市
0%
長江 松江市
0%
朝日ヶ丘 松江市
0%
湖遊館新駅 出雲市
0%
遙堪 出雲市
0%
浜山公園北口 出雲市
0%
御崎公園 神戸市
0%
西富井 倉敷市
0%
和田岬 神戸市
0%
弥生 倉敷市
0%
ハーバーランド 神戸市
0%
三菱自工前 倉敷市
0%
川辺宿 倉敷市
0%
備中呉妹 倉敷市
0%
旧居留地・大丸前 神戸市
0%
早雲の里荏原 井原市
0%
貿易センター 神戸市
0%
いずえ 井原市
0%
子守唄の里高屋 井原市
0%
ポートターミナル 神戸市
0%
湯野 福山市
0%
ドーム前 大阪市
0%
県庁通り 岡山市
0%
小橋 岡山市
0%
中納言 岡山市
0%
西屋敷 宇佐市
0%
郵便局前 岡山市
0%
新西大寺町筋 岡山市
0%
大雲寺前 岡山市
0%
小網町 広島市
0%
清輝橋 岡山市
0%
城北 広島市
0%
みなとじま 神戸市
0%
市民広場 神戸市
0%
不動院前 広島市
0%
祇園新橋北 広島市
0%
医療センター 神戸市
0%
ドーム前千代崎 大阪市
0%
毘沙門台 広島市
0%
安東 広島市
0%
上安 広島市
0%
高取 広島市
0%
長楽寺 広島市
0%
広島市
0%
南公園 神戸市
0%
中埠頭 神戸市
0%
広域公園前 広島市
0%
天満町 広島市
0%
西観音町 広島市
0%
北埠頭 神戸市
0%
福島町 広島市
0%
舟入本町 広島市
0%
紙屋町東 広島市
0%
舟入幸町 広島市
0%
中電前 広島市
0%
南魚崎 神戸市
0%
鷹野橋 広島市
0%
日赤病院前 広島市
0%
御幸橋 広島市
0%
皆実町六丁目 広島市
0%
広大附属学校前 広島市
0%
県病院前 広島市
0%
宇品二丁目 広島市
0%
宇品三丁目 広島市
0%
宇品四丁目 広島市
0%
海岸通 広島市
0%
元宇品口 広島市
0%
紙屋町西 広島市
0%
舟入川口町 広島市
0%
寺町 広島市
0%
アイランド北口 神戸市
0%
塩町 三次市
0%
錦町 岩国市
0%
東高須 広島市
0%
古江 広島市
0%
草津南 広島市
0%
修大協創中高前 広島市
0%
佐伯区役所前 広島市
0%
山陽女学園前 廿日市市
0%
西11丁目 札幌市
0%
地御前 廿日市市
0%
阿品東 廿日市市
0%
中央区役所前 札幌市
0%
宮島ボートレース場 廿日市市
0%
江ノ島 藤沢市
0%
段原一丁目 広島市
0%
比治山下 広島市
0%
比治山橋 広島市
0%
南区役所前 広島市
0%
皆実町二丁目 広島市
0%
木太町 高松市
0%
瓦町 高松市
0%
舟入南 広島市
0%
横川一丁目 広島市
0%
別院前 広島市
0%
女学院前 広島市
0%
縮景園前 広島市
0%
家庭裁判所前 広島市
0%
守内かさ神 岩国市
0%
南河内 岩国市
0%
行波 岩国市
0%
椋野 岩国市
0%
清流みはらし 岩国市
0%
南桑 岩国市
0%
根笠 岩国市
0%
河山 岩国市
0%
柳ケ浦 宇佐市
0%
古町 松山市
0%
宍喰 海陽町
0%
甲浦 東洋町
0%
宮田町 松山市
0%
栗林公園 高松市
0%
伏石 高松市
0%
仏生山 高松市
0%
一宮 高松市
0%
円座 高松市
0%
挿頭丘 綾川町
0%
畑田 綾川町
0%
綾川町
0%
滝宮 綾川町
0%
羽床 綾川町
0%
栗熊 丸亀市
0%
木屋町 松山市
0%
羽間 まんのう町
0%
榎井 琴平町
0%
林道 高松市
0%
木太東口 高松市
0%
水田 高松市
0%
西前田 高松市
0%
池戸 三木町
0%
農学部前 三木町
0%
平木 三木町
0%
学園通り 三木町
0%
井戸 三木町
0%
公文明 三木町
0%
今橋 高松市
0%
松島二丁目 高松市
0%
沖松島 高松市
0%
春日川 高松市
0%
潟元 高松市
0%
八栗 高松市
0%
六万寺 高松市
0%
宇奈月 黒部市
0%
房前 高松市
0%
高砂町 松山市
0%
土居田 松山市
0%
余戸 松山市
0%
鎌田 松山市
0%
古泉 松前町
0%
清水町 松山市
0%
鉄砲町 松山市
0%
郡中 伊予市
0%
梅津寺 松山市
0%
港山 松山市
0%
三津 松山市
0%
山西 松山市
0%
西衣山 松山市
0%
衣山 松山市
0%
勝山町 松山市
0%
石手川公園 松山市
0%
いよ立花 松山市
0%
福音寺 松山市
0%
北久米 松山市
0%
久米 松山市
0%
鷹ノ子 松山市
0%
梅本 松山市
0%
牛渕 東温市
0%
田窪 東温市
0%
見奈良 東温市
0%
愛大医学部南口 東温市
0%
横河原 東温市
0%
南堀端 松山市
0%
南町 松山市
0%
本町六丁目 松山市
0%
卯之町 西予市
0%
知寄町 高知市
0%
宝永町 高知市
0%
赤十字病院前 松山市
0%
平和通一丁目 松山市
0%
警察署前 松山市
0%
菜園場町 高知市
0%
大街道 松山市
0%
曙町 高知市
0%
道後公園 松山市
0%
道後温泉 松山市
0%
本町五丁目 松山市
0%
本町四丁目 松山市
0%
本町三丁目 松山市
0%
荷稲 黒潮町
0%
伊与喜 黒潮町
0%
土佐佐賀 黒潮町
0%
佐賀公園 黒潮町
0%
土佐白浜 黒潮町
0%
有井川 黒潮町
0%
土佐上川口 黒潮町
0%
海の王迎 黒潮町
0%
浮鞭 黒潮町
0%
土佐入野 黒潮町
0%
西大方 黒潮町
0%
古津賀 四万十市
0%
中村 四万十市
0%
具同 四万十市
0%
有岡 四万十市
0%
工業団地 宿毛市
0%
後免町 南国市
0%
立田 南国市
0%
のいち 香南市
0%
よしかわ 香南市
0%
あかおか 香南市
0%
香我美 香南市
0%
夜須 香南市
0%
西分 芸西村
0%
和食 芸西村
0%
赤野 安芸市
0%
穴内 安芸市
0%
あき総合病院前 安芸市
0%
伊尾木 安芸市
0%
唐浜 安田町
0%
後免中町 南国市
0%
後免西町 南国市
0%
東工業前 南国市
0%
住吉通 南国市
0%
小篭通 南国市
0%
山田西町 香美市
0%
明見橋 高知市
0%
清和学園前 高知市
0%
領石通 高知市
0%
舟戸 高知市
0%
鹿児 高知市
0%
田辺島通 高知市
0%
東新木 高知市
0%
介良通 高知市
0%
文珠通 高知市
0%
県立美術館通 高知市
0%
西高須 高知市
0%
知寄町三丁目 高知市
0%
石原町 北九州市
0%
知寄町一丁目 高知市
0%
唐人町 福岡市
0%
デンテツターミナルビル前 高知市
0%
はりまや橋 高知市
0%
堀詰 高知市
0%
大橋通 高知市
0%
グランド通 高知市
0%
枡形 高知市
0%
上町二丁目 高知市
0%
上町四丁目 高知市
0%
上町五丁目 高知市
0%
旭町三丁目 高知市
0%
蛍橋 高知市
0%
鏡川橋 高知市
0%
鴨部 高知市
0%
原町 粕屋町
0%
咥内 高知市
0%
宇治団地前 いの町
0%
八代通 いの町
0%
伊野商業前 いの町
0%
北内 いの町
0%
鳴谷 いの町
0%
マリンパーク 神戸市
0%
梅の辻 高知市
0%
桟橋通一丁目 高知市
0%
桟橋通二丁目 高知市
0%
桟橋通三丁目 高知市
0%
桟橋通四丁目 高知市
0%
桟橋車庫前 高知市
0%
大板井 小郡市
0%
今隈 小郡市
0%
西太刀洗 大刀洗町
0%
山隈 筑前町
0%
太刀洗 筑前町
0%
あかぢ 小竹町
0%
藤棚 直方市
0%
中泉 直方市
0%
ふれあい生力 福智町
0%
人見 福智町
0%
金田 福智町
0%
上金田 福智町
0%
田川市
0%
下伊田 田川市
0%
豊前大熊 糸田町
0%
大藪 田川市
0%
上伊田 田川市
0%
勾金 香春町
0%
柿下温泉口 香春町
0%
内田 赤村
0%
源じいの森 赤村
0%
崎山 みやこ町
0%
犀川 みやこ町
0%
東犀川三四郎 みやこ町
0%
新豊津 みやこ町
0%
今川河童 行橋市
0%
美夜古泉 行橋市
0%
東比恵 福岡市
0%
中洲川端 福岡市
0%
天神 福岡市
0%
大濠公園 福岡市
0%
若葉町 長崎市
0%
室見 福岡市
0%
馬出九大病院前 福岡市
0%
箱崎宮前 福岡市
0%
箱崎九大前 福岡市
0%
次郎丸 福岡市
0%
賀茂 福岡市
0%
福大前 福岡市
0%
茶山 福岡市
0%
六本松 福岡市
0%
桜坂 福岡市
0%
薬院大通 福岡市
0%
渡辺通 福岡市
0%
天神南 福岡市
0%
櫛田神社前 福岡市
0%
平和通 北九州市
0%
旦過 北九州市
0%
片野 北九州市
0%
守恒 北九州市
0%
徳力公団前 北九州市
0%
徳力嵐山口 北九州市
0%
企救丘 北九州市
0%
西黒崎 北九州市
0%
熊西 北九州市
0%
穴生 北九州市
0%
永犬丸 北九州市
0%
三ヶ森 北九州市
0%
通谷 中間市
0%
希望が丘高校前 中間市
0%
筑豊香月 北九州市
0%
楠橋 北九州市
0%
新木屋瀬 北九州市
0%
木屋瀬 北九州市
0%
遠賀野 直方市
0%
感田 直方市
0%
三代橋 有田町
0%
茂里町 長崎市
0%
蔵宿 有田町
0%
大木 有田町
0%
山谷 有田町
0%
夫婦石 有田町
0%
金武 伊万里市
0%
東山代 伊万里市
0%
伊万里市
0%
楠久 伊万里市
0%
鳴石 伊万里市
0%
久原 伊万里市
0%
波瀬 伊万里市
0%
浦ノ崎 伊万里市
0%
福島口 伊万里市
0%
今福 松浦市
0%
鷹島口 松浦市
0%
前浜 松浦市
0%
調川 松浦市
0%
西木場 松浦市
0%
東田平 平戸市
0%
中田平 平戸市
0%
西田平 平戸市
0%
すえたちばな 佐世保市
0%
銭座町 長崎市
0%
潜竜ヶ滝 佐世保市
0%
清峰高校前 佐々町
0%
小浦 佐々町
0%
真申 佐世保市
0%
棚方 佐世保市
0%
相浦 佐世保市
0%
大学 佐世保市
0%
上相浦 佐世保市
0%
中里 佐世保市
0%
皆瀬 佐世保市
0%
野中 佐世保市
0%
左石 佐世保市
0%
泉福寺 佐世保市
0%
山の田 佐世保市
0%
諫早市
0%
干拓の里 諫早市
0%
森山 諫早市
0%
釜ノ鼻 諫早市
0%
阿母崎 雲仙市
0%
吾妻 雲仙市
0%
古部 雲仙市
0%
西郷 雲仙市
0%
多比良 雲仙市
0%
有明湯江 島原市
0%
大三東 島原市
0%
霊丘公園体育館 島原市
0%
赤迫 長崎市
0%
八千代町 長崎市
0%
岩屋橋 長崎市
0%
浦上車庫 長崎市
0%
原爆資料館 長崎市
0%
大学病院 長崎市
0%
五島町 長崎市
0%
西浜町 長崎市
0%
新中川町 長崎市
0%
新大工町 長崎市
0%
大波止 長崎市
0%
出島 長崎市
0%
新地中華街 長崎市
0%
観光通 長崎市
0%
思案橋 長崎市
0%
崇福寺 長崎市
0%
蛍茶屋 長崎市
0%
諏訪神社 長崎市
0%
市役所 長崎市
0%
めがね橋 長崎市
0%
浜町アーケード 長崎市
0%
メディカルセンター 長崎市
0%
大浦海岸通 長崎市
0%
亀井 熊本市
0%
八景水谷 熊本市
0%
堀川 熊本市
0%
新須屋 合志市
0%
須屋 合志市
0%
三ツ石 合志市
0%
再春医療センター前 合志市
0%
御代志 合志市
0%
韓々坂 熊本市
0%
打越 熊本市
0%
坪井川公園 熊本市
0%
長陽 南阿蘇村
0%
加勢 南阿蘇村
0%
阿蘇下田城 南阿蘇村
0%
中松 南阿蘇村
0%
見晴台 南阿蘇村
0%
相良藩願成寺 人吉市
0%
肥後西村 錦町
0%
一武 錦町
0%
木上 錦町
0%
おかどめ幸福 あさぎり町
0%
東免田 あさぎり町
0%
公立病院前 多良木町
0%
新鶴羽 多良木町
0%
肥後高田 八代市
0%
肥後二見 八代市
0%
上田浦 芦北町
0%
たのうら御立岬公園 芦北町
0%
肥後田浦 芦北町
0%
海浦 芦北町
0%
佐敷 芦北町
0%
湯浦 芦北町
0%
黒髪町 熊本市
0%
水俣市
0%
米ノ津 出水市
0%
高尾野 出水市
0%
野田郷 出水市
0%
折口 阿久根市
0%
牛ノ浜 阿久根市
0%
薩摩大川 阿久根市
0%
西方 薩摩川内市
0%
薩摩高城 薩摩川内市
0%
草道 薩摩川内市
0%
上川内 薩摩川内市
0%
田崎橋 熊本市
0%
二本木口 熊本市
0%
辛島町 熊本市
0%
祇園橋 熊本市
0%
花畑町 熊本市
0%
慶徳校前 熊本市
0%
水道町 熊本市
0%
健軍町 熊本市
0%
通町筋 熊本市
0%
交通局前 熊本市
0%
味噌天神前 熊本市
0%
市立体育館前 熊本市
0%
商業高校前 熊本市
0%
八丁馬場 熊本市
0%
神水交差点 熊本市
0%
健軍校前 熊本市
0%
動植物園入口 熊本市
0%
健軍交番前 熊本市
0%
蔚山町 熊本市
0%
県立体育館前 熊本市
0%
本妙寺入口 熊本市
0%
杉塘 熊本市
0%
西辛島町 熊本市
0%
洗馬橋 熊本市
0%
桜島桟橋通 鹿児島市
0%
水族館口 鹿児島市
0%
いづろ通 鹿児島市
0%
天文館通 鹿児島市
0%
高見馬場 鹿児島市
0%
甲東中学校前 鹿児島市
0%
新屋敷 鹿児島市
0%
武之橋 鹿児島市
0%
二中通 鹿児島市
0%
荒田八幡 鹿児島市
0%
騎射場 鹿児島市
0%
郡元南 鹿児島市
0%
涙橋 鹿児島市
0%
福島今町 串間市
0%
宇宿一丁目 鹿児島市
0%
笹貫 鹿児島市
0%
上塩屋 鹿児島市
0%
高見橋 鹿児島市
0%
都通 鹿児島市
0%
中洲通 鹿児島市
0%
神田(交通局前) 鹿児島市
0%
唐湊 鹿児島市
0%
工学部前 鹿児島市
0%
西堀端 松山市
0%
赤嶺 那覇市
0%
小禄 那覇市
0%
奥武山公園 那覇市
0%
壺川 那覇市
0%
旭橋 那覇市
0%
美栄橋 那覇市
0%
牧志 那覇市
0%
安里 那覇市
0%
おもろまち 那覇市
0%
古島 那覇市
0%
儀保 那覇市
0%
石嶺 那覇市
0%
経塚 浦添市
0%
てだこ浦西 浦添市
0%
本町一丁目 松山市
0%
ノーフォーク広場 北九州市
0%
No matching quizzes found
Score Distribution
Percent of People with Each Score
Percentile by Number Answered
Your Score History
You have not taken this quiz since the last reset